Statistiques concernant Trouvez la ville française aléatoire avec des indices de couleur

Cliquez ici pour prendre le quiz!

Statistiques générales

  • Ce quiz a été pris 29 114 fois
  • Le résultat moyen est 23 sur 96

Réponses sur la Carte

Les réponses sont colorées sur une échelle allant du rouge au vert en fonction du pourcentage des utilisateurs qui les ont devinées à leur premier essai. Vous pouvez retrouver ces pourcentages ci-dessous.
 

Statistiques - réponses

VilleVille% Correct
VilleAmiens
100%
VilleArras
100%
VilleBeauvais
100%
VilleBourg-en-Bresse
100%
VilleClermont-Ferrand
100%
VilleLille
100%
VilleNantes
100%
VilleParis
100%
VilleParis
100%
VilleParis
100%
VilleRouen
100%
VilleParis
97%
VilleParis
97%
VilleParis
97%
VilleParis
97%
VilleParis
96%
VilleParis
96%
VilleParis
96%
VilleParis
96%
VilleParis
96%
VilleParis
96%
VilleParis
96%
VilleParis
96%
VilleParis
95%
VilleAgen
94%
Ville Ajaccio
94%
VilleAlbi
94%
VilleAlençon
94%
VilleAngers
94%
VilleAngoulême
94%
VilleAnnecy
94%
VilleAuch
94%
VilleAurillac
94%
VilleAuxerre
94%
VilleAvignon
94%
VilleBar-le-Duc
94%
VilleBastia
94%
VilleBelfort
94%
VilleBesançon
94%
VilleBlois
94%
VilleBobigny
94%
VilleBordeaux
94%
VilleBourges
94%
VilleCaen
94%
VilleCahors
94%
VilleCarcassonne
94%
VilleCergy
94%
VilleChâlons-en-Champagne
94%
VilleChambéry
94%
VilleCharleville-Mézières
94%
VilleChartres
94%
VilleChâteauroux
94%
VilleChaumont
94%
VilleColmar
94%
VilleCréteil
94%
VilleDigne-les-Bains
94%
VilleDijon
94%
VilleÉpinal
94%
VilleÉvreux
94%
VilleÉvry-Courcouronnes
94%
VilleFoix
94%
VilleGap
94%
VilleGrenoble
94%
VilleGuéret
94%
VilleLaon
94%
VilleLa Rochelle
94%
VilleLa Roche-sur-Yon
94%
VilleLaval
94%
VilleLe Mans
94%
VilleLe Puy-en-Velay
94%
VilleLimoges
94%
VilleLons-le-Saunier
94%
VilleLyon
94%
VilleMâcon
94%
VilleMarseille
94%
VilleMarseille
94%
VilleMelun
94%
VilleMende
94%
VilleMetz
94%
VilleMontauban
94%
VilleMont-de-Marsan
94%
VilleMontpellier
94%
VilleMoulins
94%
VilleNancy
94%
VilleNanterre
94%
VilleNevers
94%
VilleNice
94%
VilleNîmes
94%
VilleNiort
94%
VilleOrléans
94%
VilleParis
94%
VilleParis
94%
VilleParis
94%
VilleParis
94%
VillePau
94%
VillePérigueux
94%
VillePerpignan
94%
VillePoitiers
94%
VillePrivas
94%
VilleQuimper
94%
VilleRennes
94%
VilleRodez
94%
VilleSaint-Brieuc
94%
VilleSaint-Étienne
94%
VilleSaint-Lô
94%
VilleStrasbourg
94%
VilleTarbes
94%
VilleToulon
94%
VilleToulouse
94%
VilleTours
94%
VilleTroyes
94%
VilleTulle
94%
VilleValence
94%
VilleVannes
94%
VilleVersailles
94%
VilleVesoul
94%
VilleVille mystère (Paris)
94%
VilleMarseille
93%
VilleParis
93%
VilleParis
93%
VilleParis
93%
VilleParis
93%
VilleParis
93%
VilleToulouse
93%
VilleParis
92%
VilleNice
91%
VilleParis
91%
VilleParis
91%
VilleParis
91%
VilleParis
91%
VilleParis
91%
VilleChambéry
90%
VilleMontpellier
90%
VilleNancy
90%
VilleNantes
90%
VilleOrléans
90%
VilleParis
90%
VilleParis
90%
VilleParis
90%
VilleParis
90%
VilleParis
90%
VilleParis
90%
VilleToulon
90%
VilleLyon
89%
VilleOrléans
89%
VilleParis
89%
VilleParis
89%
VilleParis
89%
VilleParis
89%
VilleParis
89%
VilleParis
89%
VilleTours
89%
VilleBordeaux
88%
VilleDijon
88%
VilleLille
88%
VilleMontpellier
88%
VilleNancy
88%
VilleParis
88%
VilleParis
88%
VilleParis
88%
VilleStrasbourg
88%
VilleLyon
87%
VilleParis
87%
VilleParis
87%
VilleParis
87%
VilleAgen
86%
Ville Ajaccio
86%
VilleAlbi
86%
VilleAlençon
86%
VilleAmiens
86%
VilleAngers
86%
VilleAngers
86%
VilleAngoulême
86%
VilleAnnecy
86%
VilleArras
86%
VilleAuch
86%
VilleAurillac
86%
VilleAuxerre
86%
VilleAvignon
86%
VilleBar-le-Duc
86%
VilleBastia
86%
VilleBeauvais
86%
VilleBelfort
86%
VilleBesançon
86%
VilleBlois
86%
VilleBlois
86%
VilleBobigny
86%
VilleBordeaux
86%
VilleBordeaux
86%
VilleBourg-en-Bresse
86%
VilleBourg-en-Bresse
86%
VilleBourges
86%
VilleCaen
86%
VilleCahors
86%
VilleCarcassonne
86%
VilleCergy
86%
VilleChâlons-en-Champagne
86%
VilleCharleville-Mézières
86%
VilleChartres
86%
VilleChâteauroux
86%
VilleChaumont
86%
VilleClermont-Ferrand
86%
VilleColmar
86%
VilleCréteil
86%
VilleDigne-les-Bains
86%
VilleDijon
86%
VilleÉpinal
86%
VilleÉvreux
86%
VilleÉvry-Courcouronnes
86%
VilleFoix
86%
VilleGap
86%
VilleGrenoble
86%
VilleGrenoble
86%
VilleGuéret
86%
VilleLaon
86%
VilleLa Rochelle
86%
VilleLa Roche-sur-Yon
86%
VilleLaval
86%
VilleLe Mans
86%
VilleLe Mans
86%
VilleLe Puy-en-Velay
86%
VilleLille
86%
VilleLimoges
86%
VilleLimoges
86%
VilleLons-le-Saunier
86%
VilleLyon
86%
VilleMâcon
86%
VilleMelun
86%
VilleMende
86%
VilleMetz
86%
VilleMontauban
86%
VilleMont-de-Marsan
86%
VilleMoulins
86%
VilleNanterre
86%
VilleNantes
86%
VilleNevers
86%
VilleNice
86%
VilleNice
86%
VilleNîmes
86%
VilleNiort
86%
VilleParis
86%
VilleParis
86%
VilleParis
86%
VilleParis
86%
VilleParis
86%
VilleParis
86%
VilleParis
86%
VillePau
86%
VillePérigueux
86%
VillePerpignan
86%
VillePoitiers
86%
VillePrivas
86%
VilleQuimper
86%
Ville Quimper
86%
VilleRennes
86%
VilleRodez
86%
VilleRouen
86%
VilleSaint-Brieuc
86%
VilleSaint-Étienne
86%
VilleSaint-Lô
86%
VilleStrasbourg
86%
VilleTarbes
86%
VilleToulouse
86%
VilleTours
86%
VilleTroyes
86%
VilleTulle
86%
VilleValence
86%
VilleVannes
86%
VilleVersailles
86%
VilleVesoul
86%
VilleVille mystère (Lille)
86%
VilleMarseille
85%
VilleParis
85%
VilleParis
85%
VilleParis
85%
VilleAmiens
84%
VilleAuch
84%
VilleAvignon
84%
VilleBastia
84%
VilleBelfort
84%
VilleBesançon
84%
VilleLimoges
84%
VilleLons-le-Saunier
84%
VilleMetz
84%
VilleNîmes
84%
VilleParis
84%
VilleParis
84%
VilleParis
84%
VillePerpignan
84%
VilleRouen
84%
VilleToulon
84%
VilleVesoul
84%
VilleParis
83%
VilleParis
83%
VilleParis
83%
VilleAgen
82%
VilleAjaccio
82%
VilleAlbi
82%
VilleAlençon
82%
VilleAmiens
82%
VilleAngoulême
82%
VilleAnnecy
82%
VilleArras
82%
VilleAuch
82%
VilleAurillac
82%
VilleAuxerre
82%
VilleAvignon
82%
VilleBar-le-Duc
82%
VilleBastia
82%
VilleBeauvais
82%
VilleBelfort
82%
VilleBesançon
82%
VilleBobigny
82%
VilleBourges
82%
VilleCaen
82%
VilleCahors
82%
VilleCarcassonne
82%
VilleCergy
82%
VilleChâlons-en-Champagne
82%
VilleChambéry
82%
VilleCharleville-Mézières
82%
VilleChartres
82%
VilleChâteauroux
82%
VilleChaumont
82%
VilleClermont-Ferrand
82%
VilleColmar
82%
VilleCréteil
82%
VilleDigne-les-Bains
82%
VilleDijon
82%
VilleÉpinal
82%
VilleÉvreux
82%
VilleÉvry-Courcouronnes
82%
VilleFoix
82%
VilleGap
82%
VilleGuéret
82%
VilleLaon
82%
VilleLa Rochelle
82%
VilleLa Roche-sur-Yon
82%
VilleLaval
82%
VilleLe Puy-en-Velay
82%
VilleLons-le-Saunier
82%
VilleMâcon
82%
VilleMelun
82%
VilleMende
82%
VilleMetz
82%
VilleMontauban
82%
VilleMont-de-Marsan
82%
VilleMontpellier
82%
VilleMoulins
82%
VilleNancy
82%
VilleNanterre
82%
VilleNevers
82%
VilleNîmes
82%
VilleNiort
82%
VilleParis
82%
VilleParis
82%
VilleParis
82%
VillePau
82%
VillePérigueux
82%
VillePerpignan
82%
VillePoitiers
82%
VillePrivas
82%
VilleRennes
82%
VilleRodez
82%
VilleRouen
82%
VilleSaint-Brieuc
82%
VilleSaint-Étienne
82%
VilleSaint-Lô
82%
VilleStrasbourg
82%
VilleTarbes
82%
VilleToulon
82%
VilleTroyes
82%
VilleTulle
82%
VilleValence
82%
VilleVannes
82%
VilleVersailles
82%
VilleVesoul
82%
VilleVille mystère (Marseille)
82%
VilleAgen
81%
VilleAjaccio
81%
VilleAlbi
81%
VilleAlençon
81%
VilleAngers
81%
VilleAngoulême
81%
VilleAnnecy
81%
VilleArras
81%
VilleAurillac
81%
VilleAuxerre
81%
VilleBar-le-Duc
81%
VilleBeauvais
81%
VilleBlois
81%
VilleBobigny
81%
VilleBourg-en-Bresse
81%
VilleBourges
81%
VilleCaen
81%
VilleCahors
81%
VilleCarcassonne
81%
VilleCergy
81%
VilleChâlons-en-Champagne
81%
VilleChambéry
81%
VilleCharleville-Mézières
81%
VilleChartres
81%
VilleChâteauroux
81%
VilleChaumont
81%
VilleClermont-Ferrand
81%
VilleColmar
81%
VilleCréteil
81%
VilleDigne-les-Bains
81%
VilleÉpinal
81%
VilleÉvreux
81%
VilleÉvry-Courcouronnes
81%
VilleFoix
81%
VilleGap
81%
VilleGrenoble
81%
VilleGuéret
81%
VilleLaon
81%
VilleLa Rochelle
81%
VilleLa Roche-sur-Yon
81%
VilleLaval
81%
VilleLe Mans
81%
VilleLe Puy-en-Velay
81%
VilleLille
81%
VilleMâcon
81%
VilleMarseille
81%
VilleMarseille
81%
VilleMelun
81%
VilleMende
81%
VilleMontauban
81%
VilleMont-de-Marsan
81%
VilleMoulins
81%
VilleNanterre
81%
VilleNantes
81%
VilleNevers
81%
VilleNiort
81%
VilleOrléans
81%
VilleParis
81%
VilleParis
81%
VilleParis
81%
VilleParis
81%
VillePau
81%
VillePérigueux
81%
VillePoitiers
81%
VillePrivas
81%
Ville Quimper
81%
VilleRennes
81%
VilleRodez
81%
VilleSaint-Brieuc
81%
VilleSaint-Étienne
81%
VilleSaint-Lô
81%
VilleTarbes
81%
VilleToulouse
81%
VilleTours
81%
VilleTroyes
81%
VilleTulle
81%
VilleValence
81%
VilleVannes
81%
VilleVersailles
81%
VilleVille mystère (Lyon)
81%
VilleLyon
80%
VilleMarseille
80%
VilleParis
80%
VilleParis
80%
VilleParis
80%
VilleLille
79%
VilleLyon
79%
VilleMarseille
79%
VilleParis
79%
VilleParis
79%
VilleParis
79%
VilleLyon
78%
VilleLyon
78%
VilleParis
78%
VilleParis
78%
VilleParis
78%
VilleLyon
77%
VilleParis
77%
VilleParis
77%
VilleMarseille
76%
VilleNantes
76%
VilleParis
76%
VilleToulouse
76%
VilleLille
75%
VilleMarseille
75%
VilleMarseille
75%
VilleNice
75%
VilleParis
75%
VilleParis
75%
VilleLyon
74%
VilleLyon
74%
VilleMarseille
74%
VilleMarseille
74%
VilleMarseille
74%
VilleNice
74%
VilleVersailles
74%
VilleLille
73%
VilleLyon
73%
VilleLyon
73%
VilleMarseille
73%
VilleMarseille
73%
VilleNice
73%
VilleOrléans
73%
VilleParis
73%
VilleParis
73%
VilleParis
73%
VilleLyon
72%
VilleNice
72%
VilleParis
72%
VilleParis
72%
VilleParis
72%
VilleParis
72%
VilleBordeaux
71%
VilleLille
71%
VilleLyon
71%
VilleMarseille
71%
VilleMarseille
71%
VilleNice
71%
VilleToulouse
71%
VilleBordeaux
70%
VilleLille
70%
VilleLille
70%
VilleLyon
70%
VilleLyon
70%
VilleMarseille
70%
VilleNice
70%
VilleRennes
70%
VilleStrasbourg
70%
VilleTours
70%
VilleLille
69%
VilleMarseille
69%
VilleStrasbourg
69%
VilleBordeaux
68%
VilleLille
68%
VilleLille
68%
VilleLille
68%
VilleMarseille
68%
VilleNantes
68%
VilleNantes
68%
VilleNantes
68%
VilleNantes
68%
VilleParis
68%
VilleRennes
68%
VilleToulouse
68%
VilleAmiens
67%
VilleCaen
67%
VilleCergy
67%
VilleClermont-Ferrand
67%
VilleDijon
67%
VilleLille
67%
VilleLyon
67%
VilleLyon
67%
VilleLyon
67%
VilleMarseille
67%
VilleNancy
67%
VilleNanterre
67%
VilleNantes
67%
VilleNice
67%
VilleNice
67%
VilleOrléans
67%
VilleParis
67%
VilleStrasbourg
67%
VilleToulouse
67%
VilleLille
66%
VilleLyon
66%
VilleLyon
66%
VilleLyon
66%
VilleMarseille
66%
VilleRennes
66%
VilleRennes
66%
VilleToulouse
66%
VilleBordeaux
65%
VilleBordeaux
65%
VilleLyon
65%
VilleNice
65%
VilleStrasbourg
65%
VilleToulouse
65%
VilleAlbi
64%
VilleAnnecy
64%
VilleAnnecy
64%
VilleBelfort
64%
VilleBesançon
64%
VilleBesançon
64%
VilleBordeaux
64%
VilleChambéry
64%
VilleColmar
64%
VilleCréteil
64%
VilleGrenoble
64%
VilleLille
64%
VilleLille
64%
VilleLimoges
64%
VilleLyon
64%
VilleMarseille
64%
VilleMarseille
64%
VilleMontauban
64%
VilleMontpellier
64%
VilleMontpellier
64%
VilleNice
64%
VilleNîmes
64%
VillePau
64%
VilleQuimper
64%
VilleRouen
64%
VilleSaint-Étienne
64%
VilleSaint-Étienne
64%
VilleStrasbourg
64%
VilleVannes
64%
VilleAngers
63%
VilleArras
63%
VilleBeauvais
63%
VilleBobigny
63%
VilleBordeaux
63%
VilleBordeaux
63%
VilleChâlons-en-Champagne
63%
VilleCharleville-Mézières
63%
VilleChartres
63%
VilleChâteauroux
63%
VilleChaumont
63%
VilleCréteil
63%
VilleDijon
63%
VilleÉvry-Courcouronnes
63%
VilleLa Roche-sur-Yon
63%
VilleLe Mans
63%
VilleLille
63%
VilleLyon
63%
VilleLyon
63%
VilleLyon
63%
VilleMarseille
63%
VilleMarseille
63%
VilleMelun
63%
VilleMetz
63%
VilleNantes
63%
VilleNîmes
63%
VilleQuimper
63%
VilleSaint-Brieuc
63%
VilleSaint-Lô
63%
VilleTours
63%
VilleTroyes
63%
VilleValence
63%
VilleVannes
63%
VilleBordeaux
62%
VilleClermont-Ferrand
62%
VilleDijon
62%
VilleGrenoble
62%
VilleLyon
62%
VilleMarseille
62%
VilleMetz
62%
VilleNice
62%
VilleNice
62%
VilleNîmes
62%
VilleRennes
62%
VilleStrasbourg
62%
VilleToulon
62%
VilleToulouse
62%
VilleAgen
61%
VilleAjaccio
61%
VilleAlençon
61%
VilleAmiens
61%
VilleAngers
61%
VilleAngoulême
61%
VilleArras
61%
VilleAuch
61%
VilleAurillac
61%
VilleAuxerre
61%
VilleAvignon
61%
VilleBar-le-Duc
61%
Ville Bastia
61%
VilleBeauvais
61%
VilleBlois
61%
VilleBobigny
61%
VilleBourg-en-Bresse
61%
VilleBourges
61%
VilleCaen
61%
VilleCahors
61%
VilleCarcassonne
61%
VilleCergy
61%
VilleChâlons-en-Champagne
61%
VilleCharleville-Mézières
61%
VilleChartres
61%
VilleChâteauroux
61%
VilleChaumont
61%
VilleDigne-les-Bains
61%
VilleDijon
61%
VilleÉpinal
61%
VilleÉvreux
61%
VilleÉvry-Courcouronnes
61%
VilleFoix
61%
VilleGap
61%
VilleGuéret
61%
VilleLaon
61%
VilleLa Rochelle
61%
VilleLa Roche-sur-Yon
61%
VilleLaval
61%
VilleLe Mans
61%
VilleLe Puy-en-Velay
61%
VilleLille
61%
VilleLille
61%
VilleLille
61%
Ville Lille
61%
VilleLille
61%
VilleLimoges
61%
VilleLons-le-Saunier
61%
VilleLyon
61%
VilleLyon
61%
VilleMâcon
61%
VilleMarseille
61%
VilleMarseille
61%
VilleMarseille
61%
VilleMelun
61%
VilleMende
61%
VilleMetz
61%
VilleMont-de-Marsan
61%
VilleMoulins
61%
VilleNancy
61%
VilleNanterre
61%
VilleNantes
61%
VilleNevers
61%
VilleNice
61%
VilleNiort
61%
VilleOrléans
61%
VillePérigueux
61%
VillePerpignan
61%
VillePoitiers
61%
VillePrivas
61%
VilleRodez
61%
VilleSaint-Brieuc
61%
VilleSaint-Étienne
61%
VilleSaint-Lô
61%
VilleTarbes
61%
VilleToulon
61%
VilleToulouse
61%
VilleToulouse
61%
VilleToulouse
61%
VilleTours
61%
VilleTroyes
61%
VilleTulle
61%
VilleValence
61%
VilleVersailles
61%
VilleVesoul
61%
VilleVille mystère (Bordeaux)
61%
VilleAnnecy
60%
VilleBesançon
60%
VilleBordeaux
60%
VilleBordeaux
60%
VilleCaen
60%
VilleChâteauroux
60%
VilleMarseille
60%
VilleMarseille
60%
VilleMarseille
60%
VilleMetz
60%
VilleNantes
60%
VilleNantes
60%
VilleNice
60%
VilleNice
60%
VilleOrléans
60%
VilleRennes
60%
VilleRouen
60%
VilleToulon
60%
VilleAgen
59%
Ville Ajaccio
59%
VilleAlbi
59%
VilleAlençon
59%
VilleAngoulême
59%
VilleAnnecy
59%
VilleAuch
59%
VilleAurillac
59%
VilleAuxerre
59%
VilleAvignon
59%
VilleAvignon
59%
VilleBar-le-Duc
59%
VilleBastia
59%
VilleBelfort
59%
VilleBelfort
59%
VilleBesançon
59%
VilleBlois
59%
VilleBordeaux
59%
VilleBordeaux
59%
VilleBordeaux
59%
VilleBourg-en-Bresse
59%
VilleBourges
59%
VilleCaen
59%
VilleCahors
59%
VilleCarcassonne
59%
VilleChambéry
59%
VilleClermont-Ferrand
59%
VilleColmar
59%
VilleColmar
59%
VilleDigne-les-Bains
59%
VilleÉpinal
59%
VilleÉvreux
59%
VilleFoix
59%
VilleGap
59%
VilleGrenoble
59%
VilleGuéret
59%
VilleLaon
59%
VilleLa Rochelle
59%
VilleLaval
59%
VilleLe Puy-en-Velay
59%
VilleLille
59%
VilleLille
59%
VilleLille
59%
VilleLimoges
59%
VilleLons-le-Saunier
59%
VilleLyon
59%
VilleLyon
59%
VilleMâcon
59%
VilleMarseille
59%
VilleMarseille
59%
VilleMarseille
59%
VilleMende
59%
VilleMende
59%
VilleMontauban
59%
VilleMont-de-Marsan
59%
VilleMontpellier
59%
VilleMoulins
59%
VilleNantes
59%
VilleNantes
59%
VilleNevers
59%
VilleNice
59%
VilleNiort
59%
VillePau
59%
VillePérigueux
59%
VillePerpignan
59%
VillePerpignan
59%
VillePoitiers
59%
VillePrivas
59%
VilleRennes
59%
VilleRennes
59%
VilleRennes
59%
VilleRodez
59%
VilleRouen
59%
VilleSaint-Étienne
59%
VilleTarbes
59%
VilleToulon
59%
VilleTours
59%
VilleTroyes
59%
VilleTulle
59%
VilleValence
59%
VilleVesoul
59%
VilleVille mystère (Rennes)
59%
VilleBordeaux
58%
VilleLille
58%
VilleLille
58%
VilleLyon
58%
VilleMarseille
58%
VilleMarseille
58%
VilleMarseille
58%
VilleMontpellier
58%
VilleNantes
58%
VilleNantes
58%
VilleNantes
58%
VilleNîmes
58%
VillePerpignan
58%
VilleQuimper
58%
VilleRennes
58%
VilleRennes
58%
VilleStrasbourg
58%
VilleStrasbourg
58%
VilleStrasbourg
58%
VilleToulouse
58%
VilleAlbi
57%
VilleAngers
57%
VilleAuxerre
57%
VilleBelfort
57%
VilleBordeaux
57%
VilleBordeaux
57%
VilleCaen
57%
VilleClermont-Ferrand
57%
VilleCréteil
57%
VilleCréteil
57%
VilleÉpinal
57%
VilleÉvry-Courcouronnes
57%
VilleGap
57%
VilleGrenoble
57%
VilleLille
57%
VilleLille
57%
VilleLille
57%
VilleLyon
57%
VilleLyon
57%
VilleMetz
57%
VilleNancy
57%
VilleNevers
57%
VilleNice
57%
VillePau
57%
VillePerpignan
57%
VilleRennes
57%
VilleStrasbourg
57%
VilleToulouse
57%
VilleToulouse
57%
VilleToulouse
57%
VilleTroyes
57%
VilleValence
57%
VilleVersailles
57%
VilleAlbi
56%
VilleAngers
56%
VilleAvignon
56%
VilleBobigny
56%
VilleBordeaux
56%
VilleBordeaux
56%
VilleBourg-en-Bresse
56%
VilleCarcassonne
56%
VilleChambéry
56%
VilleChâteauroux
56%
VilleFoix
56%
VilleLaon
56%
VilleLaval
56%
VilleLe Puy-en-Velay
56%
VilleLille
56%
VilleLille
56%
VilleLille
56%
VilleLille
56%
VilleLille
56%
VilleLyon
56%
VilleLyon
56%
VilleLyon
56%
VilleLyon
56%
VilleLyon
56%
VilleMâcon
56%
VilleMarseille
56%
VilleMarseille
56%
VilleMarseille
56%
VilleNice
56%
VilleOrléans
56%
VillePau
56%
VillePrivas
56%
VilleRennes
56%
VilleRodez
56%
VilleRouen
56%
VilleRouen
56%
VilleToulon
56%
VilleToulouse
56%
VilleToulouse
56%
VilleToulouse
56%
VilleToulouse
56%
VilleToulouse
56%
VilleVersailles
56%
VilleVesoul
56%
VilleAngoulême
55%
VilleBesançon
55%
VilleBordeaux
55%
VilleBordeaux
55%
VilleClermont-Ferrand
55%
VilleDijon
55%
VilleGrenoble
55%
VilleGrenoble
55%
VilleLille
55%
VilleLille
55%
VilleLimoges
55%
VilleLyon
55%
VilleLyon
55%
VilleMarseille
55%
VilleMarseille
55%
VilleMarseille
55%
VilleNantes
55%
VilleNantes
55%
VilleNice
55%
VilleOrléans
55%
VillePoitiers
55%
VilleRennes
55%
VilleSaint-Étienne
55%
VilleStrasbourg
55%
VilleStrasbourg
55%
VilleStrasbourg
55%
VilleStrasbourg
55%
VilleValence
55%
VilleAgen
54%
VilleAjaccio
54%
VilleAlençon
54%
VilleAmiens
54%
VilleAngers
54%
VilleAngoulême
54%
VilleArras
54%
VilleAuch
54%
VilleAurillac
54%
VilleAuxerre
54%
VilleBar-le-Duc
54%
VilleBastia
54%
VilleBeauvais
54%
VilleBlois
54%
VilleBordeaux
54%
VilleBourges
54%
VilleCaen
54%
VilleCahors
54%
VilleCergy
54%
VilleChâlons-en-Champagne
54%
VilleCharleville-Mézières
54%
VilleChartres
54%
VilleChaumont
54%
VilleCréteil
54%
VilleDigne-les-Bains
54%
VilleÉpinal
54%
VilleÉvreux
54%
VilleÉvry-Courcouronnes
54%
VilleGap
54%
VilleGrenoble
54%
VilleGuéret
54%
VilleLa Rochelle
54%
VilleLa Roche-sur-Yon
54%
VilleLe Mans
54%
VilleLe Mans
54%
VilleLimoges
54%
VilleLimoges
54%
VilleLons-le-Saunier
54%
VilleLyon
54%
VilleLyon
54%
VilleLyon
54%
VilleMarseille
54%
VilleMelun
54%
VilleMontauban
54%
VilleMont-de-Marsan
54%
VilleMoulins
54%
VilleNancy
54%
VilleNanterre
54%
VilleNantes
54%
VilleNevers
54%
VilleNiort
54%
VillePérigueux
54%
VillePoitiers
54%
Ville Quimper
54%
Ville Quimper
54%
VilleRennes
54%
VilleRennes
54%
VilleRouen
54%
VilleSaint-Brieuc
54%
VilleSaint-Lô
54%
VilleTarbes
54%
VilleToulon
54%
VilleToulouse
54%
VilleTours
54%
VilleTours
54%
VilleTroyes
54%
VilleTulle
54%
VilleVannes
54%
VilleVersailles
54%
VilleVersailles
54%
VilleVille mystère (Nice)
54%
VilleAgen
53%
VilleAjaccio
53%
VilleAlençon
53%
VilleAmiens
53%
VilleAngoulême
53%
VilleArras
53%
VilleAuch
53%
VilleAurillac
53%
VilleAvignon
53%
VilleBar-le-Duc
53%
VilleBastia
53%
VilleBeauvais
53%
VilleBlois
53%
VilleBobigny
53%
VilleBourg-en-Bresse
53%
VilleBourges
53%
VilleCahors
53%
VilleCarcassonne
53%
VilleCergy
53%
VilleChâlons-en-Champagne
53%
VilleChambéry
53%
VilleCharleville-Mézières
53%
VilleChartres
53%
VilleChaumont
53%
VilleColmar
53%
VilleDigne-les-Bains
53%
VilleÉvreux
53%
VilleFoix
53%
VilleGrenoble
53%
VilleGuéret
53%
VilleLaon
53%
VilleLa Rochelle
53%
VilleLa Roche-sur-Yon
53%
VilleLaval
53%
VilleLe Mans
53%
VilleLe Puy-en-Velay
53%
VilleLille
53%
VilleLille
53%
VilleLille
53%
VilleLille
53%
VilleLimoges
53%
VilleLons-le-Saunier
53%
VilleLyon
53%
VilleLyon
53%
VilleLyon
53%
VilleMâcon
53%
VilleMarseille
53%
VilleMarseille
53%
VilleMarseille
53%
VilleMelun
53%
VilleMende
53%
VilleMontauban
53%
VilleMont-de-Marsan
53%
VilleMontpellier
53%
VilleMontpellier
53%
VilleMoulins
53%
VilleNanterre
53%
VilleNîmes
53%
VilleNiort
53%
VillePérigueux
53%
VillePoitiers
53%
VillePrivas
53%
Ville Quimper
53%
VilleRennes
53%
VilleRennes
53%
VilleRodez
53%
VilleSaint-Brieuc
53%
VilleSaint-Étienne
53%
VilleSaint-Lô
53%
VilleStrasbourg
53%
VilleTarbes
53%
VilleToulouse
53%
VilleTulle
53%
VilleVannes
53%
VilleVesoul
53%
VilleVille mystère (Strasbourg)
53%
VilleAmiens
52%
VilleAngers
52%
VilleArras
52%
VilleAvignon
52%
VilleBastia
52%
VilleBordeaux
52%
VilleBourg-en-Bresse
52%
VilleBourges
52%
VilleCaen
52%
VilleCaen
52%
VilleClermont-Ferrand
52%
VilleLa Rochelle
52%
VilleLa Roche-sur-Yon
52%
VilleLille
52%
VilleLyon
52%
VilleLyon
52%
VilleLyon
52%
VilleMarseille
52%
VilleMarseille
52%
VilleMarseille
52%
VilleMarseille
52%
VilleMarseille
52%
VilleMetz
52%
VilleMetz
52%
VilleNancy
52%
VilleNiort
52%
VilleOrléans
52%
VillePrivas
52%
VilleRennes
52%
VilleRennes
52%
VilleRouen
52%
VilleRouen
52%
VilleRouen
52%
VilleSaint-Lô
52%
VilleToulon
52%
VilleToulouse
52%
VilleToulouse
52%
VilleTours
52%
VilleVannes
52%
VilleAmiens
51%
VilleAngers
51%
VilleAnnecy
51%
VilleAuxerre
51%
VilleBesançon
51%
VilleChambéry
51%
VilleCharleville-Mézières
51%
VilleClermont-Ferrand
51%
VilleMontpellier
51%
VilleMontpellier
51%
VilleNancy
51%
VilleToulon
51%
Ville Ajaccio
50%
VilleAlbi
50%
VilleAnnecy
50%
VilleAuxerre
50%
VilleBastia
50%
VilleBordeaux
50%
VilleBordeaux
50%
VilleBordeaux
50%
VilleBordeaux
50%
VilleCergy
50%
VilleClermont-Ferrand
50%
VilleClermont-Ferrand
50%
VilleColmar
50%
VilleDijon
50%
VilleDijon
50%
VilleDijon
50%
VilleDijon
50%
VilleLa Roche-sur-Yon
50%
VilleLe Mans
50%
VilleLille
50%
VilleLille
50%
VilleLille
50%
VilleLille
50%
VilleLille
50%
VilleLyon
50%
VilleLyon
50%
VilleLyon
50%
VilleMarseille
50%
VilleMarseille
50%
VilleMarseille
50%
VilleMarseille
50%
VilleMetz
50%
VilleMontpellier
50%
VilleNantes
50%
VilleNantes
50%
VilleNantes
50%
VilleNice
50%
VilleNice
50%
VilleNîmes
50%
VilleNîmes
50%
VilleOrléans
50%
VillePau
50%
VillePerpignan
50%
VilleRennes
50%
VilleRennes
50%
VilleSaint-Étienne
50%
VilleToulouse
50%
VilleToulouse
50%
VilleToulouse
50%
VilleTours
50%
VilleVersailles
50%
VilleAlençon
49%
VilleAvignon
49%
VilleBastia
49%
VilleBourg-en-Bresse
49%
VilleCaen
49%
VilleCaen
49%
VilleChâlons-en-Champagne
49%
VilleChaumont
49%
VilleColmar
49%
VilleÉvreux
49%
VilleGuéret
49%
VilleLaval
49%
VilleLimoges
49%
VilleMelun
49%
VilleNevers
49%
VilleNice
49%
VilleNîmes
49%
VilleNiort
49%
VillePau
49%
VillePerpignan
49%
VilleSaint-Étienne
49%
VilleToulon
49%
VilleVersailles
49%
VilleAgen
48%
VilleAjaccio
48%
VilleAlbi
48%
VilleAlençon
48%
VilleAnnecy
48%
VilleArras
48%
VilleAuch
48%
VilleAurillac
48%
VilleAuxerre
48%
VilleBar-le-Duc
48%
VilleBeauvais
48%
VilleBeauvais
48%
VilleBelfort
48%
VilleBlois
48%
VilleBobigny
48%
VilleBordeaux
48%
VilleBordeaux
48%
VilleBordeaux
48%
VilleBordeaux
48%
VilleBordeaux
48%
VilleCahors
48%
VilleCarcassonne
48%
VilleCergy
48%
VilleChâlons-en-Champagne
48%
VilleChambéry
48%
VilleCharleville-Mézières
48%
VilleChartres
48%
VilleChâteauroux
48%
VilleChaumont
48%
VilleColmar
48%
VilleCréteil
48%
VilleDigne-les-Bains
48%
VilleÉpinal
48%
VilleÉvreux
48%
VilleÉvry-Courcouronnes
48%
VilleFoix
48%
VilleGap
48%
VilleGuéret
48%
VilleLaon
48%
VilleLaval
48%
VilleLe Mans
48%
VilleLe Puy-en-Velay
48%
VilleLille
48%
VilleLille
48%
VilleLille
48%
VilleLimoges
48%
VilleLons-le-Saunier
48%
VilleLyon
48%
VilleMâcon
48%
VilleMarseille
48%
VilleMarseille
48%
VilleMarseille
48%
VilleMelun
48%
VilleMende
48%
VilleMontauban
48%
VilleMont-de-Marsan
48%
VilleMoulins
48%
VilleNancy
48%
VilleNanterre
48%
VilleNantes
48%
VilleNantes
48%
VilleNantes
48%
VilleNevers
48%
VilleNice
48%
VilleNice
48%
VilleOrléans
48%
VilleOrléans
48%
VillePau
48%
VillePérigueux
48%
VilleRennes
48%
VilleRodez
48%
VilleSaint-Brieuc
48%
VilleStrasbourg
48%
VilleTarbes
48%
VilleToulouse
48%
VilleTroyes
48%
VilleTulle
48%
VilleVersailles
48%
VilleVersailles
48%
VilleVesoul
48%
VilleVille mystère (Toulouse)
48%
VilleBordeaux
47%
VilleDijon
47%
VilleGap
47%
VilleGrenoble
47%
VilleLille
47%
VilleLille
47%
VilleLille
47%
VilleLyon
47%
VilleLyon
47%
VilleLyon
47%
VilleLyon
47%
VilleMarseille
47%
VilleMarseille
47%
VilleMontpellier
47%
VilleNantes
47%
VilleNice
47%
VillePoitiers
47%
VilleRennes
47%
VilleRouen
47%
VilleToulouse
47%
VilleAgen
46%
VilleAgen
46%
VilleAjaccio
46%
VilleAlbi
46%
VilleAlbi
46%
VilleAlençon
46%
VilleAmiens
46%
VilleAngers
46%
VilleAngoulême
46%
VilleAngoulême
46%
VilleArras
46%
VilleArras
46%
VilleAuch
46%
VilleAuch
46%
VilleAurillac
46%
VilleAurillac
46%
VilleAvignon
46%
VilleBar-le-Duc
46%
VilleBar-le-Duc
46%
VilleBeauvais
46%
VilleBeauvais
46%
VilleBelfort
46%
VilleBelfort
46%
VilleBesançon
46%
VilleBlois
46%
VilleBlois
46%
VilleBobigny
46%
VilleBobigny
46%
VilleBourg-en-Bresse
46%
VilleBourges
46%
VilleBourges
46%
VilleCahors
46%
VilleCahors
46%
VilleCarcassonne
46%
VilleCarcassonne
46%
VilleCergy
46%
VilleChâlons-en-Champagne
46%
VilleChambéry
46%
VilleCharleville-Mézières
46%
VilleChartres
46%
VilleChartres
46%
VilleChâteauroux
46%
VilleChâteauroux
46%
VilleChaumont
46%
VilleCréteil
46%
VilleDigne-les-Bains
46%
VilleDigne-les-Bains
46%
VilleÉpinal
46%
VilleÉpinal
46%
VilleÉvreux
46%
VilleÉvry-Courcouronnes
46%
VilleÉvry-Courcouronnes
46%
VilleFoix
46%
VilleFoix
46%
VilleGap
46%
VilleGap
46%
VilleGrenoble
46%
VilleGuéret
46%
VilleLaon
46%
VilleLaon
46%
VilleLa Rochelle
46%
VilleLa Rochelle
46%
VilleLa Roche-sur-Yon
46%
VilleLaval
46%
VilleLe Puy-en-Velay
46%
VilleLe Puy-en-Velay
46%
VilleLille
46%
VilleLille
46%
VilleLons-le-Saunier
46%
VilleLons-le-Saunier
46%
VilleLyon
46%
VilleLyon
46%
VilleMâcon
46%
VilleMâcon
46%
VilleMarseille
46%
VilleMarseille
46%
VilleMarseille
46%
VilleMelun
46%
VilleMende
46%
VilleMende
46%
VilleMontauban
46%
VilleMontauban
46%
VilleMont-de-Marsan
46%
VilleMont-de-Marsan
46%
VilleMontpellier
46%
VilleMoulins
46%
VilleMoulins
46%
VilleNancy
46%
VilleNanterre
46%
VilleNanterre
46%
VilleNantes
46%
VilleNantes
46%
VilleNevers
46%
VilleNîmes
46%
VilleNiort
46%
VillePérigueux
46%
VillePérigueux
46%
VillePerpignan
46%
VillePoitiers
46%
VillePoitiers
46%
VillePrivas
46%
VillePrivas
46%
VilleQuimper
46%
VilleRennes
46%
VilleRodez
46%
VilleRodez
46%
VilleRouen
46%
VilleRouen
46%
VilleRouen
46%
VilleSaint-Brieuc
46%
VilleSaint-Brieuc
46%
VilleSaint-Lô
46%
VilleSaint-Lô
46%
VilleStrasbourg
46%
VilleTarbes
46%
VilleTarbes
46%
VilleToulon
46%
VilleToulouse
46%
VilleTroyes
46%
VilleTulle
46%
VilleTulle
46%
VilleValence
46%
VilleValence
46%
VilleVannes
46%
VilleVannes
46%
VilleVesoul
46%
VilleVesoul
46%
VilleVille mystère (Dijon)
46%
VilleVille mystère (Nantes)
46%
VilleAmiens
45%
VilleAnnecy
45%
VilleArras
45%
VilleBordeaux
45%
VilleChambéry
45%
VilleDijon
45%
VilleDijon
45%
VilleLille
45%
VilleLille
45%
VilleLyon
45%
VilleMarseille
45%
VilleMarseille
45%
VilleMarseille
45%
VilleMontpellier
45%
VilleNantes
45%
VilleNantes
45%
VilleNantes
45%
VilleNice
45%
VilleNice
45%
VilleNice
45%
VilleNîmes
45%
VilleOrléans
45%
Ville Quimper
45%
VilleRennes
45%
VilleRennes
45%
VilleToulouse
45%
VilleToulouse
45%
VilleTours
45%
VilleVannes
45%
VilleAgen
44%
VilleAjaccio
44%
VilleAmiens
44%
VilleAnnecy
44%
VilleAuxerre
44%
VilleBesançon
44%
VilleBordeaux
44%
VilleBourg-en-Bresse
44%
VilleCaen
44%
VilleChambéry
44%
VilleCharleville-Mézières
44%
VilleClermont-Ferrand
44%
VilleColmar
44%
Ville Lille
44%
VilleLimoges
44%
VilleLyon
44%
VilleMâcon
44%
VilleMarseille
44%
VilleMetz
44%
VilleMontpellier
44%
VilleMontpellier
44%
VilleNancy
44%
VilleNice
44%
VilleOrléans
44%
VillePau
44%
VillePrivas
44%
VilleQuimper
44%
VilleRodez
44%
VilleRouen
44%
VilleSaint-Étienne
44%
VilleStrasbourg
44%
VilleStrasbourg
44%
VilleTarbes
44%
VilleToulouse
44%
VilleToulouse
44%
VilleToulouse
44%
VilleToulouse
44%
VilleValence
44%
VilleVersailles
44%
VilleAuxerre
43%
VilleAvignon
43%
VilleBordeaux
43%
VilleBordeaux
43%
VilleBourg-en-Bresse
43%
VilleGrenoble
43%
VilleLe Mans
43%
VilleLille
43%
Ville Lille
43%
VilleLille
43%
VilleLille
43%
VilleLyon
43%
VilleLyon
43%
VilleMarseille
43%
VilleMarseille
43%
VilleMetz
43%
VilleMontpellier
43%
VilleNantes
43%
VilleNantes
43%
VilleNantes
43%
VilleNice
43%
VilleNice
43%
VilleNîmes
43%
VillePau
43%
Ville Quimper
43%
VilleQuimper
43%
VilleRennes
43%
VilleRennes
43%
VilleStrasbourg
43%
VilleStrasbourg
43%
VilleToulouse
43%
VilleToulouse
43%
VilleToulouse
43%
VilleTours
43%
VilleAngers
42%
VilleBesançon
42%
VilleBourg-en-Bresse
42%
VilleCaen
42%
VilleCaen
42%
VilleCaen
42%
VilleCergy
42%
VilleChartres
42%
VilleColmar
42%
VilleDijon
42%
VilleDijon
42%
VilleDijon
42%
VilleGrenoble
42%
VilleGuéret
42%
VilleLa Roche-sur-Yon
42%
VilleLa Roche-sur-Yon
42%
VilleLe Mans
42%
VilleLille
42%
Ville Lille
42%
VilleLille
42%
VilleLyon
42%
VilleLyon
42%
VilleLyon
42%
VilleMetz
42%
VilleNanterre
42%
VilleNice
42%
VilleOrléans
42%
VilleOrléans
42%
VillePerpignan
42%
VillePoitiers
42%
VilleRennes
42%
VilleRennes
42%
VilleRennes
42%
VilleRouen
42%
VilleStrasbourg
42%
VilleStrasbourg
42%
VilleStrasbourg
42%
VilleToulon
42%
VilleToulon
42%
VilleToulouse
42%
VilleTours
42%
VilleTours
42%
VilleVersailles
42%
VilleAjaccio
41%
VilleAlençon
41%
VilleAmiens
41%
VilleAngers
41%
VilleAngers
41%
VilleAngoulême
41%
VilleArras
41%
VilleAuch
41%
VilleAurillac
41%
VilleBar-le-Duc
41%
VilleBastia
41%
VilleBeauvais
41%
VilleBelfort
41%
VilleBlois
41%
VilleBobigny
41%
VilleBordeaux
41%
VilleBordeaux
41%
VilleBordeaux
41%
VilleBourges
41%
VilleCaen
41%
VilleCaen
41%
VilleCahors
41%
VilleCarcassonne
41%
VilleCarcassonne
41%
VilleCergy
41%
VilleChâlons-en-Champagne
41%
VilleChartres
41%
VilleChartres
41%
VilleChâteauroux
41%
VilleChaumont
41%
VilleClermont-Ferrand
41%
VilleCréteil
41%
VilleCréteil
41%
VilleDigne-les-Bains
41%
VilleDijon
41%
VilleDijon
41%
VilleÉpinal
41%
VilleÉvreux
41%
VilleÉvry-Courcouronnes
41%
VilleFoix
41%
VilleGap
41%
VilleGrenoble
41%
VilleGuéret
41%
VilleGuéret
41%
VilleLaon
41%
VilleLa Rochelle
41%
VilleLa Roche-sur-Yon
41%
VilleLa Roche-sur-Yon
41%
VilleLa Roche-sur-Yon
41%
VilleLaval
41%
VilleLe Mans
41%
VilleLe Puy-en-Velay
41%
VilleLille
41%
VilleLille
41%
VilleLons-le-Saunier
41%
VilleLyon
41%
VilleLyon
41%
VilleLyon
41%
VilleLyon
41%
VilleMâcon
41%
VilleMarseille
41%
VilleMarseille
41%
VilleMarseille
41%
VilleMelun
41%
VilleMelun
41%
VilleMende
41%
VilleMetz
41%
VilleMetz
41%
VilleMetz
41%
VilleMontauban
41%
VilleMont-de-Marsan
41%
VilleMontpellier
41%
VilleMoulins
41%
VilleMoulins
41%
VilleNancy
41%
VilleNancy
41%
VilleNanterre
41%
VilleNanterre
41%
VilleNantes
41%
VilleNevers
41%
VilleNice
41%
VilleNiort
41%
VilleNiort
41%
VilleOrléans
41%
VilleOrléans
41%
VillePérigueux
41%
VillePerpignan
41%
VillePoitiers
41%
VillePrivas
41%
Ville Quimper
41%
VilleRouen
41%
VilleSaint-Brieuc
41%
VilleSaint-Étienne
41%
VilleSaint-Lô
41%
VilleStrasbourg
41%
VilleToulouse
41%
VilleTours
41%
VilleTours
41%
VilleTroyes
41%
VilleTulle
41%
VilleVannes
41%
VilleVersailles
41%
VilleVersailles
41%
VilleVesoul
41%
VilleVille mystère (Montpellier)
41%
VilleAvignon
40%
VilleBordeaux
40%
VilleCaen
40%
VilleChambéry
40%
VilleColmar
40%
VilleDijon
40%
VilleGap
40%
VilleGrenoble
40%
VilleLille
40%
VilleLille
40%
VilleLille
40%
VilleLyon
40%
VilleMarseille
40%
VilleMetz
40%
VilleNancy
40%
VilleNantes
40%
VilleOrléans
40%
VillePerpignan
40%
VilleQuimper
40%
VilleRennes
40%
VilleStrasbourg
40%
VilleToulon
40%
VilleToulouse
40%
VilleTours
40%
VilleVannes
40%
VilleAgen
39%
Ville Ajaccio
39%
VilleAnnecy
39%
VilleAvignon
39%
VilleBastia
39%
VilleBelfort
39%
VilleBelfort
39%
VilleBordeaux
39%
VilleBordeaux
39%
VilleBordeaux
39%
VilleBourg-en-Bresse
39%
VilleBourges
39%
VilleCaen
39%
VilleCaen
39%
VilleChartres
39%
VilleChâteauroux
39%
VilleClermont-Ferrand
39%
VilleÉpinal
39%
VilleÉvreux
39%
VilleÉvry-Courcouronnes
39%
VilleGrenoble
39%
VilleGrenoble
39%
VilleLa Rochelle
39%
VilleLa Roche-sur-Yon
39%
VilleLe Mans
39%
VilleLille
39%
Ville Lille
39%
VilleLille
39%
VilleLimoges
39%
VilleLyon
39%
VilleMarseille
39%
VilleMelun
39%
VilleMontpellier
39%
VilleMontpellier
39%
VilleNantes
39%
VilleNantes
39%
VilleNantes
39%
VilleNantes
39%
VilleNantes
39%
VilleNevers
39%
VilleNice
39%
VilleNîmes
39%
VilleNiort
39%
VillePau
39%
VillePerpignan
39%
VillePoitiers
39%
VillePrivas
39%
VilleQuimper
39%
VilleRennes
39%
VilleRouen
39%
VilleSaint-Étienne
39%
VilleSaint-Étienne
39%
VilleSaint-Lô
39%
VilleStrasbourg
39%
VilleStrasbourg
39%
VilleStrasbourg
39%
VilleToulouse
39%
VilleToulouse
39%
VilleToulouse
39%
VilleTours
39%
VilleTours
39%
VilleTroyes
39%
VilleVannes
39%
VilleVersailles
39%
VilleVersailles
39%
VilleAgen
38%
VilleAlbi
38%
VilleAlençon
38%
VilleAmiens
38%
VilleAmiens
38%
VilleAngers
38%
VilleAngoulême
38%
VilleAnnecy
38%
VilleAuch
38%
VilleAurillac
38%
VilleAuxerre
38%
VilleAvignon
38%
VilleBar-le-Duc
38%
VilleBastia
38%
VilleBeauvais
38%
VilleBelfort
38%
VilleBelfort
38%
VilleBesançon
38%
VilleBesançon
38%
VilleBlois
38%
VilleBlois
38%
VilleBobigny
38%
VilleBordeaux
38%
VilleBordeaux
38%
VilleBourg-en-Bresse
38%
VilleBourges
38%
VilleBourges
38%
VilleCahors
38%
VilleCergy
38%
VilleChâlons-en-Champagne
38%
VilleCharleville-Mézières
38%
VilleChâteauroux
38%
VilleChaumont
38%
VilleColmar
38%
VilleCréteil
38%
VilleDigne-les-Bains
38%
VilleÉpinal
38%
VilleÉvreux
38%
VilleÉvreux
38%
VilleÉvry-Courcouronnes
38%
VilleFoix
38%
VilleLaon
38%
VilleLa Rochelle
38%
VilleLa Roche-sur-Yon
38%
VilleLaval
38%
VilleLe Mans
38%
VilleLe Mans
38%
VilleLe Puy-en-Velay
38%
VilleLimoges
38%
VilleLons-le-Saunier
38%
VilleLons-le-Saunier
38%
VilleLyon
38%
VilleLyon
38%
VilleMâcon
38%
VilleMarseille
38%
VilleMelun
38%
VilleMende
38%
VilleMetz
38%
VilleMontauban
38%
VilleMont-de-Marsan
38%
VilleMontpellier
38%
VilleMoulins
38%
VilleNanterre
38%
VilleNanterre
38%
VilleNantes
38%
VilleNantes
38%
VilleNevers
38%
VilleNevers
38%
VilleNice
38%
VilleNice
38%
VilleNice
38%
VilleNîmes
38%
VilleOrléans
38%
VillePau
38%
VillePau
38%
VillePérigueux
38%
VillePerpignan
38%
VilleRennes
38%
VilleRodez
38%
VilleSaint-Brieuc
38%
VilleSaint-Brieuc
38%
VilleSaint-Lô
38%
VilleSaint-Lô
38%
VilleStrasbourg
38%
VilleTarbes
38%
VilleToulon
38%
VilleToulouse
38%
VilleTroyes
38%
VilleTroyes
38%
VilleTulle
38%
VilleValence
38%
VilleValence
38%
VilleVersailles
38%
VilleVersailles
38%
VilleVesoul
38%
VilleVesoul
38%
VilleVille mystère (Saint-Étienne)
38%
VilleAmiens
37%
VilleAngers
37%
VilleArras
37%
VilleAuxerre
37%
VilleBastia
37%
VilleBeauvais
37%
VilleBlois
37%
VilleBobigny
37%
VilleBordeaux
37%
VilleBordeaux
37%
VilleBordeaux
37%
VilleChartres
37%
VilleChaumont
37%
VilleClermont-Ferrand
37%
VilleÉvry-Courcouronnes
37%
VilleÉvry-Courcouronnes
37%
VilleGrenoble
37%
VilleGrenoble
37%
VilleGrenoble
37%
VilleLa Roche-sur-Yon
37%
VilleLaval
37%
VilleLe Mans
37%
VilleLille
37%
Ville Lille
37%
Ville Lille
37%
VilleLille
37%
VilleLimoges
37%
VilleLyon
37%
VilleMontpellier
37%
VilleNantes
37%
VilleNantes
37%
VilleNantes
37%
VilleNice
37%
VilleNice
37%
VilleNîmes
37%
VillePerpignan
37%
VillePoitiers
37%
VilleRennes
37%
VilleRennes
37%
VilleRennes
37%
VilleRennes
37%
VilleSaint-Étienne
37%
VilleSaint-Étienne
37%
VilleSaint-Lô
37%
VilleStrasbourg
37%
VilleStrasbourg
37%
VilleStrasbourg
37%
VilleToulouse
37%
VilleToulouse
37%
VilleToulouse
37%
VilleTours
37%
VilleAgen
36%
VilleAjaccio
36%
VilleAlbi
36%
VilleAlbi
36%
VilleAlençon
36%
VilleAmiens
36%
VilleAmiens
36%
VilleAngoulême
36%
VilleArras
36%
VilleAuch
36%
VilleAurillac
36%
VilleBar-le-Duc
36%
VilleBastia
36%
VilleBeauvais
36%
VilleBobigny
36%
VilleCaen
36%
VilleCahors
36%
VilleCarcassonne
36%
VilleCarcassonne
36%
VilleCergy
36%
VilleChâlons-en-Champagne
36%
VilleCharleville-Mézières
36%
VilleChartres
36%
VilleChâteauroux
36%
VilleChaumont
36%
VilleCréteil
36%
VilleDigne-les-Bains
36%
VilleDijon
36%
VilleDijon
36%
VilleDijon
36%
VilleÉpinal
36%
VilleÉvry-Courcouronnes
36%
VilleFoix
36%
VilleGuéret
36%
VilleLaon
36%
VilleLa Rochelle
36%
VilleLa Roche-sur-Yon
36%
VilleLa Roche-sur-Yon
36%
VilleLaval
36%
VilleLe Mans
36%
VilleLe Puy-en-Velay
36%
VilleLyon
36%
VilleLyon
36%
VilleLyon
36%
VilleMelun
36%
VilleMende
36%
VilleMetz
36%
VilleMontauban
36%
VilleMont-de-Marsan
36%
VilleNancy
36%
VilleNantes
36%
VilleNantes
36%
VilleNantes
36%
VilleNice
36%
VilleNice
36%
VilleNîmes
36%
VilleNiort
36%
VilleOrléans
36%
VilleOrléans
36%
VillePau
36%
VillePau
36%
VillePérigueux
36%
VillePoitiers
36%
VillePrivas
36%
VilleRennes
36%
VilleRodez
36%
VilleRouen
36%
VilleStrasbourg
36%
VilleStrasbourg
36%
VilleStrasbourg
36%
VilleTarbes
36%
VilleToulon
36%
VilleToulon
36%
VilleToulon
36%
VilleToulouse
36%
VilleTours
36%
VilleTours
36%
VilleTulle
36%
VilleVersailles
36%
VilleVille mystère (Grenoble)
36%
VilleAgen
35%
Ville Ajaccio
35%
VilleAlbi
35%
VilleAlbi
35%
VilleAlençon
35%
VilleAlençon
35%
VilleAmiens
35%
VilleAmiens
35%
VilleAngers
35%
VilleAngers
35%
VilleAngoulême
35%
VilleAngoulême
35%
VilleAnnecy
35%
VilleArras
35%
VilleArras
35%
VilleAuch
35%
VilleAuch
35%
VilleAurillac
35%
VilleAurillac
35%
VilleAuxerre
35%
VilleAuxerre
35%
VilleAvignon
35%
VilleBar-le-Duc
35%
VilleBar-le-Duc
35%
VilleBastia
35%
VilleBeauvais
35%
VilleBesançon
35%
VilleBlois
35%
VilleBlois
35%
VilleBobigny
35%
VilleBobigny
35%
VilleBobigny
35%
VilleBourges
35%
VilleCahors
35%
VilleCahors
35%
VilleCarcassonne
35%
VilleCarcassonne
35%
VilleCergy
35%
VilleCergy
35%
VilleCergy
35%
VilleChâlons-en-Champagne
35%
VilleChâlons-en-Champagne
35%
VilleChambéry
35%
VilleChambéry
35%
VilleCharleville-Mézières
35%
VilleCharleville-Mézières
35%
VilleChâteauroux
35%
VilleChaumont
35%
VilleChaumont
35%
VilleColmar
35%
VilleCréteil
35%
VilleCréteil
35%
VilleCréteil
35%
VilleDigne-les-Bains
35%
VilleDigne-les-Bains
35%
VilleÉpinal
35%
VilleÉvreux
35%
VilleÉvry-Courcouronnes
35%
VilleÉvry-Courcouronnes
35%
VilleFoix
35%
VilleFoix
35%
VilleGap
35%
VilleGap
35%
VilleGrenoble
35%
VilleGrenoble
35%
VilleGuéret
35%
VilleLaon
35%
VilleLaon
35%
VilleLa Rochelle
35%
VilleLa Roche-sur-Yon
35%
VilleLaval
35%
VilleLaval
35%
VilleLe Puy-en-Velay
35%
VilleLe Puy-en-Velay
35%
VilleLimoges
35%
VilleLons-le-Saunier
35%
VilleLons-le-Saunier
35%
VilleLyon
35%
VilleMâcon
35%
VilleMâcon
35%
VilleMarseille
35%
VilleMelun
35%
VilleMelun
35%
VilleMende
35%
VilleMende
35%
VilleMetz
35%
VilleMontauban
35%
VilleMontauban
35%
VilleMont-de-Marsan
35%
VilleMont-de-Marsan
35%
VilleMontpellier
35%
VilleMontpellier
35%
VilleMontpellier
35%
VilleMoulins
35%
VilleMoulins
35%
VilleNancy
35%
VilleNanterre
35%
VilleNanterre
35%
VilleNantes
35%
VilleNantes
35%
VilleNevers
35%
VilleNîmes
35%
VilleNîmes
35%
VilleNîmes
35%
VilleNîmes
35%
VilleNiort
35%
VilleOrléans
35%
VillePau
35%
VillePau
35%
VillePérigueux
35%
VillePérigueux
35%
VillePerpignan
35%
VillePerpignan
35%
VillePoitiers
35%
VillePrivas
35%
VilleQuimper
35%
VilleQuimper
35%
VilleRennes
35%
VilleRodez
35%
VilleRodez
35%
VilleRouen
35%
VilleSaint-Brieuc
35%
VilleSaint-Brieuc
35%
VilleSaint-Lô
35%
VilleStrasbourg
35%
VilleTarbes
35%
VilleTarbes
35%
VilleToulouse
35%
VilleTours
35%
VilleTours
35%
VilleTroyes
35%
VilleTulle
35%
VilleTulle
35%
VilleValence
35%
VilleValence
35%
VilleVannes
35%
VilleVannes
35%
VilleVersailles
35%
VilleVersailles
35%
VilleVersailles
35%
VilleVesoul
35%
VilleVesoul
35%
VilleVille mystère (Clermont-Ferrand)
35%
VilleVille mystère (Versailles)
35%
VilleAngers
34%
VilleArras
34%
VilleBourg-en-Bresse
34%
VilleCaen
34%
VilleCaen
34%
VilleChartres
34%
VilleCréteil
34%
VilleDijon
34%
VilleDijon
34%
VilleDijon
34%
VilleÉvry-Courcouronnes
34%
VilleGrenoble
34%
VilleLa Rochelle
34%
VilleLa Rochelle
34%
VilleLa Roche-sur-Yon
34%
Ville Lille
34%
VilleLille
34%
VilleLimoges
34%
VilleLyon
34%
VilleMarseille
34%
VilleMarseille
34%
VilleMarseille
34%
VilleMetz
34%
VilleMetz
34%
VilleMontpellier
34%
VilleMontpellier
34%
VilleMontpellier
34%
VilleNancy
34%
VilleNancy
34%
VilleNantes
34%
VilleNice
34%
VilleNice
34%
VilleNîmes
34%
VilleNiort
34%
VillePerpignan
34%
VilleQuimper
34%
VilleRennes
34%
VilleRennes
34%
VilleRennes
34%
VilleRennes
34%
VilleRouen
34%
VilleSaint-Étienne
34%
VilleStrasbourg
34%
VilleToulon
34%
VilleToulon
34%
VilleToulouse
34%
VilleToulouse
34%
VilleTours
34%
VilleVannes
34%
VilleAgen
33%
VilleAjaccio
33%
Ville Ajaccio
33%
VilleAlbi
33%
VilleAlençon
33%
VilleAmiens
33%
VilleAngers
33%
VilleAngoulême
33%
VilleAnnecy
33%
VilleAuch
33%
VilleAurillac
33%
VilleAvignon
33%
VilleBar-le-Duc
33%
VilleBelfort
33%
VilleBesançon
33%
VilleBordeaux
33%
VilleBordeaux
33%
VilleBourg-en-Bresse
33%
VilleBourges
33%
VilleCaen
33%
VilleCaen
33%
VilleCaen
33%
VilleCahors
33%
VilleCarcassonne
33%
VilleCergy
33%
VilleChâlons-en-Champagne
33%
VilleChambéry
33%
VilleCharleville-Mézières
33%
VilleChartres
33%
VilleChâteauroux
33%
VilleClermont-Ferrand
33%
VilleColmar
33%
VilleDigne-les-Bains
33%
VilleDijon
33%
VilleÉpinal
33%
VilleÉvreux
33%
VilleFoix
33%
VilleGap
33%
VilleGrenoble
33%
VilleGrenoble
33%
VilleGuéret
33%
VilleLaon
33%
VilleLa Rochelle
33%
VilleLaval
33%
VilleLe Puy-en-Velay
33%
VilleLille
33%
VilleLille
33%
VilleLimoges
33%
VilleLimoges
33%
VilleLons-le-Saunier
33%
VilleLyon
33%
VilleLyon
33%
VilleMâcon
33%
VilleMarseille
33%
VilleMarseille
33%
VilleMarseille
33%
VilleMende
33%
VilleMontauban
33%
VilleMont-de-Marsan
33%
VilleMontpellier
33%
VilleMontpellier
33%
VilleMoulins
33%
VilleNanterre
33%
VilleNantes
33%
VilleNantes
33%
VilleNantes
33%
VilleNantes
33%
VilleNevers
33%
VilleNice
33%
VilleNiort
33%
VilleNiort
33%
VilleOrléans
33%
VilleOrléans
33%
VillePau
33%
VillePau
33%
VillePau
33%
VillePérigueux
33%
VillePerpignan
33%
VillePerpignan
33%
VillePrivas
33%
VilleRennes
33%
VilleRennes
33%
VilleRennes
33%
VilleRennes
33%
VilleRennes
33%
VilleRodez
33%
VilleRouen
33%
VilleRouen
33%
VilleRouen
33%
VilleRouen
33%
VilleSaint-Brieuc
33%
VilleSaint-Étienne
33%
VilleStrasbourg
33%
VilleStrasbourg
33%
VilleStrasbourg
33%
VilleStrasbourg
33%
VilleTarbes
33%
VilleToulon
33%
VilleToulon
33%
VilleToulouse
33%
VilleToulouse
33%
VilleTours
33%
VilleTroyes
33%
VilleTulle
33%
VilleValence
33%
VilleVannes
33%
VilleVersailles
33%
VilleVersailles
33%
VilleVesoul
33%
VilleVille mystère (Le Mans)
33%
VilleAlençon
32%
VilleAmiens
32%
VilleAngers
32%
VilleAngers
32%
VilleAngers
32%
VilleAngoulême
32%
VilleAnnecy
32%
VilleAnnecy
32%
VilleAuxerre
32%
VilleBeauvais
32%
VilleBlois
32%
VilleBordeaux
32%
VilleBourg-en-Bresse
32%
VilleCaen
32%
VilleCergy
32%
VilleChartres
32%
VilleChâteauroux
32%
VilleClermont-Ferrand
32%
VilleClermont-Ferrand
32%
VilleClermont-Ferrand
32%
VilleClermont-Ferrand
32%
VilleClermont-Ferrand
32%
VilleColmar
32%
VilleCréteil
32%
VilleDijon
32%
VilleDijon
32%
VilleÉvreux
32%
VilleÉvreux
32%
VilleÉvry-Courcouronnes
32%
VilleGrenoble
32%
VilleGrenoble
32%
VilleGrenoble
32%
VilleGrenoble
32%
VilleLa Rochelle
32%
VilleLa Roche-sur-Yon
32%
VilleLe Mans
32%
VilleLille
32%
Ville Lille
32%
VilleLimoges
32%
VilleLons-le-Saunier
32%
VilleLyon
32%
VilleLyon
32%
VilleMarseille
32%
VilleMetz
32%
VilleMetz
32%
VilleMontpellier
32%
VilleMontpellier
32%
VilleNanterre
32%
VilleNice
32%
VilleNice
32%
VilleNice
32%
VilleNice
32%
VilleOrléans
32%
VilleOrléans
32%
VillePau
32%
VillePerpignan
32%
VillePerpignan
32%
VillePoitiers
32%
VilleQuimper
32%
VilleQuimper
32%
VilleQuimper
32%
VilleRennes
32%
VilleRennes
32%
VilleRouen
32%
VilleRouen
32%
VilleRouen
32%
VilleSaint-Brieuc
32%
VilleSaint-Brieuc
32%
VilleSaint-Étienne
32%
VilleSaint-Étienne
32%
VilleSaint-Étienne
32%
VilleSaint-Lô
32%
VilleStrasbourg
32%
VilleStrasbourg
32%
VilleToulon
32%
VilleToulon
32%
VilleToulon
32%
VilleToulouse
32%
VilleTours
32%
VilleTours
32%
VilleTours
32%
VilleTours
32%
VilleTours
32%
VilleVannes
32%
VilleVersailles
32%
VilleVersailles
32%
VilleVersailles
32%
Ville Ajaccio
31%
Ville Ajaccio
31%
VilleAmiens
31%
VilleAngers
31%
VilleAnnecy
31%
VilleAnnecy
31%
VilleAvignon
31%
VilleBastia
31%
VilleBastia
31%
VilleBelfort
31%
VilleBesançon
31%
VilleBesançon
31%
VilleBobigny
31%
VilleBobigny
31%
VilleBordeaux
31%
VilleBourg-en-Bresse
31%
VilleCaen
31%
VilleCergy
31%
VilleChambéry
31%
VilleClermont-Ferrand
31%
VilleColmar
31%
VilleDigne-les-Bains
31%
VilleÉpinal
31%
VilleÉvreux
31%
VilleÉvreux
31%
VilleÉvry-Courcouronnes
31%
VilleFoix
31%
VilleGap
31%
VilleGrenoble
31%
VilleLa Rochelle
31%
VilleLa Roche-sur-Yon
31%
VilleLa Roche-sur-Yon
31%
VilleLaval
31%
VilleLaval
31%
VilleLe Mans
31%
VilleLe Mans
31%
VilleLe Mans
31%
VilleLille
31%
VilleLille
31%
VilleLons-le-Saunier
31%
VilleMâcon
31%
VilleMetz
31%
VilleMetz
31%
VilleMontauban
31%
VilleMont-de-Marsan
31%
VilleMontpellier
31%
VilleNancy
31%
VilleNanterre
31%
VilleNanterre
31%
VilleNantes
31%
VilleNantes
31%
VilleNice
31%
VilleNice
31%
VilleNice
31%
VilleNîmes
31%
VilleNiort
31%
VilleOrléans
31%
VillePau
31%
VillePau
31%
VillePérigueux
31%
VillePerpignan
31%
VillePoitiers
31%
VillePoitiers
31%
VilleQuimper
31%
VilleRennes
31%
VilleRennes
31%
VilleRodez
31%
VilleRouen
31%
VilleSaint-Brieuc
31%
VilleSaint-Étienne
31%
VilleStrasbourg
31%
VilleStrasbourg
31%
VilleStrasbourg
31%
VilleTarbes
31%
VilleToulon
31%
VilleToulouse
31%
VilleTours
31%
VilleTours
31%
VilleTroyes
31%
VilleValence
31%
VilleValence
31%
VilleValence
31%
VilleVannes
31%
VilleAgen
30%
VilleAjaccio
30%
Ville Ajaccio
30%
VilleAngers
30%
VilleAngers
30%
VilleAnnecy
30%
VilleBordeaux
30%
VilleBordeaux
30%
VilleCaen
30%
VilleCergy
30%
VilleClermont-Ferrand
30%
VilleClermont-Ferrand
30%
VilleDijon
30%
VilleDijon
30%
VilleDijon
30%
VilleDijon
30%
VilleDijon
30%
VilleGap
30%
VilleGap
30%
VilleGrenoble
30%
VilleGrenoble
30%
VilleLa Roche-sur-Yon
30%
VilleLe Mans
30%
Ville Lille
30%
VilleLimoges
30%
VilleLimoges
30%
VilleLyon
30%
VilleLyon
30%
VilleLyon
30%
VilleLyon
30%
VilleMarseille
30%
VilleMetz
30%
VilleMetz
30%
VilleMontpellier
30%
VilleNanterre
30%
VilleNantes
30%
VilleNantes
30%
VilleNice
30%
VilleNice
30%
VilleNîmes
30%
VilleOrléans
30%
VilleOrléans
30%
VilleOrléans
30%
VilleOrléans
30%
VillePau
30%
VillePerpignan
30%
VillePoitiers
30%
VillePoitiers
30%
Ville Quimper
30%
VilleQuimper
30%
VilleRennes
30%
VilleRennes
30%
VilleRennes
30%
VilleRouen
30%
VilleSaint-Étienne
30%
VilleSaint-Étienne
30%
VilleSaint-Étienne
30%
VilleStrasbourg
30%
VilleStrasbourg
30%
VilleStrasbourg
30%
VilleToulon
30%
VilleToulon
30%
VilleToulouse
30%
VilleToulouse
30%
VilleTours
30%
VilleValence
30%
VilleVersailles
30%
VilleAgen
29%
VilleAjaccio
29%
Ville Ajaccio
29%
VilleAlbi
29%
VilleAmiens
29%
VilleAmiens
29%
VilleAngers
29%
VilleAngers
29%
VilleAnnecy
29%
VilleArras
29%
VilleArras
29%
VilleAuch
29%
VilleAurillac
29%
VilleAuxerre
29%
VilleAvignon
29%
VilleAvignon
29%
VilleBar-le-Duc
29%
VilleBar-le-Duc
29%
VilleBar-le-Duc
29%
VilleBastia
29%
VilleBastia
29%
VilleBeauvais
29%
VilleBelfort
29%
VilleBelfort
29%
VilleBesançon
29%
VilleBesançon
29%
VilleBesançon
29%
VilleBobigny
29%
VilleBordeaux
29%
VilleBordeaux
29%
VilleBourg-en-Bresse
29%
VilleBourges
29%
VilleBourges
29%
VilleCaen
29%
VilleCaen
29%
VilleCahors
29%
VilleCarcassonne
29%
VilleCarcassonne
29%
VilleCergy
29%
VilleChâlons-en-Champagne
29%
VilleChambéry
29%
VilleChambéry
29%
VilleCharleville-Mézières
29%
VilleChaumont
29%
VilleColmar
29%
VilleColmar
29%
VilleDigne-les-Bains
29%
VilleDigne-les-Bains
29%
VilleDijon
29%
VilleDijon
29%
VilleÉpinal
29%
VilleÉpinal
29%
VilleÉvreux
29%
VilleÉvry-Courcouronnes
29%
VilleFoix
29%
VilleGap
29%
VilleGap
29%
VilleGrenoble
29%
VilleGrenoble
29%
VilleGrenoble
29%
VilleGuéret
29%
VilleLaon
29%
VilleLa Rochelle
29%
VilleLa Roche-sur-Yon
29%
VilleLa Roche-sur-Yon
29%
VilleLaval
29%
VilleLe Mans
29%
VilleLe Puy-en-Velay
29%
VilleLille
29%
VilleLimoges
29%
VilleLimoges
29%
VilleLyon
29%
VilleMâcon
29%
VilleMarseille
29%
VilleMelun
29%
VilleMende
29%
VilleMende
29%
VilleMetz
29%
VilleMetz
29%
VilleMontauban
29%
VilleMont-de-Marsan
29%
VilleMont-de-Marsan
29%
VilleMontpellier
29%
VilleMontpellier
29%
VilleMontpellier
29%
VilleMontpellier
29%
VilleMoulins
29%
VilleNancy
29%
VilleNancy
29%
VilleNancy
29%
VilleNanterre
29%
VilleNantes
29%
VilleNantes
29%
VilleNantes
29%
VilleNantes
29%
VilleNantes
29%
VilleNevers
29%
VilleNevers
29%
VilleNice
29%
VilleNîmes
29%
VilleNiort
29%
VilleOrléans
29%
VilleOrléans
29%
VillePau
29%
VillePau
29%
VillePérigueux
29%
VillePerpignan
29%
VillePerpignan
29%
VillePoitiers
29%
VillePrivas
29%
VilleQuimper
29%
VilleQuimper
29%
VilleRennes
29%
VilleRennes
29%
VilleRodez
29%
VilleRodez
29%
VilleRouen
29%
VilleRouen
29%
VilleSaint-Brieuc
29%
VilleSaint-Brieuc
29%
VilleSaint-Étienne
29%
VilleSaint-Étienne
29%
VilleSaint-Étienne
29%
VilleSaint-Étienne
29%
VilleSaint-Étienne
29%
VilleStrasbourg
29%
VilleStrasbourg
29%
VilleStrasbourg
29%
VilleTarbes
29%
VilleTarbes
29%
VilleToulon
29%
VilleToulouse
29%
VilleToulouse
29%
VilleTours
29%
VilleTours
29%
VilleTroyes
29%
VilleTroyes
29%
VilleTroyes
29%
VilleTroyes
29%
VilleTulle
29%
VilleValence
29%
VilleValence
29%
VilleVannes
29%
VilleVannes
29%
VilleVesoul
29%
VilleVille mystère (Quimper)
29%
VilleAgen
28%
VilleAjaccio
28%
VilleAlbi
28%
VilleAlençon
28%
VilleAlençon
28%
VilleAmiens
28%
VilleAmiens
28%
VilleAngers
28%
VilleAngers
28%
VilleAngers
28%
VilleAngoulême
28%
VilleAngoulême
28%
VilleAnnecy
28%
VilleAnnecy
28%
VilleArras
28%
VilleAuch
28%
VilleAurillac
28%
VilleAuxerre
28%
VilleAuxerre
28%
VilleAuxerre
28%
VilleAvignon
28%
VilleBar-le-Duc
28%
VilleBeauvais
28%
VilleBeauvais
28%
VilleBelfort
28%
VilleBesançon
28%
VilleBlois
28%
VilleBlois
28%
VilleBlois
28%
VilleBobigny
28%
VilleBordeaux
28%
VilleBordeaux
28%
VilleBordeaux
28%
VilleBourges
28%
VilleCaen
28%
VilleCahors
28%
VilleCarcassonne
28%
VilleChâlons-en-Champagne
28%
VilleChambéry
28%
VilleCharleville-Mézières
28%
VilleChartres
28%
VilleChartres
28%
VilleChâteauroux
28%
VilleChaumont
28%
VilleClermont-Ferrand
28%
VilleColmar
28%
VilleColmar
28%
VilleCréteil
28%
VilleDigne-les-Bains
28%
VilleDijon
28%
VilleDijon
28%
VilleÉpinal
28%
VilleÉvry-Courcouronnes
28%
VilleGap
28%
VilleGap
28%
VilleGap
28%
VilleGrenoble
28%
VilleGuéret
28%
VilleLaon
28%
VilleLa Rochelle
28%
VilleLaval
28%
VilleLe Puy-en-Velay
28%
Ville Lille
28%
VilleLimoges
28%
VilleLimoges
28%
VilleLimoges
28%
VilleMelun
28%
VilleMelun
28%
VilleMende
28%
VilleMetz
28%
VilleMontpellier
28%
VilleMontpellier
28%
VilleMontpellier
28%
VilleMoulins
28%
VilleNancy
28%
VilleNantes
28%
VilleNantes
28%
VilleNevers
28%
VilleNice
28%
VilleNice
28%
VilleNice
28%
VilleNîmes
28%
VilleNiort
28%
VilleNiort
28%
VillePau
28%
VillePérigueux
28%
VillePerpignan
28%
VillePerpignan
28%
VillePoitiers
28%
VillePrivas
28%
VilleQuimper
28%
VilleRennes
28%
VilleRodez
28%
VilleRouen
28%
VilleRouen
28%
VilleRouen
28%
VilleSaint-Brieuc
28%
VilleSaint-Étienne
28%
VilleSaint-Étienne
28%
VilleSaint-Étienne
28%
VilleSaint-Lô
28%
VilleSaint-Lô
28%
VilleStrasbourg
28%
VilleToulon
28%
VilleToulon
28%
VilleToulon
28%
VilleToulouse
28%
VilleToulouse
28%
VilleToulouse
28%
VilleTours
28%
VilleTours
28%
VilleTroyes
28%
VilleTroyes
28%
VilleTulle
28%
VilleValence
28%
VilleVannes
28%
VilleVersailles
28%
VilleVersailles
28%
VilleVesoul
28%
VilleVille mystère (Caen)
28%
VilleAgen
27%
Ville Ajaccio
27%
VilleAjaccio
27%
VilleAjaccio
27%
VilleAlbi
27%
VilleAlençon
27%
VilleAmiens
27%
VilleAmiens
27%
VilleAmiens
27%
VilleAngers
27%
VilleAngoulême
27%
VilleAnnecy
27%
VilleAnnecy
27%
VilleAnnecy
27%
VilleAnnecy
27%
VilleAuch
27%
VilleAurillac
27%
VilleAuxerre
27%
VilleAuxerre
27%
VilleAuxerre
27%
VilleAvignon
27%
VilleAvignon
27%
VilleBar-le-Duc
27%
VilleBar-le-Duc
27%
VilleBastia
27%
VilleBastia
27%
VilleBeauvais
27%
VilleBelfort
27%
VilleBesançon
27%
VilleBesançon
27%
VilleBlois
27%
VilleBobigny
27%
VilleBordeaux
27%
VilleBordeaux
27%
VilleBourg-en-Bresse
27%
VilleBourg-en-Bresse
27%
VilleBourg-en-Bresse
27%
VilleBourges
27%
VilleBourges
27%
VilleBourges
27%
VilleCaen
27%
VilleCahors
27%
VilleCarcassonne
27%
VilleCarcassonne
27%
VilleChâlons-en-Champagne
27%
VilleChambéry
27%
VilleChambéry
27%
VilleChambéry
27%
VilleChambéry
27%
VilleCharleville-Mézières
27%
VilleChartres
27%
VilleChâteauroux
27%
VilleChâteauroux
27%
VilleChaumont
27%
VilleClermont-Ferrand
27%
VilleClermont-Ferrand
27%
VilleColmar
27%
VilleCréteil
27%
VilleCréteil
27%
VilleDigne-les-Bains
27%
VilleDigne-les-Bains
27%
VilleDijon
27%
VilleDijon
27%
VilleDijon
27%
VilleÉvry-Courcouronnes
27%
VilleÉvry-Courcouronnes
27%
VilleFoix
27%
VilleGap
27%
VilleGrenoble
27%
VilleGuéret
27%
VilleLaon
27%
VilleLa Rochelle
27%
VilleLa Rochelle
27%
VilleLaval
27%
VilleLe Mans
27%
VilleLe Puy-en-Velay
27%
VilleLimoges
27%
VilleLons-le-Saunier
27%
VilleMâcon
27%
VilleMarseille
27%
VilleMelun
27%
VilleMelun
27%
VilleMelun
27%
VilleMende
27%
VilleMetz
27%
VilleMetz
27%
VilleMontauban
27%
VilleMont-de-Marsan
27%
VilleMontpellier
27%
VilleMontpellier
27%
VilleMontpellier
27%
VilleMoulins
27%
VilleNancy
27%
VilleNancy
27%
VilleNancy
27%
VilleNancy
27%
VilleNanterre
27%
VilleNanterre
27%
VilleNevers
27%
VilleNice
27%
VilleNice
27%
VilleNîmes
27%
VilleNîmes
27%
VilleNiort
27%
VilleOrléans
27%
VillePau
27%
VillePau
27%
VillePau
27%
VillePerpignan
27%
VillePoitiers
27%
VillePrivas
27%
VilleQuimper
27%
Ville Quimper
27%
VilleQuimper
27%
VilleQuimper
27%
VilleRennes
27%
VilleRennes
27%
VilleRennes
27%
VilleRouen
27%
VilleRouen
27%
VilleSaint-Brieuc
27%
VilleSaint-Brieuc
27%
VilleSaint-Brieuc
27%
VilleSaint-Étienne
27%
VilleSaint-Étienne
27%
VilleSaint-Lô
27%
VilleSaint-Lô
27%
VilleStrasbourg
27%
Ville Strasbourg
27%
VilleStrasbourg
27%
VilleTarbes
27%
VilleToulon
27%
VilleToulon
27%
VilleToulouse
27%
VilleTours
27%
VilleTroyes
27%
VilleTroyes
27%
VilleTroyes
27%
VilleTulle
27%
VilleVannes
27%
VilleVannes
27%
VilleVannes
27%
VilleVannes
27%
VilleVersailles
27%
VilleVesoul
27%
VilleVille mystère (Metz)
27%
VilleAgen
26%
VilleAgen
26%
VilleAgen
26%
Ville Ajaccio
26%
VilleAlbi
26%
VilleAlbi
26%
VilleAlençon
26%
VilleAlençon
26%
VilleAlençon
26%
VilleAmiens
26%
VilleAngers
26%
VilleAngoulême
26%
VilleAngoulême
26%
VilleAnnecy
26%
VilleArras
26%
VilleArras
26%
VilleAuch
26%
VilleAuch
26%
VilleAurillac
26%
VilleAurillac
26%
VilleAuxerre
26%
VilleAvignon
26%
VilleAvignon
26%
VilleBar-le-Duc
26%
VilleBar-le-Duc
26%
VilleBastia
26%
VilleBastia
26%
VilleBeauvais
26%
VilleBeauvais
26%
VilleBelfort
26%
VilleBelfort
26%
VilleBlois
26%
VilleBlois
26%
VilleBlois
26%
VilleBobigny
26%
VilleBordeaux
26%
VilleBordeaux
26%
VilleBordeaux
26%
VilleBourg-en-Bresse
26%
VilleBourg-en-Bresse
26%
VilleBourges
26%
VilleCaen
26%
VilleCahors
26%
VilleCahors
26%
VilleCarcassonne
26%
VilleCarcassonne
26%
VilleCergy
26%
VilleChâlons-en-Champagne
26%
VilleChâlons-en-Champagne
26%
VilleCharleville-Mézières
26%
VilleCharleville-Mézières
26%
VilleChartres
26%
VilleChartres
26%
VilleChâteauroux
26%
VilleChâteauroux
26%
VilleChaumont
26%
VilleChaumont
26%
VilleClermont-Ferrand
26%
VilleClermont-Ferrand
26%
VilleClermont-Ferrand
26%
VilleClermont-Ferrand
26%
VilleClermont-Ferrand
26%
VilleClermont-Ferrand
26%
VilleColmar
26%
VilleColmar
26%
VilleCréteil
26%
VilleCréteil
26%
VilleDigne-les-Bains
26%
VilleDijon
26%
VilleDijon
26%
VilleDijon
26%
VilleDijon
26%
VilleÉpinal
26%
VilleÉvreux
26%
VilleFoix
26%
VilleFoix
26%
VilleGap
26%
VilleGap
26%
VilleGrenoble
26%
VilleGrenoble
26%
VilleGrenoble
26%
VilleGrenoble
26%
VilleGuéret
26%
VilleGuéret
26%
VilleLaon
26%
VilleLaon
26%
VilleLaon
26%
VilleLa Rochelle
26%
VilleLa Rochelle
26%
VilleLa Roche-sur-Yon
26%
VilleLa Roche-sur-Yon
26%
VilleLa Roche-sur-Yon
26%
VilleLaval
26%
VilleLe Mans
26%
VilleLe Mans
26%
VilleLe Puy-en-Velay
26%
VilleLe Puy-en-Velay
26%
VilleLons-le-Saunier
26%
VilleLons-le-Saunier
26%
VilleMâcon
26%
VilleMâcon
26%
VilleMelun
26%
VilleMende
26%
VilleMetz
26%
VilleMetz
26%
VilleMontauban
26%
VilleMontauban
26%
VilleMont-de-Marsan
26%
VilleMont-de-Marsan
26%
VilleMontpellier
26%
VilleMontpellier
26%
VilleMoulins
26%
VilleMoulins
26%
VilleNancy
26%
VilleNancy
26%
VilleNanterre
26%
VilleNantes
26%
VilleNantes
26%
VilleNantes
26%
VilleNantes
26%
VilleNevers
26%
VilleNîmes
26%
VilleNiort
26%
VillePau
26%
VillePau
26%
VillePau
26%
VillePérigueux
26%
VillePérigueux
26%
VillePerpignan
26%
VillePerpignan
26%
VillePoitiers
26%
VillePoitiers
26%
VillePrivas
26%
VillePrivas
26%
Ville Quimper
26%
VilleRennes
26%
VilleRodez
26%
VilleRouen
26%
VilleRouen
26%
VilleRouen
26%
VilleRouen
26%
VilleSaint-Brieuc
26%
VilleSaint-Étienne
26%
VilleSaint-Lô
26%
VilleSaint-Lô
26%
VilleStrasbourg
26%
VilleStrasbourg
26%
VilleStrasbourg
26%
VilleStrasbourg
26%
VilleTarbes
26%
VilleTarbes
26%
VilleToulon
26%
VilleTulle
26%
VilleTulle
26%
VilleValence
26%
VilleValence
26%
VilleVannes
26%
VilleVannes
26%
VilleVersailles
26%
VilleVersailles
26%
VilleVersailles
26%
VilleVersailles
26%
VilleVesoul
26%
VilleVesoul
26%
VilleVille mystère (Ajaccio)
26%
VilleVille mystère (Orléans)
26%
VilleAgen
25%
VilleAgen
25%
VilleAlençon
25%
VilleAmiens
25%
VilleAngers
25%
VilleAngers
25%
VilleAngoulême
25%
VilleAngoulême
25%
VilleAnnecy
25%
VilleArras
25%
VilleAuch
25%
VilleAurillac
25%
VilleAuxerre
25%
VilleBastia
25%
VilleBeauvais
25%
VilleBeauvais
25%
VilleBeauvais
25%
VilleBelfort
25%
VilleBelfort
25%
VilleBelfort
25%
VilleBesançon
25%
VilleBlois
25%
VilleBobigny
25%
VilleBobigny
25%
VilleBordeaux
25%
VilleBourg-en-Bresse
25%
VilleBourges
25%
VilleCaen
25%
VilleCaen
25%
VilleCaen
25%
VilleCahors
25%
VilleCergy
25%
VilleCergy
25%
VilleChâlons-en-Champagne
25%
VilleChambéry
25%
VilleChambéry
25%
VilleCharleville-Mézières
25%
VilleChartres
25%
VilleChartres
25%
VilleChâteauroux
25%
VilleChaumont
25%
VilleClermont-Ferrand
25%
VilleClermont-Ferrand
25%
VilleClermont-Ferrand
25%
VilleClermont-Ferrand
25%
VilleClermont-Ferrand
25%
VilleCréteil
25%
VilleDijon
25%
VilleDijon
25%
VilleÉpinal
25%
VilleÉvreux
25%
VilleÉvry-Courcouronnes
25%
VilleÉvry-Courcouronnes
25%
VilleFoix
25%
VilleGap
25%
VilleGrenoble
25%
VilleGrenoble
25%
VilleGrenoble
25%
VilleGrenoble
25%
VilleGuéret
25%
VilleLaon
25%
VilleLa Rochelle
25%
VilleLa Roche-sur-Yon
25%
VilleLaval
25%
VilleLaval
25%
VilleLe Mans
25%
VilleLe Mans
25%
VilleLe Puy-en-Velay
25%
VilleLimoges
25%
VilleLimoges
25%
VilleLimoges
25%
VilleLons-le-Saunier
25%
VilleMâcon
25%
VilleMarseille
25%
VilleMelun
25%
VilleMende
25%
VilleMetz
25%
VilleMetz
25%
VilleMontauban
25%
VilleMontpellier
25%
VilleMontpellier
25%
VilleMontpellier
25%
VilleMontpellier
25%
VilleMoulins
25%
VilleMoulins
25%
VilleNancy
25%
VilleNanterre
25%
VilleNantes
25%
VilleNantes
25%
VilleNevers
25%
VilleNevers
25%
VilleNice
25%
VilleNîmes
25%
VilleNiort
25%
VilleOrléans
25%
VilleOrléans
25%
VilleOrléans
25%
VilleOrléans
25%
VilleOrléans
25%
VillePérigueux
25%
VillePerpignan
25%
VillePoitiers
25%
VillePrivas
25%
VilleQuimper
25%
VilleRennes
25%
VilleRennes
25%
VilleRodez
25%
VilleRodez
25%
VilleRouen
25%
VilleRouen
25%
VilleRouen
25%
VilleRouen
25%
VilleSaint-Lô
25%
VilleStrasbourg
25%
VilleToulon
25%
VilleToulouse
25%
VilleTours
25%
VilleTours
25%
VilleTroyes
25%
VilleTulle
25%
VilleVannes
25%
VilleVannes
25%
VilleVannes
25%
VilleVannes
25%
VilleVersailles
25%
VilleVesoul
25%
VilleVille mystère (Perpignan)
25%
VilleAgen
24%
VilleAgen
24%
VilleAgen
24%
Ville Ajaccio
24%
Ville Ajaccio
24%
VilleAlbi
24%
VilleAlbi
24%
VilleAlbi
24%
VilleAlençon
24%
VilleAlençon
24%
VilleAmiens
24%
VilleAmiens
24%
VilleAmiens
24%
VilleAngers
24%
VilleAngers
24%
VilleAngoulême
24%
VilleAngoulême
24%
VilleAngoulême
24%
VilleAnnecy
24%
VilleAnnecy
24%
VilleAnnecy
24%
VilleArras
24%
VilleArras
24%
VilleArras
24%
VilleAuch
24%
VilleAuch
24%
VilleAuch
24%
VilleAurillac
24%
VilleAurillac
24%
VilleAurillac
24%
VilleAuxerre
24%
VilleAuxerre
24%
VilleAvignon
24%
VilleAvignon
24%
VilleAvignon
24%
VilleAvignon
24%
VilleBar-le-Duc
24%
VilleBar-le-Duc
24%
VilleBar-le-Duc
24%
VilleBastia
24%
VilleBastia
24%
VilleBastia
24%
VilleBastia
24%
VilleBeauvais
24%
VilleBeauvais
24%
VilleBelfort
24%
VilleBelfort
24%
VilleBelfort
24%
VilleBesançon
24%
VilleBesançon
24%
VilleBesançon
24%
VilleBesançon
24%
VilleBlois
24%
VilleBlois
24%
VilleBobigny
24%
VilleBobigny
24%
VilleBobigny
24%
VilleBourg-en-Bresse
24%
VilleBourg-en-Bresse
24%
VilleBourg-en-Bresse
24%
VilleBourges
24%
VilleBourges
24%
VilleBourges
24%
VilleCaen
24%
VilleCahors
24%
VilleCahors
24%
VilleCahors
24%
VilleCarcassonne
24%
VilleCarcassonne
24%
VilleCarcassonne
24%
VilleCarcassonne
24%
VilleCergy
24%
VilleChâlons-en-Champagne
24%
VilleChâlons-en-Champagne
24%
VilleChâlons-en-Champagne
24%
VilleChâlons-en-Champagne
24%
VilleChambéry
24%
VilleChambéry
24%
VilleChambéry
24%
VilleCharleville-Mézières
24%
VilleCharleville-Mézières
24%
VilleCharleville-Mézières
24%
VilleChartres
24%
VilleChartres
24%
VilleChâteauroux
24%
VilleChâteauroux
24%
VilleChâteauroux
24%
VilleChaumont
24%
VilleChaumont
24%
VilleChaumont
24%
VilleClermont-Ferrand
24%
VilleClermont-Ferrand
24%
VilleClermont-Ferrand
24%
VilleClermont-Ferrand
24%
VilleColmar
24%
VilleColmar
24%
VilleColmar
24%
VilleColmar
24%
VilleCréteil
24%
VilleCréteil
24%
VilleCréteil
24%
VilleCréteil
24%
VilleDigne-les-Bains
24%
VilleDigne-les-Bains
24%
VilleDigne-les-Bains
24%
VilleDigne-les-Bains
24%
VilleDijon
24%
VilleÉpinal
24%
VilleÉpinal
24%
VilleÉpinal
24%
VilleÉvreux
24%
VilleÉvreux
24%
VilleÉvreux
24%
VilleÉvry-Courcouronnes
24%
VilleÉvry-Courcouronnes
24%
VilleFoix
24%
VilleFoix
24%
VilleFoix
24%
VilleGap
24%
VilleGrenoble
24%
VilleGuéret
24%
VilleGuéret
24%
VilleGuéret
24%
VilleLaon
24%
VilleLaon
24%
VilleLaon
24%
VilleLa Roche-sur-Yon
24%
VilleLa Roche-sur-Yon
24%
VilleLa Roche-sur-Yon
24%
VilleLa Roche-sur-Yon
24%
VilleLaval
24%
VilleLe Mans
24%
VilleLe Mans
24%
VilleLe Puy-en-Velay
24%
VilleLe Puy-en-Velay
24%
VilleLe Puy-en-Velay
24%
VilleLille
24%
Ville Lille
24%
VilleLimoges
24%
VilleLimoges
24%
VilleLons-le-Saunier
24%
VilleLons-le-Saunier
24%
VilleLons-le-Saunier
24%
VilleMâcon
24%
VilleMâcon
24%
VilleMâcon
24%
VilleMarseille
24%
VilleMelun
24%
VilleMelun
24%
VilleMelun
24%
VilleMende
24%
VilleMende
24%
VilleMende
24%
VilleMetz
24%
VilleMontauban
24%
VilleMontauban
24%
VilleMontauban
24%
VilleMont-de-Marsan
24%
VilleMont-de-Marsan
24%
VilleMont-de-Marsan
24%
VilleMoulins
24%
VilleMoulins
24%
VilleMoulins
24%
VilleNancy
24%
VilleNancy
24%
VilleNanterre
24%
VilleNanterre
24%
VilleNanterre
24%
VilleNantes
24%
VilleNantes
24%
VilleNantes
24%
VilleNevers
24%
VilleNevers
24%
VilleNevers
24%
VilleNevers
24%
VilleNice
24%
VilleNice
24%
VilleNîmes
24%
VilleNîmes
24%
VilleNîmes
24%
VilleNîmes
24%
VilleNîmes
24%
VilleNiort
24%
VilleOrléans
24%
VilleOrléans
24%
VilleOrléans
24%
VillePau
24%
VillePau
24%
VillePau
24%
VillePérigueux
24%
VillePérigueux
24%
VillePérigueux
24%
VillePerpignan
24%
VillePoitiers
24%
VillePrivas
24%
VillePrivas
24%
VillePrivas
24%
VillePrivas
24%
VilleQuimper
24%
VilleRennes
24%
VilleRennes
24%
VilleRennes
24%
VilleRodez
24%
VilleRodez
24%
VilleRodez
24%
VilleRouen
24%
VilleRouen
24%
VilleSaint-Brieuc
24%
VilleSaint-Brieuc
24%
VilleSaint-Brieuc
24%
VilleSaint-Étienne
24%
VilleSaint-Étienne
24%
VilleSaint-Lô
24%
VilleSaint-Lô
24%
VilleStrasbourg
24%
VilleStrasbourg
24%
VilleStrasbourg
24%
VilleTarbes
24%
VilleTarbes
24%
VilleTarbes
24%
VilleTarbes
24%
VilleToulon
24%
VilleToulon
24%
VilleTours
24%
VilleTours
24%
VilleTroyes
24%
VilleTroyes
24%
VilleTroyes
24%
VilleTulle
24%
VilleTulle
24%
VilleTulle
24%
VilleValence
24%
VilleValence
24%
VilleValence
24%
VilleValence
24%
VilleVannes
24%
VilleVersailles
24%
VilleVersailles
24%
VilleVesoul
24%
VilleVesoul
24%
VilleVesoul
24%
VilleVille mystère (Angers)
24%
VilleVille mystère (Limoges)
24%
VilleVille mystère (Vannes)
24%
VilleAgen
23%
VilleAgen
23%
VilleAgen
23%
Ville Ajaccio
23%
VilleAjaccio
23%
VilleAjaccio
23%
VilleAlbi
23%
VilleAlbi
23%
VilleAlbi
23%
VilleAlbi
23%
VilleAlbi
23%
VilleAlençon
23%
VilleAlençon
23%
VilleAmiens
23%
VilleAmiens
23%
VilleAngers
23%
VilleAngers
23%
VilleAngers
23%
VilleAngers
23%
VilleAngoulême
23%
VilleAngoulême
23%
VilleAngoulême
23%
VilleAngoulême
23%
VilleAnnecy
23%
VilleAnnecy
23%
VilleAnnecy
23%
VilleAnnecy
23%
VilleArras
23%
VilleArras
23%
VilleAuch
23%
VilleAuch
23%
VilleAuch
23%
VilleAuch
23%
VilleAurillac
23%
VilleAurillac
23%
VilleAurillac
23%
VilleAuxerre
23%
VilleAuxerre
23%
VilleAuxerre
23%
VilleAvignon
23%
VilleAvignon
23%
VilleAvignon
23%
VilleAvignon
23%
VilleBar-le-Duc
23%
VilleBastia
23%
VilleBastia
23%
VilleBeauvais
23%
VilleBeauvais
23%
VilleBelfort
23%
VilleBelfort
23%
VilleBesançon
23%
VilleBesançon
23%
VilleBlois
23%
VilleBlois
23%
VilleBlois
23%
VilleBlois
23%
VilleBobigny
23%
VilleBobigny
23%
VilleBobigny
23%
VilleBordeaux
23%
VilleBourg-en-Bresse
23%
VilleBourg-en-Bresse
23%
VilleBourg-en-Bresse
23%
VilleBourg-en-Bresse
23%
VilleBourg-en-Bresse
23%
VilleBourges
23%
VilleCaen
23%
VilleCaen
23%
VilleCaen
23%
VilleCahors
23%
VilleCahors
23%
VilleCahors
23%
VilleCarcassonne
23%
VilleCarcassonne
23%
VilleCarcassonne
23%
VilleCergy
23%
VilleCergy
23%
VilleCergy
23%
VilleChâlons-en-Champagne
23%
VilleChâlons-en-Champagne
23%
VilleChâlons-en-Champagne
23%
VilleChambéry
23%
VilleChambéry
23%
VilleChambéry
23%
VilleCharleville-Mézières
23%
VilleCharleville-Mézières
23%
VilleCharleville-Mézières
23%
VilleChartres
23%
VilleChartres
23%
VilleChâteauroux
23%
VilleChâteauroux
23%
VilleChaumont
23%
VilleChaumont
23%
VilleChaumont
23%
VilleClermont-Ferrand
23%
VilleClermont-Ferrand
23%
VilleClermont-Ferrand
23%
VilleClermont-Ferrand
23%
VilleColmar
23%
VilleCréteil
23%
VilleCréteil
23%
VilleCréteil
23%
VilleDigne-les-Bains
23%
VilleDigne-les-Bains
23%
VilleDijon
23%
VilleDijon
23%
VilleDijon
23%
VilleDijon
23%
VilleDijon
23%
VilleDijon
23%
VilleÉpinal
23%
VilleÉpinal
23%
VilleÉpinal
23%
VilleÉvreux
23%
VilleÉvreux
23%
VilleÉvreux
23%
VilleÉvry-Courcouronnes
23%
VilleÉvry-Courcouronnes
23%
VilleÉvry-Courcouronnes
23%
VilleFoix
23%
VilleFoix
23%
VilleFoix
23%
VilleGap
23%
VilleGrenoble
23%
VilleGrenoble
23%
VilleGrenoble
23%
VilleGuéret
23%
VilleGuéret
23%
VilleGuéret
23%
VilleGuéret
23%
VilleLaon
23%
VilleLaon
23%
VilleLa Rochelle
23%
VilleLa Rochelle
23%
VilleLa Rochelle
23%
VilleLa Roche-sur-Yon
23%
VilleLa Roche-sur-Yon
23%
VilleLa Roche-sur-Yon
23%
VilleLaval
23%
VilleLaval
23%
VilleLaval
23%
VilleLe Mans
23%
VilleLe Mans
23%
VilleLe Mans
23%
VilleLe Mans
23%
VilleLe Puy-en-Velay
23%
VilleLe Puy-en-Velay
23%
VilleLe Puy-en-Velay
23%
VilleLimoges
23%
VilleLimoges
23%
VilleLimoges
23%
VilleLimoges
23%
VilleLimoges
23%
VilleLons-le-Saunier
23%
VilleLons-le-Saunier
23%
VilleLons-le-Saunier
23%
VilleLyon
23%
VilleLyon
23%
VilleMâcon
23%
VilleMâcon
23%
VilleMâcon
23%
VilleMelun
23%
VilleMelun
23%
VilleMende
23%
VilleMende
23%
VilleMende
23%
VilleMetz
23%
VilleMetz
23%
VilleMetz
23%
VilleMontauban
23%
VilleMontauban
23%
VilleMontauban
23%
VilleMontauban
23%
VilleMont-de-Marsan
23%
VilleMont-de-Marsan
23%
VilleMont-de-Marsan
23%
VilleMont-de-Marsan
23%
VilleMontpellier
23%
VilleMoulins
23%
VilleMoulins
23%
VilleMoulins
23%
VilleNanterre
23%
VilleNanterre
23%
VilleNanterre
23%
VilleNantes
23%
VilleNantes
23%
VilleNantes
23%
VilleNevers
23%
VilleNevers
23%
VilleNevers
23%
VilleNice
23%
VilleNice
23%
VilleNice
23%
VilleNice
23%
VilleNice
23%
VilleNiort
23%
VilleNiort
23%
VilleNiort
23%
VilleNiort
23%
VilleNiort
23%
VilleOrléans
23%
VilleOrléans
23%
VilleOrléans
23%
VilleOrléans
23%
VilleOrléans
23%
VillePau
23%
VillePau
23%
VillePau
23%
VillePau
23%
VillePérigueux
23%
VillePérigueux
23%
VillePérigueux
23%
VillePerpignan
23%
VillePerpignan
23%
VillePerpignan
23%
VillePoitiers
23%
VillePoitiers
23%
VillePoitiers
23%
VillePoitiers
23%
VillePoitiers
23%
VillePrivas
23%
VillePrivas
23%
VillePrivas
23%
VillePrivas
23%
Ville Quimper
23%
VilleQuimper
23%
VilleRennes
23%
VilleRennes
23%
VilleRennes
23%
VilleRennes
23%
VilleRodez
23%
VilleRodez
23%
VilleRodez
23%
VilleRodez
23%
VilleRouen
23%
VilleRouen
23%
VilleRouen
23%
VilleSaint-Brieuc
23%
VilleSaint-Brieuc
23%
VilleSaint-Étienne
23%
VilleSaint-Étienne
23%
VilleSaint-Lô
23%
VilleSaint-Lô
23%
VilleSaint-Lô
23%
VilleStrasbourg
23%
VilleTarbes
23%
VilleTarbes
23%
VilleTarbes
23%
VilleTarbes
23%
VilleTarbes
23%
VilleToulon
23%
VilleToulon
23%
VilleTours
23%
VilleTours
23%
VilleTours
23%
VilleTroyes
23%
VilleTroyes
23%
VilleTulle
23%
VilleTulle
23%
VilleTulle
23%
VilleTulle
23%
VilleValence
23%
VilleValence
23%
VilleValence
23%
VilleVannes
23%
VilleVersailles
23%
VilleVesoul
23%
VilleVesoul
23%
VilleVesoul
23%
VilleVille mystère (Amiens)
23%
VilleVille mystère (Rouen)
23%
VilleVille mystère (Toulon)
23%
VilleAgen
22%
VilleAgen
22%
VilleAlbi
22%
VilleAlençon
22%
VilleAmiens
22%
VilleAngers
22%
VilleAngers
22%
VilleAngoulême
22%
VilleAngoulême
22%
VilleAnnecy
22%
VilleArras
22%
VilleAuch
22%
VilleAurillac
22%
VilleAurillac
22%
VilleAuxerre
22%
VilleAvignon
22%
VilleBar-le-Duc
22%
VilleBastia
22%
VilleBelfort
22%
VilleBesançon
22%
VilleBlois
22%
VilleBordeaux
22%
VilleBourg-en-Bresse
22%
VilleBourg-en-Bresse
22%
VilleBourges
22%
VilleBourges
22%
VilleCaen
22%
VilleCaen
22%
VilleCahors
22%
VilleCahors
22%
VilleCarcassonne
22%
VilleCarcassonne
22%
VilleChâlons-en-Champagne
22%
VilleChambéry
22%
VilleChambéry
22%
VilleCharleville-Mézières
22%
VilleChâteauroux
22%
VilleChaumont
22%
VilleColmar
22%
VilleColmar
22%
VilleCréteil
22%
VilleCréteil
22%
VilleCréteil
22%
VilleDigne-les-Bains
22%
VilleDijon
22%
VilleDijon
22%
VilleDijon
22%
VilleDijon
22%
VilleDijon
22%
VilleÉpinal
22%
VilleÉvreux
22%
VilleFoix
22%
VilleFoix
22%
VilleGap
22%
VilleGuéret
22%
VilleLaon
22%
VilleLa Rochelle
22%
VilleLa Roche-sur-Yon
22%
VilleLe Mans
22%
VilleLe Mans
22%
VilleLe Puy-en-Velay
22%
VilleLille
22%
VilleLille
22%
VilleLimoges
22%
VilleLimoges
22%
VilleLons-le-Saunier
22%
VilleMâcon
22%
VilleMende
22%
VilleMende
22%
VilleMetz
22%
VilleMetz
22%
VilleMetz
22%
VilleMontauban
22%
VilleMontauban
22%
VilleMont-de-Marsan
22%
VilleMontpellier
22%
VilleMontpellier
22%
VilleMontpellier
22%
VilleMoulins
22%
VilleMoulins
22%
VilleNancy
22%
VilleNancy
22%
VilleNantes
22%
VilleNantes
22%
VilleNevers
22%
VilleNice
22%
VilleNice
22%
VilleNice
22%
VilleNîmes
22%
VilleNîmes
22%
VilleNîmes
22%
VilleNiort
22%
VilleNiort
22%
VilleOrléans
22%
VilleOrléans
22%
VilleOrléans
22%
VilleOrléans
22%
VillePau
22%
Ville Pau
22%
VillePérigueux
22%
VillePerpignan
22%
VillePerpignan
22%
VillePerpignan
22%
VillePoitiers
22%
VillePoitiers
22%
VillePrivas
22%
VillePrivas
22%
VilleQuimper
22%
Ville Quimper
22%
VilleQuimper
22%
VilleRennes
22%
VilleRodez
22%
VilleRodez
22%
VilleRouen
22%
VilleRouen
22%
VilleSaint-Brieuc
22%
VilleSaint-Étienne
22%
VilleSaint-Étienne
22%
VilleSaint-Étienne
22%
VilleSaint-Lô
22%
VilleStrasbourg
22%
VilleStrasbourg
22%
VilleStrasbourg
22%
VilleStrasbourg
22%
VilleTarbes
22%
VilleToulon
22%
VilleToulon
22%
VilleToulouse
22%
VilleTours
22%
VilleTours
22%
VilleTroyes
22%
VilleTulle
22%
VilleVannes
22%
VilleVannes
22%
VilleVersailles
22%
VilleVersailles
22%
VilleVesoul
22%
VilleVille mystère (Nancy)
22%
VilleAgen
21%
VilleAgen
21%
Ville Ajaccio
21%
VilleAlbi
21%
VilleAlbi
21%
VilleAlbi
21%
VilleAlençon
21%
VilleAlençon
21%
VilleAmiens
21%
VilleAmiens
21%
VilleAngers
21%
VilleAngers
21%
VilleAngers
21%
VilleAngers
21%
VilleAngoulême
21%
VilleAnnecy
21%
VilleAnnecy
21%
VilleArras
21%
VilleAuch
21%
VilleAuch
21%
VilleAurillac
21%
VilleAurillac
21%
VilleAuxerre
21%
VilleAuxerre
21%
VilleAuxerre
21%
VilleAvignon
21%
VilleAvignon
21%
VilleBar-le-Duc
21%
VilleBar-le-Duc
21%
VilleBar-le-Duc
21%
VilleBastia
21%
VilleBeauvais
21%
VilleBeauvais
21%
VilleBelfort
21%
VilleBelfort
21%
VilleBesançon
21%
VilleBesançon
21%
VilleBlois
21%
VilleBobigny
21%
VilleBordeaux
21%
VilleBordeaux
21%
VilleBourg-en-Bresse
21%
VilleBourg-en-Bresse
21%
VilleBourg-en-Bresse
21%
VilleBourg-en-Bresse
21%
VilleBourges
21%
VilleBourges
21%
VilleCaen
21%
VilleCahors
21%
VilleCahors
21%
VilleCarcassonne
21%
VilleCarcassonne
21%
VilleCergy
21%
VilleCergy
21%
VilleCergy
21%
VilleChâlons-en-Champagne
21%
VilleChambéry
21%
VilleChambéry
21%
VilleCharleville-Mézières
21%
VilleCharleville-Mézières
21%
VilleCharleville-Mézières
21%
VilleChartres
21%
VilleChartres
21%
VilleChâteauroux
21%
VilleChâteauroux
21%
VilleChaumont
21%
VilleChaumont
21%
VilleClermont-Ferrand
21%
VilleClermont-Ferrand
21%
VilleClermont-Ferrand
21%
VilleClermont-Ferrand
21%
VilleColmar
21%
VilleColmar
21%
VilleColmar
21%
VilleCréteil
21%
VilleCréteil
21%
VilleCréteil
21%
VilleDigne-les-Bains
21%
VilleDijon
21%
VilleDijon
21%
VilleDijon
21%
VilleÉpinal
21%
VilleÉpinal
21%
VilleÉvreux
21%
VilleÉvry-Courcouronnes
21%
VilleÉvry-Courcouronnes
21%
VilleFoix
21%
VilleFoix
21%
VilleGap
21%
VilleGrenoble
21%
VilleGuéret
21%
VilleGuéret
21%
VilleLaon
21%
VilleLaon
21%
VilleLa Rochelle
21%
VilleLa Rochelle
21%
VilleLa Roche-sur-Yon
21%
VilleLa Roche-sur-Yon
21%
VilleLaval
21%
VilleLe Mans
21%
VilleLe Mans
21%
VilleLe Mans
21%
VilleLe Puy-en-Velay
21%
VilleLe Puy-en-Velay
21%
VilleLimoges
21%
VilleLimoges
21%
VilleLimoges
21%
VilleLons-le-Saunier
21%
VilleLons-le-Saunier
21%
VilleMâcon
21%
VilleMâcon
21%
VilleMelun
21%
VilleMende
21%
VilleMende
21%
VilleMende
21%
VilleMetz
21%
VilleMetz
21%
VilleMontauban
21%
VilleMontauban
21%
VilleMontauban
21%
VilleMont-de-Marsan
21%
VilleMont-de-Marsan
21%
VilleMoulins
21%
VilleMoulins
21%
VilleNancy
21%
VilleNancy
21%
VilleNancy
21%
VilleNancy
21%
VilleNancy
21%
VilleNanterre
21%
VilleNevers
21%
VilleNevers
21%
VilleNevers
21%
VilleNice
21%
VilleNîmes
21%
VilleNîmes
21%
VilleNîmes
21%
VilleNîmes
21%
VilleNiort
21%
VilleNiort
21%
VilleOrléans
21%
VilleOrléans
21%
VilleOrléans
21%
VilleOrléans
21%
VilleOrléans
21%
VillePau
21%
VillePau
21%
VillePérigueux
21%
VillePérigueux
21%
VillePoitiers
21%
VillePoitiers
21%
VillePoitiers
21%
VillePoitiers
21%
VillePoitiers
21%
VillePrivas
21%
VillePrivas
21%
VilleQuimper
21%
VilleQuimper
21%
VilleQuimper
21%
Ville Quimper
21%
VilleRennes
21%
VilleRennes
21%
VilleRennes
21%
VilleRennes
21%
VilleRennes
21%
VilleRodez
21%
VilleRodez
21%
VilleRodez
21%
VilleRouen
21%
VilleRouen
21%
VilleRouen
21%
VilleRouen
21%
VilleSaint-Brieuc
21%
VilleSaint-Étienne
21%
VilleSaint-Étienne
21%
VilleSaint-Étienne
21%
VilleSaint-Étienne
21%
VilleSaint-Étienne
21%
VilleSaint-Lô
21%
VilleStrasbourg
21%
VilleTarbes
21%
VilleTarbes
21%
VilleTarbes
21%
VilleTarbes
21%
VilleToulon
21%
VilleToulon
21%
VilleToulouse
21%
VilleTours
21%
VilleTroyes
21%
VilleTulle
21%
VilleTulle
21%
VilleValence
21%
VilleValence
21%
VilleValence
21%
VilleValence
21%
VilleVannes
21%
VilleVersailles
21%
VilleVersailles
21%
VilleVersailles
21%
VilleVesoul
21%
VilleVesoul
21%
VilleVille mystère (Bastia)
21%
VilleVille mystère (Laval)
21%
VilleAjaccio
20%
VilleAlbi
20%
VilleAlençon
20%
VilleAlençon
20%
VilleAmiens
20%
VilleAmiens
20%
VilleAmiens
20%
VilleAmiens
20%
VilleAmiens
20%
VilleAngers
20%
VilleAngers
20%
VilleAngers
20%
VilleAngers
20%
VilleAnnecy
20%
VilleAnnecy
20%
VilleArras
20%
VilleArras
20%
VilleAuch
20%
VilleAurillac
20%
VilleAuxerre
20%
VilleAvignon
20%
VilleBar-le-Duc
20%
VilleBar-le-Duc
20%
VilleBastia
20%
VilleBeauvais
20%
VilleBeauvais
20%
VilleBelfort
20%
VilleBesançon
20%
VilleBesançon
20%
VilleBlois
20%
VilleBobigny
20%
VilleBordeaux
20%
VilleBourges
20%
VilleCaen
20%
VilleCaen
20%
VilleCaen
20%
VilleCaen
20%
VilleCahors
20%
VilleCarcassonne
20%
VilleCergy
20%
VilleCergy
20%
VilleCergy
20%
VilleChâlons-en-Champagne
20%
VilleChâlons-en-Champagne
20%
VilleChâlons-en-Champagne
20%
VilleChambéry
20%
VilleCharleville-Mézières
20%
VilleCharleville-Mézières
20%
VilleChartres
20%
VilleChartres
20%
VilleChâteauroux
20%
VilleChâteauroux
20%
VilleChaumont
20%
VilleChaumont
20%
VilleClermont-Ferrand
20%
VilleClermont-Ferrand
20%
VilleClermont-Ferrand
20%
VilleColmar
20%
VilleCréteil
20%
VilleDigne-les-Bains
20%
VilleDigne-les-Bains
20%
VilleDijon
20%
VilleÉpinal
20%
VilleÉpinal
20%
VilleÉpinal
20%
VilleÉvreux
20%
VilleÉvreux
20%
VilleÉvry-Courcouronnes
20%
VilleÉvry-Courcouronnes
20%
VilleFoix
20%
VilleGap
20%
VilleGap
20%
VilleGrenoble
20%
VilleGrenoble
20%
VilleGuéret
20%
VilleLaon
20%
VilleLaon
20%
VilleLa Rochelle
20%
VilleLa Roche-sur-Yon
20%
VilleLaval
20%
VilleLaval
20%
VilleLe Mans
20%
VilleLe Puy-en-Velay
20%
VilleLe Puy-en-Velay
20%
VilleLimoges
20%
VilleLimoges
20%
VilleLimoges
20%
VilleLons-le-Saunier
20%
VilleLons-le-Saunier
20%
VilleMâcon
20%
VilleMâcon
20%
VilleMarseille
20%
VilleMelun
20%
VilleMelun
20%
VilleMende
20%
VilleMetz
20%
VilleMetz
20%
VilleMetz
20%
VilleMont-de-Marsan
20%
VilleMontpellier
20%
VilleMoulins
20%
VilleMoulins
20%
VilleNancy
20%
VilleNancy
20%
VilleNancy
20%
VilleNanterre
20%
VilleNanterre
20%
VilleNantes
20%
VilleNevers
20%
VilleNevers
20%
VilleNice
20%
VilleNîmes
20%
VilleNîmes
20%
VilleOrléans
20%
VilleOrléans
20%
VilleOrléans
20%
VillePau
20%
VillePérigueux
20%
VillePérigueux
20%
VillePerpignan
20%
VillePerpignan
20%
VillePerpignan
20%
VillePoitiers
20%
VillePrivas
20%
Ville Quimper
20%
VilleQuimper
20%
VilleRennes
20%
VilleRennes
20%
VilleRouen
20%
VilleRouen
20%
VilleSaint-Brieuc
20%
VilleSaint-Brieuc
20%
VilleSaint-Brieuc
20%
VilleSaint-Étienne
20%
VilleSaint-Étienne
20%
VilleSaint-Étienne
20%
VilleSaint-Lô
20%
VilleSaint-Lô
20%
VilleSaint-Lô
20%
VilleStrasbourg
20%
VilleToulon
20%
VilleToulouse
20%
VilleToulouse
20%
VilleTours
20%
VilleTours
20%
VilleTours
20%
VilleTours
20%
VilleTulle
20%
VilleValence
20%
VilleValence
20%
VilleVersailles
20%
VilleVersailles
20%
VilleVersailles
20%
VilleVesoul
20%
VilleVesoul
20%
VilleVille mystère (Nîmes)
20%
VilleVille mystère (Pau)
20%
VilleAgen
19%
VilleAjaccio
19%
VilleAlbi
19%
VilleAlbi
19%
VilleAlençon
19%
VilleAmiens
19%
VilleAngers
19%
VilleAngoulême
19%
VilleAngoulême
19%
VilleArras
19%
VilleArras
19%
VilleArras
19%
VilleAuch
19%
VilleAuch
19%
VilleAuch
19%
VilleAurillac
19%
VilleAvignon
19%
VilleAvignon
19%
VilleAvignon
19%
VilleAvignon
19%
VilleBar-le-Duc
19%
VilleBeauvais
19%
VilleBelfort
19%
VilleBlois
19%
VilleBlois
19%
VilleBobigny
19%
VilleBobigny
19%
VilleBordeaux
19%
VilleBordeaux
19%
VilleBourg-en-Bresse
19%
VilleBourges
19%
VilleBourges
19%
VilleCaen
19%
VilleCaen
19%
VilleCaen
19%
VilleCaen
19%
VilleCahors
19%
VilleCergy
19%
VilleChâlons-en-Champagne
19%
VilleCharleville-Mézières
19%
VilleChartres
19%
VilleChâteauroux
19%
VilleChaumont
19%
VilleClermont-Ferrand
19%
VilleCréteil
19%
VilleCréteil
19%
VilleDigne-les-Bains
19%
VilleDijon
19%
VilleÉpinal
19%
VilleÉvreux
19%
VilleÉvry-Courcouronnes
19%
VilleFoix
19%
VilleFoix
19%
VilleFoix
19%
VilleGrenoble
19%
VilleGuéret
19%
VilleLaon
19%
VilleLa Rochelle
19%
VilleLa Rochelle
19%
VilleLa Roche-sur-Yon
19%
VilleLa Roche-sur-Yon
19%
VilleLa Roche-sur-Yon
19%
VilleLaval
19%
VilleLe Mans
19%
VilleLe Puy-en-Velay
19%
VilleLimoges
19%
VilleLimoges
19%
VilleLons-le-Saunier
19%
VilleMâcon
19%
VilleMelun
19%
VilleMende
19%
VilleMetz
19%
VilleMetz
19%
VilleMetz
19%
VilleMontauban
19%
VilleMontauban
19%
VilleMont-de-Marsan
19%
VilleMont-de-Marsan
19%
VilleNancy
19%
VilleNancy
19%
VilleNancy
19%
VilleNancy
19%
VilleNancy
19%
VilleNanterre
19%
VilleNanterre
19%
VilleNanterre
19%
VilleNîmes
19%
VilleNîmes
19%
VilleNîmes
19%
VilleNiort
19%
VilleNiort
19%
VilleOrléans
19%
VilleOrléans
19%
VilleOrléans
19%
VillePau
19%
VillePérigueux
19%
VillePérigueux
19%
VillePerpignan
19%
VillePerpignan
19%
VillePoitiers
19%
VilleQuimper
19%
VilleQuimper
19%
VilleRennes
19%
VilleRouen
19%
VilleRouen
19%
VilleSaint-Brieuc
19%
VilleSaint-Étienne
19%
VilleSaint-Étienne
19%
VilleSaint-Lô
19%
VilleStrasbourg
19%
VilleStrasbourg
19%
VilleStrasbourg
19%
VilleStrasbourg
19%
VilleStrasbourg
19%
VilleTarbes
19%
VilleToulon
19%
VilleToulouse
19%
VilleToulouse
19%
VilleToulouse
19%
VilleToulouse
19%
VilleToulouse
19%
VilleTours
19%
VilleTroyes
19%
VilleTroyes
19%
VilleTulle
19%
VilleValence
19%
VilleValence
19%
VilleValence
19%
VilleVannes
19%
VilleVersailles
19%
VilleVersailles
19%
VilleVersailles
19%
VilleVesoul
19%
VilleVesoul
19%
VilleVille mystère (Valence)
19%
VilleAgen
18%
VilleAgen
18%
VilleAgen
18%
VilleAgen
18%
VilleAjaccio
18%
Ville Ajaccio
18%
VilleAlbi
18%
VilleAlbi
18%
VilleAlbi
18%
VilleAlençon
18%
VilleAlençon
18%
VilleAmiens
18%
VilleAmiens
18%
VilleAngers
18%
VilleAngers
18%
VilleAngers
18%
VilleAngoulême
18%
VilleAngoulême
18%
VilleAnnecy
18%
VilleArras
18%
VilleArras
18%
VilleAuch
18%
VilleAuch
18%
VilleAuch
18%
VilleAurillac
18%
VilleAurillac
18%
VilleAuxerre
18%
VilleAuxerre
18%
VilleAvignon
18%
VilleAvignon
18%
VilleBar-le-Duc
18%
VilleBar-le-Duc
18%
VilleBastia
18%
VilleBastia
18%
Ville Bastia
18%
VilleBeauvais
18%
VilleBelfort
18%
VilleBesançon
18%
VilleBlois
18%
VilleBlois
18%
VilleBlois
18%
VilleBlois
18%
VilleBobigny
18%
VilleBobigny
18%
VilleBordeaux
18%
VilleBordeaux
18%
VilleBourg-en-Bresse
18%
VilleBourges
18%
VilleBourges
18%
VilleCaen
18%
VilleCaen
18%
VilleCahors
18%
VilleCahors
18%
VilleCarcassonne
18%
VilleCergy
18%
VilleChâlons-en-Champagne
18%
VilleChâlons-en-Champagne
18%
VilleChâlons-en-Champagne
18%
VilleChambéry
18%
VilleChambéry
18%
VilleChambéry
18%
VilleCharleville-Mézières
18%
VilleCharleville-Mézières
18%
VilleChartres
18%
VilleChartres
18%
VilleChartres
18%
VilleChâteauroux
18%
VilleChâteauroux
18%
VilleChâteauroux
18%
VilleChaumont
18%
VilleChaumont
18%
VilleClermont-Ferrand
18%
VilleClermont-Ferrand
18%
VilleColmar
18%
VilleColmar
18%
VilleCréteil
18%
VilleCréteil
18%
VilleCréteil
18%
VilleCréteil
18%
VilleDigne-les-Bains
18%
VilleDigne-les-Bains
18%
VilleDigne-les-Bains
18%
VilleDijon
18%
VilleDijon
18%
VilleDijon
18%
VilleÉpinal
18%
VilleÉpinal
18%
VilleÉvreux
18%
VilleÉvreux
18%
VilleÉvry-Courcouronnes
18%
VilleÉvry-Courcouronnes
18%
VilleFoix
18%
VilleFoix
18%
VilleGap
18%
VilleGap
18%
VilleGap
18%
VilleGrenoble
18%
VilleGrenoble
18%
VilleGuéret
18%
VilleGuéret
18%
VilleLaon
18%
VilleLaon
18%
VilleLa Rochelle
18%
VilleLa Rochelle
18%
VilleLa Rochelle
18%
VilleLaval
18%
VilleLaval
18%
VilleLaval
18%
VilleLaval
18%
VilleLe Mans
18%
VilleLe Mans
18%
VilleLe Puy-en-Velay
18%
VilleLe Puy-en-Velay
18%
VilleLille
18%
VilleLimoges
18%
VilleLimoges
18%
VilleLons-le-Saunier
18%
VilleLons-le-Saunier
18%
VilleLyon
18%
VilleMâcon
18%
VilleMâcon
18%
VilleMâcon
18%
VilleMelun
18%
VilleMelun
18%
VilleMelun
18%
VilleMende
18%
VilleMetz
18%
VilleMetz
18%
VilleMontauban
18%
VilleMontauban
18%
VilleMont-de-Marsan
18%
VilleMont-de-Marsan
18%
VilleMontpellier
18%
VilleMontpellier
18%
VilleMontpellier
18%
VilleMoulins
18%
VilleMoulins
18%
VilleNancy
18%
VilleNancy
18%
VilleNanterre
18%
VilleNanterre
18%
VilleNantes
18%
VilleNevers
18%
VilleNevers
18%
VilleNice
18%
VilleNice
18%
VilleNice
18%
VilleNice
18%
VilleNice
18%
VilleNîmes
18%
VilleNiort
18%
VilleNiort
18%
VilleNiort
18%
VillePau
18%
VillePau
18%
VillePau
18%
VillePérigueux
18%
VillePérigueux
18%
VillePerpignan
18%
VillePerpignan
18%
VillePoitiers
18%
VillePoitiers
18%
VillePoitiers
18%
VillePrivas
18%
VillePrivas
18%
VilleRodez
18%
VilleRodez
18%
VilleRouen
18%
VilleSaint-Brieuc
18%
VilleSaint-Brieuc
18%
VilleSaint-Brieuc
18%
VilleSaint-Étienne
18%
VilleSaint-Étienne
18%
VilleSaint-Lô
18%
VilleSaint-Lô
18%
VilleStrasbourg
18%
VilleStrasbourg
18%
VilleStrasbourg
18%
Ville Strasbourg
18%
VilleTarbes
18%
VilleToulon
18%
VilleToulouse
18%
VilleToulouse
18%
VilleTours
18%
VilleTours
18%
VilleTroyes
18%
VilleTroyes
18%
VilleTulle
18%
VilleTulle
18%
VilleTulle
18%
VilleTulle
18%
VilleValence
18%
VilleVannes
18%
VilleVersailles
18%
VilleVersailles
18%
VilleVersailles
18%
VilleVersailles
18%
VilleVersailles
18%
VilleVersailles
18%
VilleVersailles
18%
VilleVesoul
18%
VilleVesoul
18%
VilleVesoul
18%
VilleVille mystère (Agen)
18%
VilleVille mystère (Tours)
18%
VilleAgen
17%
VilleAjaccio
17%
VilleAjaccio
17%
VilleAlençon
17%
VilleAmiens
17%
VilleAngoulême
17%
VilleAngoulême
17%
VilleAnnecy
17%
VilleArras
17%
VilleArras
17%
VilleAuch
17%
VilleAuxerre
17%
VilleAuxerre
17%
VilleAuxerre
17%
VilleBar-le-Duc
17%
VilleBastia
17%
VilleBeauvais
17%
VilleBelfort
17%
VilleBesançon
17%
VilleBesançon
17%
VilleBesançon
17%
VilleBlois
17%
VilleBobigny
17%
VilleBordeaux
17%
VilleBordeaux
17%
VilleBordeaux
17%
VilleBordeaux
17%
VilleBourg-en-Bresse
17%
VilleBourges
17%
VilleCaen
17%
VilleCaen
17%
VilleCahors
17%
VilleCergy
17%
VilleCergy
17%
VilleChartres
17%
VilleClermont-Ferrand
17%
VilleClermont-Ferrand
17%
VilleColmar
17%
VilleCréteil
17%
VilleCréteil
17%
VilleCréteil
17%
VilleDijon
17%
VilleDijon
17%
VilleDijon
17%
VilleDijon
17%
VilleÉpinal
17%
VilleÉvreux
17%
VilleÉvry-Courcouronnes
17%
VilleFoix
17%
VilleGap
17%
VilleGap
17%
VilleGrenoble
17%
VilleGuéret
17%
VilleLaon
17%
VilleLa Rochelle
17%
VilleLa Roche-sur-Yon
17%
VilleLa Roche-sur-Yon
17%
VilleLa Roche-sur-Yon
17%
VilleLe Mans
17%
VilleLe Mans
17%
VilleLimoges
17%
VilleLons-le-Saunier
17%
VilleMâcon
17%
VilleMâcon
17%
VilleMarseille
17%
VilleMelun
17%
VilleMelun
17%
VilleMetz
17%
VilleMetz
17%
VilleMontauban
17%
VilleMont-de-Marsan
17%
VilleMoulins
17%
VilleNancy
17%
VilleNancy
17%
VilleNanterre
17%
VilleNanterre
17%
VilleNanterre
17%
VilleNanterre
17%
VilleNantes
17%
VilleNantes
17%
VilleNice
17%
VilleNice
17%
VilleNice
17%
VilleNîmes
17%
VilleNîmes
17%
VilleNîmes
17%
VilleNîmes
17%
VilleNîmes
17%
VilleNiort
17%
VilleOrléans
17%
VilleOrléans
17%
VilleOrléans
17%
VillePau
17%
VillePau
17%
VillePau
17%
VillePérigueux
17%
VillePérigueux
17%
VillePerpignan
17%
VillePoitiers
17%
VillePoitiers
17%
Ville Quimper
17%
VilleQuimper
17%
Ville Quimper
17%
VilleQuimper
17%
VilleRennes
17%
VilleRennes
17%
VilleRouen
17%
VilleRouen
17%
VilleRouen
17%
VilleRouen
17%
VilleRouen
17%
VilleSaint-Brieuc
17%
VilleSaint-Étienne
17%
VilleTarbes
17%
VilleTarbes
17%
VilleToulon
17%
VilleToulon
17%
VilleToulon
17%
VilleToulon
17%
VilleToulouse
17%
VilleTours
17%
VilleTours
17%
VilleTours
17%
VilleTours
17%
VilleTroyes
17%
VilleTroyes
17%
VilleTroyes
17%
VilleTroyes
17%
VilleValence
17%
VilleValence
17%
VilleValence
17%
VilleValence
17%
VilleVannes
17%
VilleVannes
17%
VilleVannes
17%
VilleVannes
17%
VilleVersailles
17%
VilleVersailles
17%
VilleVersailles
17%
VilleVesoul
17%
VilleAlbi
16%
VilleAlbi
16%
VilleAlbi
16%
VilleAlençon
16%
VilleAmiens
16%
VilleAmiens
16%
VilleAmiens
16%
VilleAmiens
16%
VilleAmiens
16%
VilleAngers
16%
VilleAngers
16%
VilleAngers
16%
VilleAnnecy
16%
VilleAnnecy
16%
VilleAnnecy
16%
VilleArras
16%
VilleArras
16%
VilleAuch
16%
VilleAurillac
16%
VilleAurillac
16%
VilleAuxerre
16%
VilleAuxerre
16%
VilleAvignon
16%
VilleBar-le-Duc
16%
VilleBastia
16%
VilleBeauvais
16%
VilleBeauvais
16%
VilleBelfort
16%
VilleBesançon
16%
VilleBesançon
16%
VilleBobigny
16%
VilleBordeaux
16%
VilleBordeaux
16%
VilleBordeaux
16%
VilleBourg-en-Bresse
16%
VilleBourg-en-Bresse
16%
VilleBourges
16%
VilleCahors
16%
VilleCahors
16%
VilleCarcassonne
16%
VilleCergy
16%
VilleCergy
16%
VilleChâlons-en-Champagne
16%
VilleChambéry
16%
VilleCharleville-Mézières
16%
VilleChartres
16%
VilleChartres
16%
VilleChâteauroux
16%
VilleChaumont
16%
VilleClermont-Ferrand
16%
VilleClermont-Ferrand
16%
VilleClermont-Ferrand
16%
VilleClermont-Ferrand
16%
VilleColmar
16%
VilleColmar
16%
VilleColmar
16%
VilleCréteil
16%
VilleCréteil
16%
VilleDigne-les-Bains
16%
VilleDijon
16%
VilleDijon
16%
VilleDijon
16%
VilleÉpinal
16%
VilleÉvreux
16%
VilleÉvreux
16%
VilleÉvreux
16%
VilleÉvry-Courcouronnes
16%
VilleÉvry-Courcouronnes
16%
VilleGap
16%
VilleGrenoble
16%
VilleGrenoble
16%
VilleGrenoble
16%
VilleGrenoble
16%
VilleGuéret
16%
VilleLaon
16%
VilleLa Rochelle
16%
VilleLa Roche-sur-Yon
16%
VilleLaval
16%
VilleLaval
16%
VilleLe Mans
16%
VilleLe Mans
16%
VilleLe Mans
16%
VilleLe Mans
16%
VilleLe Mans
16%
VilleLe Puy-en-Velay
16%
VilleLimoges
16%
VilleLons-le-Saunier
16%
VilleMâcon
16%
VilleMarseille
16%
VilleMelun
16%
VilleMelun
16%
VilleMende
16%
VilleMetz
16%
VilleMetz
16%
VilleMetz
16%
VilleMontauban
16%
VilleMontpellier
16%
VilleMoulins
16%
VilleMoulins
16%
VilleNancy
16%
VilleNancy
16%
VilleNancy
16%
VilleNanterre
16%
VilleNantes
16%
VilleNantes
16%
VilleNevers
16%
VilleNice
16%
VilleNice
16%
VilleNîmes
16%
VilleNiort
16%
VilleOrléans
16%
VilleOrléans
16%
VilleOrléans
16%
VillePau
16%
VillePau
16%
VillePérigueux
16%
VillePoitiers
16%
VillePrivas
16%
VilleQuimper
16%
VilleQuimper
16%
VilleQuimper
16%
VilleRennes
16%
VilleRodez
16%
VilleRouen
16%
VilleRouen
16%
VilleSaint-Brieuc
16%
VilleSaint-Étienne
16%
VilleSaint-Étienne
16%
VilleSaint-Lô
16%
VilleStrasbourg
16%
VilleStrasbourg
16%
VilleStrasbourg
16%
VilleTarbes
16%
VilleTarbes
16%
VilleTarbes
16%
VilleToulon
16%
VilleToulouse
16%
VilleToulouse
16%
VilleTours
16%
VilleTours
16%
VilleTours
16%
VilleTours
16%
VilleTroyes
16%
VilleTroyes
16%
VilleTulle
16%
VilleValence
16%
VilleVannes
16%
VilleVannes
16%
VilleVersailles
16%
VilleVersailles
16%
VilleVille mystère (Montauban)
16%
VilleAgen
15%
VilleAgen
15%
VilleAjaccio
15%
VilleAjaccio
15%
VilleAjaccio
15%
VilleAlbi
15%
VilleAlbi
15%
VilleAlençon
15%
VilleAmiens
15%
VilleAmiens
15%
VilleAmiens
15%
VilleAmiens
15%
VilleAmiens
15%
VilleAmiens
15%
VilleAngers
15%
VilleAngers
15%
VilleAngers
15%
VilleAngoulême
15%
VilleAnnecy
15%
VilleAnnecy
15%
VilleArras
15%
VilleAuch
15%
VilleAurillac
15%
VilleAuxerre
15%
VilleAuxerre
15%
VilleAuxerre
15%
VilleAvignon
15%
VilleBar-le-Duc
15%
Ville Bastia
15%
VilleBastia
15%
VilleBeauvais
15%
VilleBelfort
15%
VilleBesançon
15%
VilleBesançon
15%
VilleBesançon
15%
VilleBlois
15%
VilleBobigny
15%
VilleBordeaux
15%
VilleBourg-en-Bresse
15%
VilleBourg-en-Bresse
15%
VilleBourg-en-Bresse
15%
VilleBourg-en-Bresse
15%
VilleBourges
15%
VilleCaen
15%
VilleCaen
15%
VilleCaen
15%
VilleCahors
15%
VilleCarcassonne
15%
VilleCarcassonne
15%
VilleCergy
15%
VilleCergy
15%
VilleCergy
15%
VilleChâlons-en-Champagne
15%
VilleChambéry
15%
VilleChambéry
15%
VilleCharleville-Mézières
15%
VilleChartres
15%
VilleChartres
15%
VilleChartres
15%
VilleChâteauroux
15%
VilleChaumont
15%
VilleClermont-Ferrand
15%
VilleClermont-Ferrand
15%
VilleClermont-Ferrand
15%
VilleColmar
15%
VilleColmar
15%
VilleCréteil
15%
VilleCréteil
15%
VilleDijon
15%
VilleÉpinal
15%
VilleÉvreux
15%
VilleÉvreux
15%
VilleÉvry-Courcouronnes
15%
VilleÉvry-Courcouronnes
15%
VilleFoix
15%
VilleGap
15%
VilleGrenoble
15%
VilleGuéret
15%
VilleLaon
15%
VilleLa Rochelle
15%
VilleLa Roche-sur-Yon
15%
VilleLa Roche-sur-Yon
15%
VilleLa Roche-sur-Yon
15%
VilleLaval
15%
VilleLe Mans
15%
VilleLe Mans
15%
VilleLe Puy-en-Velay
15%
VilleLe Puy-en-Velay
15%
VilleLimoges
15%
VilleLimoges
15%
VilleLimoges
15%
VilleLons-le-Saunier
15%
VilleMâcon
15%
VilleMelun
15%
VilleMelun
15%
VilleMelun
15%
VilleMende
15%
VilleMende
15%
VilleMetz
15%
VilleMetz
15%
VilleMetz
15%
VilleMetz
15%
VilleMontauban
15%
VilleMont-de-Marsan
15%
VilleMontpellier
15%
VilleMontpellier
15%
VilleMoulins
15%
VilleNancy
15%
VilleNancy
15%
VilleNanterre
15%
VilleNanterre
15%
VilleNevers
15%
VilleNîmes
15%
VilleNiort
15%
VilleNiort
15%
VilleOrléans
15%
VilleOrléans
15%
VillePérigueux
15%
VillePérigueux
15%
VillePérigueux
15%
VillePerpignan
15%
VillePerpignan
15%
VillePerpignan
15%
VillePerpignan
15%
VillePoitiers
15%
VillePrivas
15%
VilleQuimper
15%
VilleQuimper
15%
VilleRennes
15%
VilleRennes
15%
VilleRennes
15%
VilleRodez
15%
VilleRouen
15%
VilleRouen
15%
VilleRouen
15%
VilleSaint-Étienne
15%
VilleSaint-Étienne
15%
VilleSaint-Étienne
15%
VilleSaint-Lô
15%
VilleToulon
15%
VilleToulon
15%
VilleToulon
15%
VilleToulon
15%
VilleToulouse
15%
VilleTours
15%
VilleTroyes
15%
VilleTulle
15%
VilleValence
15%
VilleVannes
15%
VilleVersailles
15%
VilleVesoul
15%
VilleVesoul
15%
VilleVille mystère (Carcassonne)
15%
VilleAgen
14%
VilleAgen
14%
VilleAgen
14%
VilleAgen
14%
Ville Ajaccio
14%
VilleAjaccio
14%
VilleAjaccio
14%
VilleAjaccio
14%
VilleAjaccio
14%
VilleAlbi
14%
VilleAlbi
14%
VilleAlbi
14%
VilleAlbi
14%
VilleAlençon
14%
VilleAlençon
14%
VilleAlençon
14%
VilleAmiens
14%
VilleAmiens
14%
VilleAmiens
14%
VilleAngers
14%
VilleAngers
14%
VilleAngers
14%
VilleAngers
14%
VilleAngers
14%
VilleAngoulême
14%
VilleAngoulême
14%
VilleAngoulême
14%
VilleAnnecy
14%
VilleAnnecy
14%
VilleArras
14%
VilleArras
14%
VilleArras
14%
VilleAuch
14%
VilleAuch
14%
VilleAuch
14%
VilleAuch
14%
VilleAuch
14%
VilleAuch
14%
VilleAurillac
14%
VilleAurillac
14%
VilleAurillac
14%
VilleAurillac
14%
VilleAuxerre
14%
VilleAuxerre
14%
VilleAuxerre
14%
VilleAvignon
14%
VilleAvignon
14%
VilleAvignon
14%
VilleBar-le-Duc
14%
VilleBar-le-Duc
14%
VilleBar-le-Duc
14%
VilleBastia
14%
Ville Bastia
14%
VilleBastia
14%
VilleBastia
14%
VilleBeauvais
14%
VilleBeauvais
14%
VilleBeauvais
14%
VilleBeauvais
14%
VilleBelfort
14%
VilleBelfort
14%
VilleBelfort
14%
VilleBelfort
14%
VilleBesançon
14%
VilleBlois
14%
VilleBlois
14%
VilleBlois
14%
VilleBlois
14%
VilleBlois
14%
VilleBobigny
14%
VilleBobigny
14%
VilleBobigny
14%
VilleBobigny
14%
VilleBobigny
14%
VilleBordeaux
14%
VilleBordeaux
14%
VilleBourg-en-Bresse
14%
VilleBourg-en-Bresse
14%
VilleBourg-en-Bresse
14%
VilleBourg-en-Bresse
14%
VilleBourges
14%
VilleBourges
14%
VilleBourges
14%
VilleCaen
14%
VilleCaen
14%
VilleCaen
14%
VilleCaen
14%
VilleCaen
14%
VilleCaen
14%
VilleCaen
14%
VilleCaen
14%
VilleCahors
14%
VilleCahors
14%
VilleCahors
14%
VilleCahors
14%
VilleCarcassonne
14%
VilleCarcassonne
14%
VilleCarcassonne
14%
VilleCarcassonne
14%
VilleCarcassonne
14%
VilleCarcassonne
14%
VilleCergy
14%
VilleCergy
14%
VilleCergy
14%
VilleCergy
14%
VilleChâlons-en-Champagne
14%
VilleChâlons-en-Champagne
14%
VilleChâlons-en-Champagne
14%
VilleChambéry
14%
VilleChambéry
14%
VilleCharleville-Mézières
14%
VilleCharleville-Mézières
14%
VilleCharleville-Mézières
14%
VilleCharleville-Mézières
14%
VilleChartres
14%
VilleChartres
14%
VilleChartres
14%
VilleChâteauroux
14%
VilleChâteauroux
14%
VilleChâteauroux
14%
VilleChâteauroux
14%
VilleChaumont
14%
VilleChaumont
14%
VilleChaumont
14%
VilleChaumont
14%
VilleChaumont
14%
VilleClermont-Ferrand
14%
VilleClermont-Ferrand
14%
VilleClermont-Ferrand
14%
VilleColmar
14%
VilleColmar
14%
VilleCréteil
14%
VilleCréteil
14%
VilleDigne-les-Bains
14%
VilleDigne-les-Bains
14%
VilleDigne-les-Bains
14%
VilleDigne-les-Bains
14%
VilleDijon
14%
VilleDijon
14%
VilleDijon
14%
VilleDijon
14%
VilleÉpinal
14%
VilleÉpinal
14%
VilleÉpinal
14%
VilleÉvreux
14%
VilleÉvreux
14%
VilleÉvreux
14%
VilleÉvry-Courcouronnes
14%
VilleÉvry-Courcouronnes
14%
VilleÉvry-Courcouronnes
14%
VilleFoix
14%
VilleFoix
14%
VilleFoix
14%
VilleFoix
14%
VilleFoix
14%
VilleGap
14%
VilleGap
14%
VilleGap
14%
VilleGrenoble
14%
VilleGrenoble
14%
VilleGrenoble
14%
VilleGrenoble
14%
VilleGrenoble
14%
VilleGuéret
14%
VilleGuéret
14%
VilleGuéret
14%
VilleGuéret
14%
VilleLaon
14%
VilleLaon
14%
VilleLaon
14%
VilleLa Rochelle
14%
VilleLa Rochelle
14%
VilleLa Rochelle
14%
VilleLa Rochelle
14%
VilleLa Rochelle
14%
VilleLa Roche-sur-Yon
14%
VilleLa Roche-sur-Yon
14%
VilleLa Roche-sur-Yon
14%
VilleLa Roche-sur-Yon
14%
VilleLaval
14%
VilleLaval
14%
VilleLaval
14%
VilleLaval
14%
VilleLe Mans
14%
VilleLe Mans
14%
VilleLe Mans
14%
VilleLe Mans
14%
VilleLe Mans
14%
VilleLe Mans
14%
VilleLe Puy-en-Velay
14%
VilleLe Puy-en-Velay
14%
VilleLe Puy-en-Velay
14%
VilleLe Puy-en-Velay
14%
VilleLimoges
14%
VilleLimoges
14%
VilleLimoges
14%
VilleLons-le-Saunier
14%
VilleLons-le-Saunier
14%
VilleLons-le-Saunier
14%
VilleLons-le-Saunier
14%
VilleMâcon
14%
VilleMâcon
14%
VilleMâcon
14%
VilleMelun
14%
VilleMelun
14%
VilleMelun
14%
VilleMelun
14%
VilleMende
14%
VilleMende
14%
VilleMende
14%
VilleMende
14%
VilleMetz
14%
VilleMontauban
14%
VilleMontauban
14%
VilleMontauban
14%
VilleMontauban
14%
VilleMont-de-Marsan
14%
VilleMont-de-Marsan
14%
VilleMont-de-Marsan
14%
VilleMont-de-Marsan
14%
VilleMont-de-Marsan
14%
VilleMont-de-Marsan
14%
VilleMontpellier
14%
VilleMontpellier
14%
VilleMontpellier
14%
VilleMoulins
14%
VilleMoulins
14%
VilleNancy
14%
VilleNancy
14%
VilleNancy
14%
VilleNancy
14%
VilleNanterre
14%
VilleNevers
14%
VilleNevers
14%
VilleNice
14%
VilleNice
14%
VilleNice
14%
VilleNîmes
14%
VilleNîmes
14%
VilleNîmes
14%
VilleNiort
14%
VilleNiort
14%
VilleNiort
14%
VilleNiort
14%
VilleNiort
14%
VilleOrléans
14%
VilleOrléans
14%
VillePau
14%
VillePau
14%
VillePau
14%
VillePérigueux
14%
VillePérigueux
14%
VillePérigueux
14%
VillePerpignan
14%
VillePerpignan
14%
VillePerpignan
14%
VillePerpignan
14%
VillePerpignan
14%
VillePerpignan
14%
VillePerpignan
14%
VillePoitiers
14%
VillePoitiers
14%
VillePrivas
14%
VillePrivas
14%
VillePrivas
14%
Ville Quimper
14%
VilleQuimper
14%
VilleQuimper
14%
Ville Quimper
14%
VilleRodez
14%
VilleRodez
14%
VilleRodez
14%
VilleRouen
14%
VilleRouen
14%
VilleRouen
14%
VilleRouen
14%
VilleSaint-Brieuc
14%
VilleSaint-Brieuc
14%
VilleSaint-Brieuc
14%
VilleSaint-Brieuc
14%
VilleSaint-Étienne
14%
VilleSaint-Étienne
14%
VilleSaint-Lô
14%
VilleSaint-Lô
14%
VilleSaint-Lô
14%
VilleSaint-Lô
14%
VilleSaint-Lô
14%
VilleTarbes
14%
VilleTarbes
14%
VilleTarbes
14%
VilleTarbes
14%
VilleToulon
14%
VilleToulon
14%
VilleToulon
14%
VilleToulon
14%
VilleToulon
14%
VilleToulouse
14%
VilleTours
14%
VilleTours
14%
VilleTours
14%
VilleTours
14%
VilleTours
14%
VilleTroyes
14%
VilleTroyes
14%
VilleTroyes
14%
VilleTroyes
14%
VilleTroyes
14%
VilleTulle
14%
VilleTulle
14%
VilleTulle
14%
VilleVannes
14%
VilleVannes
14%
VilleVersailles
14%
VilleVersailles
14%
VilleVesoul
14%
VilleVesoul
14%
VilleVesoul
14%
VilleVille mystère (Annecy)
14%
VilleVille mystère (Besançon)
14%
VilleVille mystère (Colmar)
14%
VilleVille mystère (Nanterre)
14%
VilleAgen
13%
VilleAjaccio
13%
Ville Ajaccio
13%
VilleAjaccio
13%
Ville Ajaccio
13%
VilleAjaccio
13%
VilleAlbi
13%
VilleAlençon
13%
VilleAlençon
13%
VilleAlençon
13%
VilleAmiens
13%
VilleAmiens
13%
VilleAmiens
13%
VilleAmiens
13%
VilleAmiens
13%
VilleAmiens
13%
VilleAmiens
13%
VilleAmiens
13%
VilleAngers
13%
VilleAngers
13%
VilleAngers
13%
VilleAngoulême
13%
VilleAnnecy
13%
VilleAnnecy
13%
VilleAnnecy
13%
VilleAnnecy
13%
VilleAnnecy
13%
VilleAnnecy
13%
VilleArras
13%
VilleArras
13%
VilleArras
13%
VilleArras
13%
VilleArras
13%
VilleArras
13%
VilleAuch
13%
VilleAurillac
13%
VilleAurillac
13%
VilleAuxerre
13%
VilleAuxerre
13%
VilleAvignon
13%
VilleAvignon
13%
VilleAvignon
13%
VilleAvignon
13%
VilleBar-le-Duc
13%
VilleBar-le-Duc
13%
VilleBar-le-Duc
13%
VilleBar-le-Duc
13%
VilleBar-le-Duc
13%
VilleBastia
13%
VilleBastia
13%
VilleBastia
13%
Ville Bastia
13%
VilleBeauvais
13%
VilleBeauvais
13%
VilleBeauvais
13%
VilleBeauvais
13%
VilleBelfort
13%
VilleBelfort
13%
VilleBelfort
13%
VilleBelfort
13%
VilleBelfort
13%
VilleBelfort
13%
VilleBesançon
13%
VilleBesançon
13%
VilleBesançon
13%
VilleBesançon
13%
VilleBesançon
13%
VilleBesançon
13%
VilleBesançon
13%
VilleBesançon
13%
VilleBlois
13%
VilleBlois
13%
VilleBlois
13%
VilleBobigny
13%
VilleBobigny
13%
VilleBobigny
13%
VilleBobigny
13%
VilleBobigny
13%
VilleBobigny
13%
VilleBordeaux
13%
VilleBordeaux
13%
VilleBourg-en-Bresse
13%
VilleBourg-en-Bresse
13%
VilleBourg-en-Bresse
13%
VilleBourges
13%
VilleBourges
13%
VilleBourges
13%
VilleBourges
13%
VilleCaen
13%
VilleCaen
13%
VilleCaen
13%
VilleCaen
13%
VilleCahors
13%
VilleCahors
13%
VilleCarcassonne
13%
VilleCarcassonne
13%
VilleCergy
13%
VilleCergy
13%
VilleCergy
13%
VilleCergy
13%
VilleChâlons-en-Champagne
13%
VilleChâlons-en-Champagne
13%
VilleChâlons-en-Champagne
13%
VilleChâlons-en-Champagne
13%
VilleChâlons-en-Champagne
13%
VilleChambéry
13%
VilleChambéry
13%
VilleChambéry
13%
VilleChambéry
13%
VilleChambéry
13%
VilleChambéry
13%
VilleChambéry
13%
VilleCharleville-Mézières
13%
VilleCharleville-Mézières
13%
VilleCharleville-Mézières
13%
VilleCharleville-Mézières
13%
VilleChartres
13%
VilleChartres
13%
VilleChartres
13%
VilleChâteauroux
13%
VilleChâteauroux
13%
VilleChâteauroux
13%
VilleChâteauroux
13%
VilleChâteauroux
13%
VilleChaumont
13%
VilleChaumont
13%
VilleChaumont
13%
VilleClermont-Ferrand
13%
VilleClermont-Ferrand
13%
VilleColmar
13%
VilleColmar
13%
VilleCréteil
13%
VilleCréteil
13%
VilleCréteil
13%
VilleCréteil
13%
VilleCréteil
13%
VilleCréteil
13%
VilleDigne-les-Bains
13%
VilleDigne-les-Bains
13%
VilleDigne-les-Bains
13%
VilleÉpinal
13%
VilleÉpinal
13%
VilleÉpinal
13%
VilleÉpinal
13%
VilleÉpinal
13%
VilleÉvreux
13%
VilleÉvreux
13%
VilleÉvreux
13%
VilleÉvreux
13%
VilleÉvry-Courcouronnes
13%
VilleÉvry-Courcouronnes
13%
VilleÉvry-Courcouronnes
13%
VilleÉvry-Courcouronnes
13%
VilleÉvry-Courcouronnes
13%
VilleÉvry-Courcouronnes
13%
VilleFoix
13%
VilleGap
13%
VilleGap
13%
VilleGap
13%
VilleGap
13%
VilleGrenoble
13%
VilleGrenoble
13%
VilleGrenoble
13%
VilleGrenoble
13%
VilleGrenoble
13%
VilleGuéret
13%
VilleGuéret
13%
VilleLaon
13%
VilleLaon
13%
VilleLaon
13%
VilleLa Rochelle
13%
VilleLa Rochelle
13%
VilleLa Rochelle
13%
VilleLa Roche-sur-Yon
13%
VilleLa Roche-sur-Yon
13%
VilleLa Roche-sur-Yon
13%
VilleLa Roche-sur-Yon
13%
VilleLa Roche-sur-Yon
13%
VilleLaval
13%
VilleLaval
13%
VilleLaval
13%
VilleLe Mans
13%
VilleLe Mans
13%
VilleLe Mans
13%
VilleLe Mans
13%
VilleLe Puy-en-Velay
13%
VilleLe Puy-en-Velay
13%
VilleLe Puy-en-Velay
13%
VilleLimoges
13%
VilleLimoges
13%
VilleLimoges
13%
VilleLons-le-Saunier
13%
VilleLons-le-Saunier
13%
VilleLons-le-Saunier
13%
VilleLons-le-Saunier
13%
VilleMâcon
13%
VilleMâcon
13%
VilleMâcon
13%
VilleMâcon
13%
VilleMelun
13%
VilleMelun
13%
VilleMelun
13%
VilleMende
13%
VilleMende
13%
VilleMende
13%
VilleMende
13%
VilleMende
13%
VilleMetz
13%
VilleMetz
13%
VilleMetz
13%
VilleMontauban
13%
VilleMontauban
13%
VilleMont-de-Marsan
13%
VilleMont-de-Marsan
13%
VilleMont-de-Marsan
13%
VilleMontpellier
13%
VilleMontpellier
13%
VilleMontpellier
13%
VilleMoulins
13%
VilleMoulins
13%
VilleMoulins
13%
VilleNancy
13%
VilleNancy
13%
VilleNancy
13%
VilleNanterre
13%
VilleNanterre
13%
VilleNanterre
13%
VilleNanterre
13%
VilleNantes
13%
VilleNevers
13%
VilleNevers
13%
VilleNevers
13%
VilleNevers
13%
VilleNice
13%
VilleNice
13%
VilleNîmes
13%
VilleNîmes
13%
VilleNiort
13%
VilleNiort
13%
VilleOrléans
13%
VilleOrléans
13%
VilleOrléans
13%
VillePau
13%
VillePau
13%
VillePerpignan
13%
VillePerpignan
13%
VillePerpignan
13%
VillePoitiers
13%
VillePoitiers
13%
VillePoitiers
13%
VillePrivas
13%
VillePrivas
13%
VillePrivas
13%
VillePrivas
13%
VillePrivas
13%
VilleQuimper
13%
VilleQuimper
13%
Ville Quimper
13%
VilleRennes
13%
VilleRodez
13%
VilleRodez
13%
VilleRodez
13%
VilleRodez
13%
VilleRouen
13%
VilleRouen
13%
VilleRouen
13%
VilleSaint-Brieuc
13%
VilleSaint-Brieuc
13%
VilleSaint-Brieuc
13%
VilleSaint-Lô
13%
VilleSaint-Lô
13%
VilleSaint-Lô
13%
VilleStrasbourg
13%
VilleTarbes
13%
VilleToulon
13%
VilleToulon
13%
VilleToulon
13%
VilleToulon
13%
VilleToulon
13%
VilleToulouse
13%
VilleToulouse
13%
VilleTours
13%
VilleTours
13%
VilleTours
13%
VilleTours
13%
VilleTroyes
13%
VilleTroyes
13%
VilleTroyes
13%
VilleTroyes
13%
VilleTulle
13%
VilleTulle
13%
VilleTulle
13%
VilleTulle
13%
VilleValence
13%
VilleValence
13%
VilleValence
13%
VilleValence
13%
VilleValence
13%
VilleVannes
13%
VilleVannes
13%
VilleVannes
13%
VilleVersailles
13%
VilleVersailles
13%
VilleVersailles
13%
VilleVesoul
13%
VilleVesoul
13%
VilleVesoul
13%
VilleVille mystère (Angoulême)
13%
VilleVille mystère (Aurillac)
13%
VilleVille mystère (La Rochelle)
13%
VilleAgen
12%
Ville Ajaccio
12%
VilleBeauvais
12%
VilleBourg-en-Bresse
12%
VilleBourges
12%
VilleCaen
12%
VilleCaen
12%
VilleClermont-Ferrand
12%
VilleDijon
12%
VilleÉvreux
12%
VilleÉvry-Courcouronnes
12%
VilleGrenoble
12%
VilleGrenoble
12%
VilleLa Roche-sur-Yon
12%
VilleLe Mans
12%
VilleLe Mans
12%
VilleLimoges
12%
VilleMetz
12%
VilleMontauban
12%
VilleMontpellier
12%
VilleNancy
12%
VilleNîmes
12%
VilleNîmes
12%
VilleOrléans
12%
VillePau
12%
VilleSaint-Étienne
12%
VilleStrasbourg
12%
VilleTours
12%
VilleVannes
12%
VilleVersailles
12%
VilleAgen
11%
VilleAgen
11%
VilleAgen
11%
VilleAjaccio
11%
Ville Ajaccio
11%
Ville Ajaccio
11%
VilleAjaccio
11%
VilleAjaccio
11%
VilleAlbi
11%
VilleAlbi
11%
VilleAlbi
11%
VilleAlbi
11%
VilleAlençon
11%
VilleAlençon
11%
VilleAlençon
11%
VilleAlençon
11%
VilleAlençon
11%
VilleAlençon
11%
VilleAmiens
11%
VilleAmiens
11%
VilleAmiens
11%
VilleAmiens
11%
VilleAmiens
11%
VilleAngers
11%
VilleAngers
11%
VilleAngoulême
11%
VilleAngoulême
11%
VilleAngoulême
11%
VilleAnnecy
11%
VilleAnnecy
11%
VilleAnnecy
11%
VilleAnnecy
11%
VilleArras
11%
VilleArras
11%
VilleArras
11%
VilleArras
11%
VilleArras
11%
VilleArras
11%
VilleAuch
11%
VilleAuch
11%
VilleAuch
11%
VilleAurillac
11%
VilleAurillac
11%
VilleAurillac
11%
VilleAuxerre
11%
VilleAvignon
11%
VilleAvignon
11%
VilleAvignon
11%
VilleBar-le-Duc
11%
VilleBar-le-Duc
11%
VilleBastia
11%
VilleBastia
11%
VilleBastia
11%
VilleBastia
11%
VilleBeauvais
11%
VilleBeauvais
11%
VilleBeauvais
11%
VilleBelfort
11%
VilleBelfort
11%
VilleBesançon
11%
VilleBesançon
11%
VilleBesançon
11%
VilleBesançon
11%
VilleBlois
11%
VilleBlois
11%
VilleBlois
11%
VilleBobigny
11%
VilleBobigny
11%
VilleBobigny
11%
VilleBordeaux
11%
VilleBordeaux
11%
VilleBourg-en-Bresse
11%
VilleBourg-en-Bresse
11%
VilleBourg-en-Bresse
11%
VilleBourges
11%
VilleBourges
11%
VilleBourges
11%
VilleBourges
11%
VilleBourges
11%
VilleBourges
11%
VilleCaen
11%
VilleCaen
11%
VilleCaen
11%
VilleCaen
11%
VilleCahors
11%
VilleCahors
11%
VilleCarcassonne
11%
VilleCarcassonne
11%
VilleCarcassonne
11%
VilleCarcassonne
11%
VilleCergy
11%
VilleCergy
11%
VilleCergy
11%
VilleChâlons-en-Champagne
11%
VilleChâlons-en-Champagne
11%
VilleChâlons-en-Champagne
11%
VilleChâlons-en-Champagne
11%
VilleChambéry
11%
VilleChambéry
11%
VilleChambéry
11%
VilleChambéry
11%
VilleChambéry
11%
VilleChambéry
11%
VilleCharleville-Mézières
11%
VilleCharleville-Mézières
11%
VilleChartres
11%
VilleChartres
11%
VilleChartres
11%
VilleChartres
11%
VilleChâteauroux
11%
VilleChâteauroux
11%
VilleChâteauroux
11%
VilleChaumont
11%
VilleChaumont
11%
VilleClermont-Ferrand
11%
VilleClermont-Ferrand
11%
VilleClermont-Ferrand
11%
VilleClermont-Ferrand
11%
VilleColmar
11%
VilleColmar
11%
VilleColmar
11%
VilleColmar
11%
VilleColmar
11%
VilleColmar
11%
VilleCréteil
11%
VilleCréteil
11%
VilleCréteil
11%
VilleDigne-les-Bains
11%
VilleDigne-les-Bains
11%
VilleDijon
11%
VilleDijon
11%
VilleDijon
11%
VilleÉpinal
11%
VilleÉpinal
11%
VilleÉpinal
11%
VilleÉpinal
11%
VilleÉvreux
11%
VilleÉvreux
11%
VilleÉvreux
11%
VilleÉvreux
11%
VilleÉvreux
11%
VilleÉvry-Courcouronnes
11%
VilleÉvry-Courcouronnes
11%
VilleÉvry-Courcouronnes
11%
VilleÉvry-Courcouronnes
11%
VilleÉvry-Courcouronnes
11%
VilleFoix
11%
VilleFoix
11%
VilleFoix
11%
VilleGap
11%
VilleGap
11%
VilleGap
11%
VilleGap
11%
VilleGrenoble
11%
VilleGrenoble
11%
VilleGrenoble
11%
VilleGrenoble
11%
VilleGrenoble
11%
VilleGuéret
11%
VilleGuéret
11%
VilleLaon
11%
VilleLaon
11%
VilleLaon
11%
VilleLa Rochelle
11%
VilleLa Roche-sur-Yon
11%
VilleLaval
11%
VilleLaval
11%
VilleLe Mans
11%
VilleLe Mans
11%
VilleLe Mans
11%
VilleLe Mans
11%
VilleLe Mans
11%
VilleLe Puy-en-Velay
11%
VilleLe Puy-en-Velay
11%
VilleLe Puy-en-Velay
11%
VilleLimoges
11%
VilleLimoges
11%
VilleLimoges
11%
VilleLimoges
11%
VilleLimoges
11%
VilleLons-le-Saunier
11%
VilleLons-le-Saunier
11%
VilleLons-le-Saunier
11%
VilleMâcon
11%
VilleMâcon
11%
VilleMelun
11%
VilleMelun
11%
VilleMelun
11%
VilleMelun
11%
VilleMelun
11%
VilleMelun
11%
VilleMende
11%
VilleMende
11%
VilleMetz
11%
VilleMetz
11%
VilleMetz
11%
VilleMetz
11%
VilleMetz
11%
VilleMontauban
11%
VilleMontauban
11%
VilleMont-de-Marsan
11%
VilleMontpellier
11%
VilleMontpellier
11%
VilleMontpellier
11%
VilleMoulins
11%
VilleMoulins
11%
VilleMoulins
11%
VilleMoulins
11%
VilleNancy
11%
VilleNancy
11%
VilleNancy
11%
VilleNancy
11%
VilleNancy
11%
VilleNancy
11%
VilleNancy
11%
VilleNanterre
11%
VilleNanterre
11%
VilleNanterre
11%
VilleNanterre
11%
VilleNanterre
11%
VilleNanterre
11%
VilleNanterre
11%
VilleNantes
11%
VilleNevers
11%
VilleNevers
11%
VilleNice
11%
VilleNîmes
11%
VilleNîmes
11%
VilleNîmes
11%
VilleNîmes
11%
VilleNîmes
11%
VilleNîmes
11%
VilleNiort
11%
VilleNiort
11%
VilleOrléans
11%
VilleOrléans
11%
VilleOrléans
11%
VilleOrléans
11%
VilleOrléans
11%
VillePau
11%
VillePau
11%
VillePau
11%
VillePérigueux
11%
VillePérigueux
11%
VillePerpignan
11%
VillePerpignan
11%
VillePerpignan
11%
VillePoitiers
11%
VillePrivas
11%
VillePrivas
11%
VillePrivas
11%
VillePrivas
11%
Ville Quimper
11%
VilleQuimper
11%
Ville Quimper
11%
VilleQuimper
11%
VilleRodez
11%
VilleRodez
11%
VilleRouen
11%
VilleRouen
11%
VilleSaint-Brieuc
11%
VilleSaint-Brieuc
11%
VilleSaint-Étienne
11%
VilleSaint-Étienne
11%
VilleSaint-Étienne
11%
VilleSaint-Lô
11%
VilleSaint-Lô
11%
VilleSaint-Lô
11%
VilleSaint-Lô
11%
VilleSaint-Lô
11%
VilleStrasbourg
11%
VilleStrasbourg
11%
VilleTarbes
11%
VilleTarbes
11%
VilleTarbes
11%
VilleTarbes
11%
VilleToulon
11%
VilleToulon
11%
VilleToulon
11%
VilleToulon
11%
VilleToulon
11%
VilleToulon
11%
VilleToulouse
11%
VilleToulouse
11%
VilleToulouse
11%
VilleTours
11%
VilleTours
11%
VilleTours
11%
VilleTours
11%
VilleTours
11%
VilleTours
11%
VilleTroyes
11%
VilleTroyes
11%
VilleTroyes
11%
VilleTroyes
11%
VilleTroyes
11%
VilleTroyes
11%
VilleTulle
11%
VilleTulle
11%
VilleValence
11%
VilleValence
11%
VilleValence
11%
VilleValence
11%
VilleValence
11%
VilleVannes
11%
VilleVannes
11%
VilleVannes
11%
VilleVersailles
11%
VilleVersailles
11%
VilleVesoul
11%
VilleVesoul
11%
VilleVesoul
11%
VilleVille mystère (Niort)
11%
VilleVille mystère (Rodez)
11%
VilleAgen
10%
VilleAgen
10%
VilleAgen
10%
VilleAgen
10%
Ville Ajaccio
10%
VilleAlbi
10%
VilleAlençon
10%
VilleAlençon
10%
VilleAmiens
10%
VilleAngers
10%
VilleAngers
10%
VilleAngers
10%
VilleAngoulême
10%
VilleAngoulême
10%
VilleAnnecy
10%
VilleAnnecy
10%
VilleAnnecy
10%
VilleAnnecy
10%
VilleArras
10%
VilleAuch
10%
VilleAuch
10%
VilleAuch
10%
VilleAuch
10%
VilleAurillac
10%
VilleAuxerre
10%
VilleAuxerre
10%
VilleAuxerre
10%
VilleAuxerre
10%
VilleAvignon
10%
VilleAvignon
10%
VilleAvignon
10%
VilleBar-le-Duc
10%
VilleBar-le-Duc
10%
VilleBastia
10%
VilleBastia
10%
VilleBeauvais
10%
VilleBeauvais
10%
VilleBeauvais
10%
VilleBeauvais
10%
VilleBelfort
10%
VilleBelfort
10%
VilleBesançon
10%
VilleBesançon
10%
VilleBesançon
10%
VilleBlois
10%
VilleBlois
10%
VilleBlois
10%
VilleBobigny
10%
VilleBobigny
10%
VilleBobigny
10%
VilleBobigny
10%
VilleBordeaux
10%
VilleBourg-en-Bresse
10%
VilleBourg-en-Bresse
10%
VilleBourg-en-Bresse
10%
VilleBourges
10%
VilleBourges
10%
VilleBourges
10%
VilleCaen
10%
VilleCaen
10%
VilleCahors
10%
VilleCarcassonne
10%
VilleCarcassonne
10%
VilleCergy
10%
VilleCergy
10%
VilleChâlons-en-Champagne
10%
VilleChâlons-en-Champagne
10%
VilleChambéry
10%
VilleChambéry
10%
VilleCharleville-Mézières
10%
VilleCharleville-Mézières
10%
VilleChartres
10%
VilleChartres
10%
VilleChartres
10%
VilleChâteauroux
10%
VilleChaumont
10%
VilleChaumont
10%
VilleClermont-Ferrand
10%
VilleColmar
10%
VilleColmar
10%
VilleColmar
10%
VilleCréteil
10%
VilleCréteil
10%
VilleCréteil
10%
VilleCréteil
10%
VilleDigne-les-Bains
10%
VilleDigne-les-Bains
10%
VilleDijon
10%
VilleDijon
10%
VilleDijon
10%
VilleÉpinal
10%
VilleÉpinal
10%
VilleÉvreux
10%
VilleÉvreux
10%
VilleÉvry-Courcouronnes
10%
VilleÉvry-Courcouronnes
10%
VilleÉvry-Courcouronnes
10%
VilleÉvry-Courcouronnes
10%
VilleFoix
10%
VilleFoix
10%
VilleGap
10%
VilleGap
10%
VilleGap
10%
VilleGrenoble
10%
VilleGuéret
10%
VilleGuéret
10%
VilleLaon
10%
VilleLaon
10%
VilleLaon
10%
VilleLaon
10%
VilleLa Rochelle
10%
VilleLa Rochelle
10%
VilleLa Roche-sur-Yon
10%
VilleLaval
10%
VilleLaval
10%
VilleLe Mans
10%
VilleLe Mans
10%
VilleLe Mans
10%
VilleLe Puy-en-Velay
10%
VilleLons-le-Saunier
10%
VilleLons-le-Saunier
10%
VilleMâcon
10%
VilleMâcon
10%
VilleMâcon
10%
VilleMelun
10%
VilleMelun
10%
VilleMende
10%
VilleMende
10%
VilleMetz
10%
VilleMetz
10%
VilleMontauban
10%
VilleMontauban
10%
VilleMont-de-Marsan
10%
VilleMont-de-Marsan
10%
VilleMontpellier
10%
VilleMontpellier
10%
VilleMontpellier
10%
VilleMoulins
10%
VilleMoulins
10%
VilleMoulins
10%
VilleMoulins
10%
VilleNancy
10%
VilleNancy
10%
VilleNancy
10%
VilleNanterre
10%
VilleNanterre
10%
VilleNanterre
10%
VilleNanterre
10%
VilleNanterre
10%
VilleNantes
10%
VilleNevers
10%
VilleNevers
10%
VilleNevers
10%
VilleNîmes
10%
VilleNîmes
10%
VilleNîmes
10%
VilleNiort
10%
VilleOrléans
10%
VillePau
10%
VillePérigueux
10%
VillePérigueux
10%
VillePoitiers
10%
VillePoitiers
10%
VillePoitiers
10%
VillePoitiers
10%
VillePoitiers
10%
VillePrivas
10%
VillePrivas
10%
VilleRennes
10%
VilleRodez
10%
VilleRouen
10%
VilleRouen
10%
VilleSaint-Brieuc
10%
VilleSaint-Brieuc
10%
VilleSaint-Brieuc
10%
VilleSaint-Étienne
10%
VilleSaint-Lô
10%
VilleSaint-Lô
10%
VilleSaint-Lô
10%
VilleStrasbourg
10%
VilleStrasbourg
10%
VilleTarbes
10%
VilleTarbes
10%
VilleToulouse
10%
VilleTours
10%
VilleTours
10%
VilleTroyes
10%
VilleTroyes
10%
VilleTroyes
10%
VilleTulle
10%
VilleValence
10%
VilleValence
10%
VilleValence
10%
VilleValence
10%
VilleValence
10%
VilleVannes
10%
VilleVannes
10%
VilleVannes
10%
VilleVersailles
10%
VilleVesoul
10%
VilleVille mystère (Foix)
10%
VilleVille mystère (Poitiers)
10%
VilleAgen
9%
VilleAgen
9%
VilleAgen
9%
VilleAgen
9%
VilleAgen
9%
VilleAjaccio
9%
Ville Ajaccio
9%
Ville Ajaccio
9%
VilleAjaccio
9%
VilleAjaccio
9%
VilleAlbi
9%
VilleAlbi
9%
VilleAlbi
9%
VilleAlençon
9%
VilleAlençon
9%
VilleAlençon
9%
VilleAlençon
9%
VilleAlençon
9%
VilleAlençon
9%
VilleAmiens
9%
VilleAmiens
9%
VilleAngers
9%
VilleAngers
9%
VilleAngers
9%
VilleAngers
9%
VilleAngers
9%
VilleAngoulême
9%
VilleAngoulême
9%
VilleAngoulême
9%
VilleAngoulême
9%
VilleAngoulême
9%
VilleAngoulême
9%
VilleAnnecy
9%
VilleAnnecy
9%
VilleAnnecy
9%
VilleArras
9%
VilleArras
9%
VilleArras
9%
VilleArras
9%
VilleArras
9%
VilleArras
9%
VilleArras
9%
VilleAuch
9%
VilleAuch
9%
VilleAuch
9%
VilleAuch
9%
VilleAurillac
9%
VilleAurillac
9%
VilleAurillac
9%
VilleAurillac
9%
VilleAuxerre
9%
VilleAuxerre
9%
VilleAuxerre
9%
VilleAuxerre
9%
VilleAuxerre
9%
VilleAuxerre
9%
VilleAvignon
9%
VilleAvignon
9%
VilleAvignon
9%
VilleAvignon
9%
VilleAvignon
9%
VilleAvignon
9%
VilleAvignon
9%
VilleAvignon
9%
VilleBar-le-Duc
9%
VilleBar-le-Duc
9%
VilleBar-le-Duc
9%
VilleBastia
9%
Ville Bastia
9%
VilleBastia
9%
VilleBastia
9%
VilleBastia
9%
VilleBeauvais
9%
VilleBeauvais
9%
VilleBeauvais
9%
VilleBelfort
9%
VilleBelfort
9%
VilleBesançon
9%
VilleBesançon
9%
VilleBesançon
9%
VilleBlois
9%
VilleBlois
9%
VilleBlois
9%
VilleBlois
9%
VilleBlois
9%
VilleBobigny
9%
VilleBobigny
9%
VilleBobigny
9%
VilleBobigny
9%
VilleBordeaux
9%
VilleBourg-en-Bresse
9%
VilleBourg-en-Bresse
9%
VilleBourges
9%
VilleBourges
9%
VilleBourges
9%
VilleCaen
9%
VilleCaen
9%
VilleCaen
9%
VilleCaen
9%
VilleCahors
9%
VilleCahors
9%
VilleCahors
9%
VilleCahors
9%
VilleCarcassonne
9%
VilleCarcassonne
9%
VilleCarcassonne
9%
VilleCarcassonne
9%
VilleCergy
9%
VilleCergy
9%
VilleCergy
9%
VilleCergy
9%
VilleCergy
9%
VilleChâlons-en-Champagne
9%
VilleChâlons-en-Champagne
9%
VilleChâlons-en-Champagne
9%
VilleChâlons-en-Champagne
9%
VilleChâlons-en-Champagne
9%
VilleChambéry
9%
VilleChambéry
9%
VilleChambéry
9%
VilleChambéry
9%
VilleChambéry
9%
VilleChambéry
9%
VilleCharleville-Mézières
9%
VilleCharleville-Mézières
9%
VilleCharleville-Mézières
9%
VilleCharleville-Mézières
9%
VilleChartres
9%
VilleChartres
9%
VilleChartres
9%
VilleChartres
9%
VilleChartres
9%
VilleChartres
9%
VilleChartres
9%
VilleChâteauroux
9%
VilleChâteauroux
9%
VilleChâteauroux
9%
VilleChâteauroux
9%
VilleChâteauroux
9%
VilleChaumont
9%
VilleChaumont
9%
VilleChaumont
9%
VilleClermont-Ferrand
9%
VilleClermont-Ferrand
9%
VilleClermont-Ferrand
9%
VilleClermont-Ferrand
9%
VilleColmar
9%
VilleColmar
9%
VilleColmar
9%
VilleColmar
9%
VilleColmar
9%
VilleColmar
9%
VilleCréteil
9%
VilleCréteil
9%
VilleCréteil
9%
VilleDigne-les-Bains
9%
VilleDigne-les-Bains
9%
VilleDigne-les-Bains
9%
VilleDigne-les-Bains
9%
VilleDijon
9%
VilleDijon
9%
VilleÉpinal
9%
VilleÉvreux
9%
VilleÉvreux
9%
VilleÉvreux
9%
VilleÉvreux
9%
VilleÉvreux
9%
VilleÉvreux
9%
VilleÉvry-Courcouronnes
9%
VilleÉvry-Courcouronnes
9%
VilleÉvry-Courcouronnes
9%
VilleÉvry-Courcouronnes
9%
VilleFoix
9%
VilleFoix
9%
VilleFoix
9%
VilleGap
9%
VilleGap
9%
VilleGap
9%
VilleGap
9%
VilleGap
9%
VilleGrenoble
9%
VilleGrenoble
9%
VilleGrenoble
9%
VilleGuéret
9%
VilleGuéret
9%
VilleGuéret
9%
VilleGuéret
9%
VilleLaon
9%
VilleLaon
9%
VilleLaon
9%
VilleLaon
9%
VilleLaon
9%
VilleLa Rochelle
9%
VilleLa Rochelle
9%
VilleLa Roche-sur-Yon
9%
VilleLa Roche-sur-Yon
9%
VilleLa Roche-sur-Yon
9%
VilleLaval
9%
VilleLaval
9%
VilleLaval
9%
VilleLaval
9%
VilleLaval
9%
VilleLaval
9%
VilleLe Mans
9%
VilleLe Mans
9%
VilleLe Mans
9%
VilleLe Mans
9%
VilleLe Puy-en-Velay
9%
VilleLe Puy-en-Velay
9%
VilleLe Puy-en-Velay
9%
VilleLimoges
9%
VilleLimoges
9%
VilleLimoges
9%
VilleLimoges
9%
VilleLimoges
9%
VilleLimoges
9%
VilleLimoges
9%
VilleLimoges
9%
VilleLons-le-Saunier
9%
VilleLons-le-Saunier
9%
VilleMâcon
9%
VilleMâcon
9%
VilleMâcon
9%
VilleMâcon
9%
VilleMelun
9%
VilleMelun
9%
VilleMelun
9%
VilleMelun
9%
VilleMelun
9%
VilleMende
9%
VilleMende
9%
VilleMende
9%
VilleMende
9%
VilleMetz
9%
VilleMetz
9%
VilleMetz
9%
VilleMetz
9%
VilleMetz
9%
VilleMetz
9%
VilleMontauban
9%
VilleMontauban
9%
VilleMontauban
9%
VilleMontauban
9%
VilleMontauban
9%
VilleMont-de-Marsan
9%
VilleMont-de-Marsan
9%
VilleMont-de-Marsan
9%
VilleMont-de-Marsan
9%
VilleMontpellier
9%
VilleMontpellier
9%
VilleMontpellier
9%
VilleMoulins
9%
VilleMoulins
9%
VilleMoulins
9%
VilleNancy
9%
VilleNancy
9%
VilleNancy
9%
VilleNanterre
9%
VilleNanterre
9%
VilleNanterre
9%
VilleNanterre
9%
VilleNanterre
9%
VilleNanterre
9%
VilleNantes
9%
VilleNevers
9%
VilleNevers
9%
VilleNevers
9%
VilleNevers
9%
VilleNevers
9%
VilleNice
9%
VilleNîmes
9%
VilleNîmes
9%
VilleNiort
9%
VilleNiort
9%
VilleNiort
9%
VilleNiort
9%
VilleOrléans
9%
VilleOrléans
9%
VillePérigueux
9%
VillePérigueux
9%
VillePérigueux
9%
VillePérigueux
9%
VillePérigueux
9%
VillePérigueux
9%
VillePerpignan
9%
VillePerpignan
9%
VillePerpignan
9%
VillePerpignan
9%
VillePoitiers
9%
VillePoitiers
9%
VillePoitiers
9%
VillePoitiers
9%
VillePoitiers
9%
VillePoitiers
9%
VillePrivas
9%
VillePrivas
9%
VillePrivas
9%
VilleQuimper
9%
VilleQuimper
9%
VilleRodez
9%
VilleRodez
9%
VilleRodez
9%
VilleRodez
9%
VilleRodez
9%
VilleRouen
9%
VilleRouen
9%
VilleSaint-Brieuc
9%
VilleSaint-Brieuc
9%
VilleSaint-Brieuc
9%
VilleSaint-Brieuc
9%
VilleSaint-Brieuc
9%
VilleSaint-Brieuc
9%
VilleSaint-Étienne
9%
VilleSaint-Étienne
9%
VilleSaint-Étienne
9%
VilleSaint-Étienne
9%
VilleSaint-Étienne
9%
VilleSaint-Lô
9%
VilleSaint-Lô
9%
VilleSaint-Lô
9%
VilleSaint-Lô
9%
VilleSaint-Lô
9%
VilleSaint-Lô
9%
VilleSaint-Lô
9%
VilleTarbes
9%
VilleTarbes
9%
VilleTarbes
9%
VilleToulon
9%
VilleToulon
9%
VilleToulouse
9%
VilleToulouse
9%
VilleTours
9%
VilleTours
9%
VilleTours
9%
VilleTroyes
9%
VilleTroyes
9%
VilleTroyes
9%
VilleTroyes
9%
VilleTulle
9%
VilleTulle
9%
VilleTulle
9%
VilleTulle
9%
VilleValence
9%
VilleValence
9%
VilleValence
9%
VilleVannes
9%
VilleVannes
9%
VilleVannes
9%
VilleVannes
9%
VilleVersailles
9%
VilleVersailles
9%
VilleVersailles
9%
VilleVesoul
9%
VilleVesoul
9%
VilleVesoul
9%
VilleVille mystère (Beauvais)
9%
VilleVille mystère (Belfort)
9%
VilleVille mystère (Digne-les-Bains)
9%
VilleVille mystère (Périgueux)
9%
VilleAgen
8%
VilleAgen
8%
VilleAgen
8%
VilleAgen
8%
Ville Ajaccio
8%
VilleAjaccio
8%
VilleAjaccio
8%
VilleAlbi
8%
VilleAlbi
8%
VilleAlbi
8%
VilleAlbi
8%
VilleAlençon
8%
VilleAlençon
8%
VilleAlençon
8%
VilleAmiens
8%
VilleAngoulême
8%
VilleAngoulême
8%
VilleAngoulême
8%
VilleAngoulême
8%
VilleAngoulême
8%
VilleAnnecy
8%
VilleAnnecy
8%
VilleAnnecy
8%
VilleArras
8%
VilleArras
8%
VilleAuch
8%
VilleAuch
8%
VilleAuch
8%
VilleAurillac
8%
VilleAurillac
8%
VilleAurillac
8%
VilleAurillac
8%
VilleAurillac
8%
VilleAuxerre
8%
VilleAuxerre
8%
VilleAuxerre
8%
VilleAvignon
8%
VilleAvignon
8%
VilleAvignon
8%
VilleAvignon
8%
VilleBar-le-Duc
8%
VilleBar-le-Duc
8%
VilleBar-le-Duc
8%
VilleBastia
8%
VilleBastia
8%
VilleBeauvais
8%
VilleBeauvais
8%
VilleBeauvais
8%
VilleBelfort
8%
VilleBelfort
8%
VilleBelfort
8%
VilleBesançon
8%
VilleBlois
8%
VilleBlois
8%
VilleBlois
8%
VilleBlois
8%
VilleBobigny
8%
VilleBobigny
8%
VilleBobigny
8%
VilleBourg-en-Bresse
8%
VilleBourg-en-Bresse
8%
VilleBourges
8%
VilleBourges
8%
VilleBourges
8%
VilleCaen
8%
VilleCahors
8%
VilleCahors
8%
VilleCahors
8%
VilleCahors
8%
VilleCahors
8%
VilleCarcassonne
8%
VilleCarcassonne
8%
VilleCarcassonne
8%
VilleCarcassonne
8%
VilleCergy
8%
VilleCergy
8%
VilleCergy
8%
VilleCergy
8%
VilleChâlons-en-Champagne
8%
VilleChâlons-en-Champagne
8%
VilleChambéry
8%
VilleChambéry
8%
VilleCharleville-Mézières
8%
VilleCharleville-Mézières
8%
VilleCharleville-Mézières
8%
VilleCharleville-Mézières
8%
VilleCharleville-Mézières
8%
VilleChartres
8%
VilleChartres
8%
VilleChâteauroux
8%
VilleChâteauroux
8%
VilleChaumont
8%
VilleChaumont
8%
VilleChaumont
8%
VilleChaumont
8%
VilleColmar
8%
VilleColmar
8%
VilleCréteil
8%
VilleCréteil
8%
VilleDigne-les-Bains
8%
VilleDigne-les-Bains
8%
VilleDigne-les-Bains
8%
VilleDigne-les-Bains
8%
VilleDijon
8%
VilleÉpinal
8%
VilleÉpinal
8%
VilleÉvreux
8%
VilleÉvreux
8%
VilleÉvry-Courcouronnes
8%
VilleÉvry-Courcouronnes
8%
VilleÉvry-Courcouronnes
8%
VilleFoix
8%
VilleFoix
8%
VilleFoix
8%
VilleFoix
8%
VilleGap
8%
VilleGap
8%
VilleGrenoble
8%
VilleGuéret
8%
VilleGuéret
8%
VilleGuéret
8%
VilleGuéret
8%
VilleGuéret
8%
VilleLaon
8%
VilleLaon
8%
VilleLaon
8%
VilleLaon
8%
VilleLaon
8%
VilleLa Rochelle
8%
VilleLa Rochelle
8%
VilleLa Rochelle
8%
VilleLa Rochelle
8%
VilleLa Roche-sur-Yon
8%
VilleLaval
8%
VilleLaval
8%
VilleLaval
8%
VilleLe Mans
8%
VilleLe Puy-en-Velay
8%
VilleLe Puy-en-Velay
8%
VilleLe Puy-en-Velay
8%
VilleLe Puy-en-Velay
8%
VilleLimoges
8%
VilleLons-le-Saunier
8%
VilleLons-le-Saunier
8%
VilleLons-le-Saunier
8%
VilleMâcon
8%
VilleMâcon
8%
VilleMâcon
8%
VilleMelun
8%
VilleMelun
8%
VilleMelun
8%
VilleMende
8%
VilleMende
8%
VilleMende
8%
VilleMontauban
8%
VilleMontauban
8%
VilleMontauban
8%
VilleMontauban
8%
VilleMont-de-Marsan
8%
VilleMont-de-Marsan
8%
VilleMont-de-Marsan
8%
VilleMont-de-Marsan
8%
VilleMontpellier
8%
VilleMontpellier
8%
VilleMoulins
8%
VilleMoulins
8%
VilleMoulins
8%
VilleNancy
8%
VilleNanterre
8%
VilleNanterre
8%
VilleNanterre
8%
VilleNevers
8%
VilleNevers
8%
VilleNevers
8%
VilleNevers
8%
VilleNîmes
8%
VilleNîmes
8%
VilleNiort
8%
VilleNiort
8%
VilleNiort
8%
VillePau
8%
VillePau
8%
VillePau
8%
VillePérigueux
8%
VillePérigueux
8%
VillePérigueux
8%
VillePérigueux
8%
VillePérigueux
8%
VillePerpignan
8%
VillePerpignan
8%
VillePerpignan
8%
VillePoitiers
8%
VillePoitiers
8%
VillePrivas
8%
VillePrivas
8%
VillePrivas
8%
VillePrivas
8%
VilleQuimper
8%
VilleQuimper
8%
VilleRodez
8%
VilleRodez
8%
VilleRodez
8%
VilleRodez
8%
VilleSaint-Brieuc
8%
VilleSaint-Étienne
8%
VilleSaint-Étienne
8%
VilleSaint-Lô
8%
VilleSaint-Lô
8%
VilleTarbes
8%
VilleTarbes
8%
VilleTarbes
8%
VilleTours
8%
VilleTroyes
8%
VilleTroyes
8%
VilleTroyes
8%
VilleTulle
8%
VilleTulle
8%
VilleTulle
8%
VilleTulle
8%
VilleValence
8%
VilleValence
8%
VilleVannes
8%
VilleVannes
8%
VilleVersailles
8%
VilleVesoul
8%
VilleVesoul
8%
VilleVesoul
8%
VilleVille mystère (Créteil)
8%
VilleVille mystère (Épinal)
8%
VilleVille mystère (La Roche-sur-Yon)
8%
VilleVille mystère (Mâcon)
8%
VilleAgen
7%
VilleAgen
7%
VilleAgen
7%
VilleAgen
7%
VilleAgen
7%
VilleAjaccio
7%
Ville Ajaccio
7%
Ville Ajaccio
7%
VilleAjaccio
7%
Ville Ajaccio
7%
Ville Ajaccio
7%
VilleAlbi
7%
VilleAlbi
7%
VilleAlbi
7%
VilleAlbi
7%
VilleAlbi
7%
VilleAlbi
7%
VilleAlençon
7%
VilleAlençon
7%
VilleAlençon
7%
VilleAlençon
7%
VilleAmiens
7%
VilleAngers
7%
VilleAngers
7%
VilleAngers
7%
VilleAngers
7%
VilleAngoulême
7%
VilleAngoulême
7%
VilleAngoulême
7%
VilleAngoulême
7%
VilleAngoulême
7%
VilleAngoulême
7%
VilleAngoulême
7%
VilleAngoulême
7%
VilleAnnecy
7%
VilleAnnecy
7%
VilleAnnecy
7%
VilleAnnecy
7%
VilleArras
7%
VilleArras
7%
VilleArras
7%
VilleAuch
7%
VilleAuch
7%
VilleAuch
7%
VilleAuch
7%
VilleAurillac
7%
VilleAurillac
7%
VilleAurillac
7%
VilleAurillac
7%
VilleAurillac
7%
VilleAuxerre
7%
VilleAuxerre
7%
VilleAuxerre
7%
VilleAuxerre
7%
VilleAuxerre
7%
VilleAuxerre
7%
VilleAuxerre
7%
VilleAuxerre
7%
VilleAuxerre
7%
VilleAvignon
7%
VilleAvignon
7%
VilleAvignon
7%
VilleBar-le-Duc
7%
VilleBar-le-Duc
7%
VilleBar-le-Duc
7%
VilleBar-le-Duc
7%
VilleBar-le-Duc
7%
VilleBastia
7%
VilleBastia
7%
VilleBastia
7%
VilleBastia
7%
VilleBastia
7%
VilleBeauvais
7%
VilleBeauvais
7%
VilleBeauvais
7%
VilleBeauvais
7%
VilleBeauvais
7%
VilleBeauvais
7%
VilleBelfort
7%
VilleBelfort
7%
VilleBelfort
7%
VilleBelfort
7%
VilleBelfort
7%
VilleBelfort
7%
VilleBelfort
7%
VilleBesançon
7%
VilleBesançon
7%
VilleBesançon
7%
VilleBesançon
7%
VilleBesançon
7%
VilleBlois
7%
VilleBlois
7%
VilleBlois
7%
VilleBlois
7%
VilleBlois
7%
VilleBlois
7%
VilleBlois
7%
VilleBobigny
7%
VilleBobigny
7%
VilleBobigny
7%
VilleBourg-en-Bresse
7%
VilleBourg-en-Bresse
7%
VilleBourg-en-Bresse
7%
VilleBourg-en-Bresse
7%
VilleBourg-en-Bresse
7%
VilleBourg-en-Bresse
7%
VilleBourg-en-Bresse
7%
VilleBourg-en-Bresse
7%
VilleBourges
7%
VilleBourges
7%
VilleBourges
7%
VilleBourges
7%
VilleBourges
7%
VilleBourges
7%
VilleCahors
7%
VilleCahors
7%
VilleCahors
7%
VilleCahors
7%
VilleCahors
7%
VilleCarcassonne
7%
VilleCarcassonne
7%
VilleCarcassonne
7%
VilleCarcassonne
7%
VilleCergy
7%
VilleCergy
7%
VilleChâlons-en-Champagne
7%
VilleChâlons-en-Champagne
7%
VilleChâlons-en-Champagne
7%
VilleChâlons-en-Champagne
7%
VilleChâlons-en-Champagne
7%
VilleChâlons-en-Champagne
7%
VilleChâlons-en-Champagne
7%
VilleChambéry
7%
VilleChambéry
7%
VilleChambéry
7%
VilleChambéry
7%
VilleChambéry
7%
VilleChambéry
7%
VilleChambéry
7%
VilleCharleville-Mézières
7%
VilleCharleville-Mézières
7%
VilleCharleville-Mézières
7%
VilleCharleville-Mézières
7%
VilleChartres
7%
VilleChartres
7%
VilleChartres
7%
VilleChartres
7%
VilleChartres
7%
VilleChartres
7%
VilleChartres
7%
VilleChartres
7%
VilleChâteauroux
7%
VilleChâteauroux
7%
VilleChâteauroux
7%
VilleChâteauroux
7%
VilleChâteauroux
7%
VilleChâteauroux
7%
VilleChâteauroux
7%
VilleChaumont
7%
VilleChaumont
7%
VilleChaumont
7%
VilleChaumont
7%
VilleChaumont
7%
VilleChaumont
7%
VilleChaumont
7%
VilleChaumont
7%
VilleClermont-Ferrand
7%
VilleClermont-Ferrand
7%
VilleClermont-Ferrand
7%
VilleClermont-Ferrand
7%
VilleColmar
7%
VilleColmar
7%
VilleColmar
7%
VilleColmar
7%
VilleColmar
7%
VilleColmar
7%
VilleCréteil
7%
VilleCréteil
7%
VilleCréteil
7%
VilleDigne-les-Bains
7%
VilleDigne-les-Bains
7%
VilleDigne-les-Bains
7%
VilleDigne-les-Bains
7%
VilleDigne-les-Bains
7%
VilleDigne-les-Bains
7%
VilleDijon
7%
VilleDijon
7%
VilleÉpinal
7%
VilleÉpinal
7%
VilleÉpinal
7%
VilleÉpinal
7%
VilleÉpinal
7%
VilleÉpinal
7%
VilleÉpinal
7%
VilleÉvreux
7%
VilleÉvreux
7%
VilleÉvreux
7%
VilleÉvreux
7%
VilleÉvreux
7%
VilleÉvry-Courcouronnes
7%
VilleÉvry-Courcouronnes
7%
VilleÉvry-Courcouronnes
7%
VilleÉvry-Courcouronnes
7%
VilleFoix
7%
VilleFoix
7%
VilleFoix
7%
VilleFoix
7%
VilleFoix
7%
VilleGap
7%
VilleGap
7%
VilleGap
7%
VilleGap
7%
VilleGrenoble
7%
VilleGrenoble
7%
VilleGrenoble
7%
VilleGuéret
7%
VilleGuéret
7%
VilleGuéret
7%
VilleGuéret
7%
VilleGuéret
7%
VilleGuéret
7%
VilleGuéret
7%
VilleLaon
7%
VilleLaon
7%
VilleLaon
7%
VilleLaon
7%
VilleLaon
7%
VilleLa Rochelle
7%
VilleLa Rochelle
7%
VilleLa Rochelle
7%
VilleLa Rochelle
7%
VilleLa Rochelle
7%
VilleLa Rochelle
7%
VilleLa Rochelle
7%
VilleLa Roche-sur-Yon
7%
VilleLa Roche-sur-Yon
7%
VilleLa Roche-sur-Yon
7%
VilleLa Roche-sur-Yon
7%
VilleLa Roche-sur-Yon
7%
VilleLa Roche-sur-Yon
7%
VilleLaval
7%
VilleLaval
7%
VilleLaval
7%
VilleLaval
7%
VilleLaval
7%
VilleLaval
7%
VilleLaval
7%
VilleLaval
7%
VilleLe Mans
7%
VilleLe Mans
7%
VilleLe Mans
7%
VilleLe Mans
7%
VilleLe Puy-en-Velay
7%
VilleLe Puy-en-Velay
7%
VilleLe Puy-en-Velay
7%
VilleLe Puy-en-Velay
7%
VilleLe Puy-en-Velay
7%
VilleLimoges
7%
VilleLimoges
7%
VilleLimoges
7%
VilleLimoges
7%
VilleLimoges
7%
VilleLimoges
7%
VilleLons-le-Saunier
7%
VilleLons-le-Saunier
7%
VilleLons-le-Saunier
7%
VilleLons-le-Saunier
7%
VilleLons-le-Saunier
7%
VilleLons-le-Saunier
7%
VilleLons-le-Saunier
7%
VilleMâcon
7%
VilleMâcon
7%
VilleMâcon
7%
VilleMâcon
7%
VilleMelun
7%
VilleMelun
7%
VilleMelun
7%
VilleMelun
7%
VilleMelun
7%
VilleMelun
7%
VilleMelun
7%
VilleMelun
7%
VilleMende
7%
VilleMende
7%
VilleMende
7%
VilleMende
7%
VilleMetz
7%
VilleMetz
7%
VilleMontauban
7%
VilleMontauban
7%
VilleMontauban
7%
VilleMontauban
7%
VilleMontauban
7%
VilleMont-de-Marsan
7%
VilleMont-de-Marsan
7%
VilleMont-de-Marsan
7%
VilleMont-de-Marsan
7%
VilleMont-de-Marsan
7%
VilleMont-de-Marsan
7%
VilleMont-de-Marsan
7%
VilleMontpellier
7%
VilleMontpellier
7%
VilleMontpellier
7%
VilleMontpellier
7%
VilleMoulins
7%
VilleMoulins
7%
VilleMoulins
7%
VilleMoulins
7%
VilleNancy
7%
VilleNancy
7%
VilleNanterre
7%
VilleNanterre
7%
VilleNanterre
7%
VilleNevers
7%
VilleNevers
7%
VilleNevers
7%
VilleNevers
7%
VilleNevers
7%
VilleNevers
7%
VilleNevers
7%
VilleNîmes
7%
VilleNîmes
7%
VilleNîmes
7%
VilleNîmes
7%
VilleNîmes
7%
VilleNîmes
7%
VilleNîmes
7%
VilleNiort
7%
VilleNiort
7%
VilleNiort
7%
VilleNiort
7%
VilleNiort
7%
VilleNiort
7%
VilleNiort
7%
VilleNiort
7%
VilleNiort
7%
VilleOrléans
7%
VilleOrléans
7%
VilleOrléans
7%
VilleOrléans
7%
VillePau
7%
VillePau
7%
VillePau
7%
VillePérigueux
7%
VillePérigueux
7%
VillePérigueux
7%
VillePérigueux
7%
VillePérigueux
7%
VillePérigueux
7%
VillePerpignan
7%
VillePerpignan
7%
VillePerpignan
7%
VillePerpignan
7%
VillePerpignan
7%
VillePerpignan
7%
VillePoitiers
7%
VillePoitiers
7%
VillePoitiers
7%
VillePoitiers
7%
VillePoitiers
7%
VillePoitiers
7%
VillePrivas
7%
VillePrivas
7%
VillePrivas
7%
VillePrivas
7%
VilleQuimper
7%
VilleQuimper
7%
Ville Quimper
7%
VilleQuimper
7%
Ville Quimper
7%
VilleQuimper
7%
VilleRodez
7%
VilleRodez
7%
VilleRodez
7%
VilleRodez
7%
VilleRodez
7%
VilleRouen
7%
VilleSaint-Brieuc
7%
VilleSaint-Brieuc
7%
VilleSaint-Brieuc
7%
VilleSaint-Brieuc
7%
VilleSaint-Étienne
7%
VilleSaint-Étienne
7%
VilleSaint-Étienne
7%
VilleSaint-Lô
7%
VilleSaint-Lô
7%
VilleSaint-Lô
7%
VilleSaint-Lô
7%
VilleSaint-Lô
7%
VilleStrasbourg
7%
VilleTarbes
7%
VilleTarbes
7%
VilleTarbes
7%
VilleTarbes
7%
VilleTarbes
7%
VilleTarbes
7%
VilleToulon
7%
VilleToulon
7%
VilleToulon
7%
VilleToulouse
7%
VilleTours
7%
VilleTours
7%
VilleTours
7%
VilleTroyes
7%
VilleTroyes
7%
VilleTroyes
7%
VilleTroyes
7%
VilleTroyes
7%
VilleTroyes
7%
VilleTroyes
7%
VilleTroyes
7%
VilleTulle
7%
VilleTulle
7%
VilleTulle
7%
VilleTulle
7%
VilleTulle
7%
VilleValence
7%
VilleValence
7%
VilleVannes
7%
VilleVannes
7%
VilleVannes
7%
VilleVannes
7%
VilleVannes
7%
VilleVersailles
7%
VilleVersailles
7%
VilleVersailles
7%
VilleVesoul
7%
VilleVesoul
7%
VilleVesoul
7%
VilleVesoul
7%
VilleVesoul
7%
VilleVille mystère (Avignon)
7%
VilleVille mystère (Bourg-en-Bresse)
7%
VilleVille mystère (Cergy)
7%
VilleVille mystère (Charleville-Mézières)
7%
VilleVille mystère (Évry-Courcouronnes)
7%
VilleAgen
6%
VilleAgen
6%
VilleAgen
6%
VilleAgen
6%
VilleAgen
6%
Ville Ajaccio
6%
Ville Ajaccio
6%
VilleAjaccio
6%
VilleAjaccio
6%
Ville Ajaccio
6%
Ville Ajaccio
6%
Ville Ajaccio
6%
VilleAjaccio
6%
VilleAlbi
6%
VilleAlbi
6%
VilleAlbi
6%
VilleAlbi
6%
VilleAlbi
6%
VilleAlençon
6%
VilleAlençon
6%
VilleAlençon
6%
VilleAlençon
6%
VilleAmiens
6%
VilleAmiens
6%
VilleAmiens
6%
VilleAngers
6%
VilleAngers
6%
VilleAngers
6%
VilleAngers
6%
VilleAngoulême
6%
VilleAngoulême
6%
VilleAngoulême
6%
VilleAngoulême
6%
VilleAngoulême
6%
VilleAnnecy
6%
VilleAnnecy
6%
VilleAnnecy
6%
VilleAnnecy
6%
VilleAnnecy
6%
VilleAnnecy
6%
VilleAnnecy
6%
VilleArras
6%
VilleArras
6%
VilleArras
6%
VilleArras
6%
VilleAuch
6%
VilleAuch
6%
VilleAuch
6%
VilleAuch
6%
VilleAuch
6%
VilleAuch
6%
VilleAurillac
6%
VilleAurillac
6%
VilleAurillac
6%
VilleAurillac
6%
VilleAurillac
6%
VilleAurillac
6%
VilleAurillac
6%
VilleAurillac
6%
VilleAuxerre
6%
VilleAuxerre
6%
VilleAuxerre
6%
VilleAuxerre
6%
VilleAvignon
6%
VilleAvignon
6%
VilleBar-le-Duc
6%
VilleBar-le-Duc
6%
VilleBar-le-Duc
6%
VilleBar-le-Duc
6%
VilleBar-le-Duc
6%
VilleBar-le-Duc
6%
VilleBar-le-Duc
6%
VilleBastia
6%
VilleBastia
6%
VilleBastia
6%
VilleBastia
6%
VilleBastia
6%
VilleBastia
6%
VilleBastia
6%
VilleBeauvais
6%
VilleBeauvais
6%
VilleBeauvais
6%
VilleBeauvais
6%
VilleBeauvais
6%
VilleBeauvais
6%
VilleBelfort
6%
VilleBelfort
6%
VilleBelfort
6%
VilleBelfort
6%
VilleBelfort
6%
VilleBelfort
6%
VilleBelfort
6%
VilleBesançon
6%
VilleBesançon
6%
VilleBesançon
6%
VilleBesançon
6%
VilleBesançon
6%
VilleBesançon
6%
VilleBesançon
6%
VilleBesançon
6%
VilleBesançon
6%
VilleBesançon
6%
VilleBlois
6%
VilleBlois
6%
VilleBlois
6%
VilleBlois
6%
VilleBlois
6%
VilleBlois
6%
VilleBlois
6%
VilleBobigny
6%
VilleBobigny
6%
VilleBobigny
6%
VilleBobigny
6%
VilleBobigny
6%
VilleBobigny
6%
VilleBourg-en-Bresse
6%
VilleBourg-en-Bresse
6%
VilleBourg-en-Bresse
6%
VilleBourg-en-Bresse
6%
VilleBourg-en-Bresse
6%
VilleBourg-en-Bresse
6%
VilleBourg-en-Bresse
6%
VilleBourg-en-Bresse
6%
VilleBourges
6%
VilleBourges
6%
VilleBourges
6%
VilleBourges
6%
VilleBourges
6%
VilleBourges
6%
VilleBourges
6%
VilleCaen
6%
VilleCahors
6%
VilleCahors
6%
VilleCahors
6%
VilleCahors
6%
VilleCahors
6%
VilleCahors
6%
VilleCarcassonne
6%
VilleCarcassonne
6%
VilleCarcassonne
6%
VilleCarcassonne
6%
VilleCarcassonne
6%
VilleCergy
6%
VilleCergy
6%
VilleCergy
6%
VilleCergy
6%
VilleCergy
6%
VilleChâlons-en-Champagne
6%
VilleChâlons-en-Champagne
6%
VilleChâlons-en-Champagne
6%
VilleChâlons-en-Champagne
6%
VilleChâlons-en-Champagne
6%
VilleChâlons-en-Champagne
6%
VilleChâlons-en-Champagne
6%
VilleChâlons-en-Champagne
6%
VilleChâlons-en-Champagne
6%
VilleChambéry
6%
VilleChambéry
6%
VilleChambéry
6%
VilleChambéry
6%
VilleChambéry
6%
VilleChambéry
6%
VilleChambéry
6%
VilleCharleville-Mézières
6%
VilleCharleville-Mézières
6%
VilleCharleville-Mézières
6%
VilleCharleville-Mézières
6%
VilleCharleville-Mézières
6%
VilleCharleville-Mézières
6%
VilleChartres
6%
VilleChartres
6%
VilleChartres
6%
VilleChartres
6%
VilleChartres
6%
VilleChartres
6%
VilleChâteauroux
6%
VilleChâteauroux
6%
VilleChâteauroux
6%
VilleChâteauroux
6%
VilleChâteauroux
6%
VilleChâteauroux
6%
VilleChâteauroux
6%
VilleChâteauroux
6%
VilleChaumont
6%
VilleChaumont
6%
VilleChaumont
6%
VilleChaumont
6%
VilleChaumont
6%
VilleChaumont
6%
VilleClermont-Ferrand
6%
VilleClermont-Ferrand
6%
VilleColmar
6%
VilleColmar
6%
VilleColmar
6%
VilleColmar
6%
VilleCréteil
6%
VilleCréteil
6%
VilleCréteil
6%
VilleCréteil
6%
VilleCréteil
6%
VilleCréteil
6%
VilleDigne-les-Bains
6%
VilleDigne-les-Bains
6%
VilleDigne-les-Bains
6%
VilleDigne-les-Bains
6%
VilleDigne-les-Bains
6%
VilleDigne-les-Bains
6%
VilleDijon
6%
VilleÉpinal
6%
VilleÉpinal
6%
VilleÉpinal
6%
VilleÉpinal
6%
VilleÉpinal
6%
VilleÉpinal
6%
VilleÉpinal
6%
VilleÉvreux
6%
VilleÉvry-Courcouronnes
6%
VilleÉvry-Courcouronnes
6%
VilleÉvry-Courcouronnes
6%
VilleFoix
6%
VilleFoix
6%
VilleFoix
6%
VilleFoix
6%
VilleFoix
6%
VilleFoix
6%
VilleFoix
6%
VilleGap
6%
VilleGap
6%
VilleGap
6%
VilleGap
6%
VilleGap
6%
VilleGap
6%
VilleGap
6%
VilleGap
6%
VilleGrenoble
6%
VilleGuéret
6%
VilleGuéret
6%
VilleGuéret
6%
VilleGuéret
6%
VilleGuéret
6%
VilleGuéret
6%
VilleLaon
6%
VilleLaon
6%
VilleLaon
6%
VilleLaon
6%
VilleLaon
6%
VilleLaon
6%
VilleLa Rochelle
6%
VilleLa Rochelle
6%
VilleLa Rochelle
6%
VilleLa Rochelle
6%
VilleLa Rochelle
6%
VilleLa Rochelle
6%
VilleLa Rochelle
6%
VilleLa Rochelle
6%
VilleLa Roche-sur-Yon
6%
VilleLa Roche-sur-Yon
6%
VilleLa Roche-sur-Yon
6%
VilleLa Roche-sur-Yon
6%
VilleLaval
6%
VilleLaval
6%
VilleLaval
6%
VilleLaval
6%
VilleLe Mans
6%
VilleLe Puy-en-Velay
6%
VilleLe Puy-en-Velay
6%
VilleLe Puy-en-Velay
6%
VilleLe Puy-en-Velay
6%
VilleLe Puy-en-Velay
6%
VilleLe Puy-en-Velay
6%
VilleLe Puy-en-Velay
6%
VilleLe Puy-en-Velay
6%
VilleLimoges
6%
VilleLimoges
6%
VilleLimoges
6%
VilleLons-le-Saunier
6%
VilleLons-le-Saunier
6%
VilleLons-le-Saunier
6%
VilleLons-le-Saunier
6%
VilleLons-le-Saunier
6%
VilleLons-le-Saunier
6%
VilleLons-le-Saunier
6%
VilleLons-le-Saunier
6%
VilleMâcon
6%
VilleMâcon
6%
VilleMâcon
6%
VilleMâcon
6%
VilleMâcon
6%
VilleMâcon
6%
VilleMâcon
6%
VilleMâcon
6%
VilleMâcon
6%
VilleMelun
6%
VilleMelun
6%
VilleMelun
6%
VilleMelun
6%
VilleMende
6%
VilleMende
6%
VilleMende
6%
VilleMende
6%
VilleMende
6%
VilleMende
6%
VilleMende
6%
VilleMetz
6%
VilleMontauban
6%
VilleMontauban
6%
VilleMontauban
6%
VilleMontauban
6%
VilleMontauban
6%
VilleMont-de-Marsan
6%
VilleMont-de-Marsan
6%
VilleMont-de-Marsan
6%
VilleMont-de-Marsan
6%
VilleMont-de-Marsan
6%
VilleMont-de-Marsan
6%
VilleMontpellier
6%
VilleMontpellier
6%
VilleMontpellier
6%
VilleMontpellier
6%
VilleMoulins
6%
VilleMoulins
6%
VilleMoulins
6%
VilleMoulins
6%
VilleMoulins
6%
VilleMoulins
6%
VilleMoulins
6%
VilleNancy
6%
VilleNancy
6%
VilleNancy
6%
VilleNanterre
6%
VilleNanterre
6%
VilleNanterre
6%
VilleNanterre
6%
VilleNanterre
6%
VilleNevers
6%
VilleNevers
6%
VilleNevers
6%
VilleNevers
6%
VilleNevers
6%
VilleNevers
6%
VilleNevers
6%
VilleNevers
6%
VilleNice
6%
VilleNîmes
6%
VilleNiort
6%
VilleNiort
6%
VilleNiort
6%
VilleNiort
6%
VilleNiort
6%
VilleOrléans
6%
VillePau
6%
VillePau
6%
VillePau
6%
VillePérigueux
6%
VillePérigueux
6%
VillePérigueux
6%
VillePérigueux
6%
VillePerpignan
6%
VillePerpignan
6%
VillePoitiers
6%
VillePoitiers
6%
VillePoitiers
6%
VillePoitiers
6%
VillePoitiers
6%
VillePrivas
6%
VillePrivas
6%
VillePrivas
6%
VillePrivas
6%
VillePrivas
6%
VillePrivas
6%
VilleQuimper
6%
VilleQuimper
6%
VilleQuimper
6%
Ville Quimper
6%
Ville Quimper
6%
VilleRodez
6%
VilleRodez
6%
VilleRodez
6%
VilleRodez
6%
VilleRodez
6%
VilleRodez
6%
VilleRodez
6%
VilleRodez
6%
VilleRouen
6%
VilleRouen
6%
VilleSaint-Brieuc
6%
VilleSaint-Brieuc
6%
VilleSaint-Brieuc
6%
VilleSaint-Brieuc
6%
VilleSaint-Étienne
6%
VilleSaint-Étienne
6%
VilleSaint-Étienne
6%
VilleSaint-Étienne
6%
VilleSaint-Étienne
6%
VilleSaint-Lô
6%
VilleSaint-Lô
6%
VilleSaint-Lô
6%
VilleSaint-Lô
6%
VilleTarbes
6%
VilleTarbes
6%
VilleTarbes
6%
VilleTarbes
6%
VilleToulon
6%
VilleToulon
6%
VilleTours
6%
VilleTroyes
6%
VilleTroyes
6%
VilleTroyes
6%
VilleTroyes
6%
VilleTroyes
6%
VilleTulle
6%
VilleTulle
6%
VilleTulle
6%
VilleTulle
6%
VilleTulle
6%
VilleTulle
6%
VilleTulle
6%
VilleTulle
6%
VilleTulle
6%
VilleValence
6%
VilleValence
6%
VilleValence
6%
VilleValence
6%
VilleValence
6%
VilleVannes
6%
VilleVannes
6%
VilleVannes
6%
VilleVersailles
6%
VilleVersailles
6%
VilleVersailles
6%
VilleVesoul
6%
VilleVesoul
6%
VilleVesoul
6%
VilleVesoul
6%
VilleVesoul
6%
VilleVesoul
6%
VilleVille mystère (Alençon)
6%
VilleVille mystère (Auch)
6%
VilleVille mystère (Bobigny)
6%
VilleVille mystère (Évreux)
6%
VilleVille mystère (Saint-Brieuc)
6%
VilleVille mystère (Tarbes)
6%
VilleAgen
5%
Ville Ajaccio
5%
VilleAlbi
5%
VilleAlbi
5%
VilleAlençon
5%
VilleAlençon
5%
VilleAlençon
5%
VilleAngers
5%
VilleAngers
5%
VilleAngers
5%
VilleAngers
5%
VilleAngoulême
5%
VilleAngoulême
5%
VilleAnnecy
5%
VilleAnnecy
5%
VilleArras
5%
VilleArras
5%
VilleArras
5%
VilleArras
5%
VilleAuch
5%
VilleAuch
5%
VilleAurillac
5%
VilleAurillac
5%
VilleAuxerre
5%
VilleAuxerre
5%
VilleAvignon
5%
VilleAvignon
5%
VilleBar-le-Duc
5%
VilleBar-le-Duc
5%
VilleBastia
5%
VilleBastia
5%
VilleBeauvais
5%
VilleBeauvais
5%
VilleBeauvais
5%
VilleBelfort
5%
VilleBelfort
5%
VilleBelfort
5%
VilleBesançon
5%
VilleBesançon
5%
VilleBlois
5%
VilleBlois
5%
VilleBobigny
5%
VilleBobigny
5%
VilleBobigny
5%
VilleBourg-en-Bresse
5%
VilleBourg-en-Bresse
5%
VilleBourg-en-Bresse
5%
VilleBourges
5%
VilleBourges
5%
VilleBourges
5%
VilleBourges
5%
VilleCahors
5%
VilleCahors
5%
VilleCarcassonne
5%
VilleCarcassonne
5%
VilleCergy
5%
VilleCergy
5%
VilleChâlons-en-Champagne
5%
VilleChâlons-en-Champagne
5%
VilleChâlons-en-Champagne
5%
VilleChambéry
5%
VilleChambéry
5%
VilleCharleville-Mézières
5%
VilleCharleville-Mézières
5%
VilleCharleville-Mézières
5%
VilleChartres
5%
VilleChartres
5%
VilleChâteauroux
5%
VilleChâteauroux
5%
VilleChaumont
5%
VilleChaumont
5%
VilleChaumont
5%
VilleChaumont
5%
VilleClermont-Ferrand
5%
VilleClermont-Ferrand
5%
VilleColmar
5%
VilleColmar
5%
VilleCréteil
5%
VilleDigne-les-Bains
5%
VilleDigne-les-Bains
5%
VilleÉpinal
5%
VilleÉpinal
5%
VilleÉvreux
5%
VilleÉvreux
5%
VilleÉvreux
5%
VilleÉvreux
5%
VilleÉvry-Courcouronnes
5%
VilleÉvry-Courcouronnes
5%
VilleFoix
5%
VilleFoix
5%
VilleGap
5%
VilleGap
5%
VilleGuéret
5%
VilleGuéret
5%
VilleLaon
5%
VilleLaon
5%
VilleLaon
5%
VilleLa Rochelle
5%
VilleLa Roche-sur-Yon
5%
VilleLa Roche-sur-Yon
5%
VilleLaval
5%
VilleLaval
5%
VilleLe Mans
5%
VilleLe Puy-en-Velay
5%
VilleLe Puy-en-Velay
5%
VilleLe Puy-en-Velay
5%
VilleLimoges
5%
VilleLons-le-Saunier
5%
VilleLons-le-Saunier
5%
VilleLons-le-Saunier
5%
VilleMâcon
5%
VilleMâcon
5%
VilleMâcon
5%
VilleMâcon
5%
VilleMelun
5%
VilleMende
5%
VilleMende
5%
VilleMende
5%
VilleMetz
5%
VilleMontauban
5%
VilleMontauban
5%
VilleMont-de-Marsan
5%
VilleMont-de-Marsan
5%
VilleMontpellier
5%
VilleMoulins
5%
VilleMoulins
5%
VilleMoulins
5%
VilleNancy
5%
VilleNancy
5%
VilleNanterre
5%
VilleNevers
5%
VilleNevers
5%
VilleNevers
5%
VilleNîmes
5%
VilleNiort
5%
VilleNiort
5%
VilleNiort
5%
VilleOrléans
5%
VillePau
5%
VillePau
5%
VillePau
5%
VillePau
5%
VillePau
5%
VillePérigueux
5%
VillePérigueux
5%
VillePerpignan
5%
VillePoitiers
5%
VillePoitiers
5%
VillePrivas
5%
VillePrivas
5%
VilleQuimper
5%
VilleQuimper
5%
VilleQuimper
5%
VilleRodez
5%
VilleRodez
5%
VilleRodez
5%
VilleRouen
5%
VilleSaint-Brieuc
5%
VilleSaint-Brieuc
5%
VilleSaint-Brieuc
5%
VilleSaint-Étienne
5%
VilleSaint-Étienne
5%
VilleTarbes
5%
VilleTarbes
5%
VilleTarbes
5%
VilleToulon
5%
VilleToulon
5%
VilleToulon
5%
VilleToulouse
5%
VilleTroyes
5%
VilleTulle
5%
VilleTulle
5%
VilleValence
5%
VilleValence
5%
VilleVannes
5%
VilleVersailles
5%
VilleVesoul
5%
VilleVesoul
5%
VilleVesoul
5%
VilleVille mystère (Arras)
5%
VilleVille mystère (Châlons-en-Champagne)
5%
VilleVille mystère (Mont-de-Marsan)
5%
VilleAgen
4%
VilleAgen
4%
Ville Ajaccio
4%
VilleAlbi
4%
VilleAlbi
4%
VilleAlbi
4%
VilleAlençon
4%
VilleAlençon
4%
VilleAlençon
4%
VilleAlençon
4%
VilleAlençon
4%
VilleAmiens
4%
VilleAmiens
4%
VilleAngoulême
4%
VilleAngoulême
4%
VilleAngoulême
4%
VilleAnnecy
4%
VilleAnnecy
4%
VilleArras
4%
VilleArras
4%
VilleArras
4%
VilleAuch
4%
VilleAuch
4%
VilleAuch
4%
VilleAurillac
4%
VilleAurillac
4%
VilleAurillac
4%
VilleAurillac
4%
VilleAuxerre
4%
VilleAvignon
4%
VilleAvignon
4%
VilleAvignon
4%
VilleBar-le-Duc
4%
VilleBar-le-Duc
4%
VilleBar-le-Duc
4%
VilleBar-le-Duc
4%
VilleBastia
4%
VilleBastia
4%
VilleBastia
4%
VilleBastia
4%
VilleBeauvais
4%
VilleBeauvais
4%
VilleBeauvais
4%
VilleBelfort
4%
VilleBelfort
4%
VilleBelfort
4%
VilleBesançon
4%
VilleBesançon
4%
VilleBesançon
4%
VilleBlois
4%
VilleBlois
4%
VilleBobigny
4%
VilleBobigny
4%
VilleBourg-en-Bresse
4%
VilleBourg-en-Bresse
4%
VilleBourges
4%
VilleBourges
4%
VilleBourges
4%
VilleCaen
4%
VilleCaen
4%
VilleCahors
4%
VilleCahors
4%
VilleCahors
4%
VilleCarcassonne
4%
VilleCarcassonne
4%
VilleCarcassonne
4%
VilleCergy
4%
VilleCergy
4%
VilleCergy
4%
VilleCergy
4%
VilleCergy
4%
VilleChâlons-en-Champagne
4%
VilleChâlons-en-Champagne
4%
VilleChambéry
4%
VilleChambéry
4%
VilleCharleville-Mézières
4%
VilleCharleville-Mézières
4%
VilleCharleville-Mézières
4%
VilleCharleville-Mézières
4%
VilleChartres
4%
VilleChâteauroux
4%
VilleChâteauroux
4%
VilleChâteauroux
4%
VilleChaumont
4%
VilleChaumont
4%
VilleClermont-Ferrand
4%
VilleColmar
4%
VilleColmar
4%
VilleColmar
4%
VilleColmar
4%
VilleCréteil
4%
VilleCréteil
4%
VilleCréteil
4%
VilleDigne-les-Bains
4%
VilleDigne-les-Bains
4%
VilleDigne-les-Bains
4%
VilleDigne-les-Bains
4%
VilleÉpinal
4%
VilleÉpinal
4%
VilleÉpinal
4%
VilleÉvreux
4%
VilleÉvreux
4%
VilleÉvreux
4%
VilleÉvry-Courcouronnes
4%
VilleÉvry-Courcouronnes
4%
VilleFoix
4%
VilleFoix
4%
VilleFoix
4%
VilleFoix
4%
VilleGap
4%
VilleGap
4%
VilleGap
4%
VilleGrenoble
4%
VilleGuéret
4%
VilleGuéret
4%
VilleGuéret
4%
VilleGuéret
4%
VilleLaon
4%
VilleLaon
4%
VilleLaon
4%
VilleLa Rochelle
4%
VilleLa Rochelle
4%
VilleLa Rochelle
4%
VilleLa Rochelle
4%
VilleLa Roche-sur-Yon
4%
VilleLa Roche-sur-Yon
4%
VilleLaval
4%
VilleLaval
4%
VilleLe Puy-en-Velay
4%
VilleLe Puy-en-Velay
4%
VilleLe Puy-en-Velay
4%
VilleLe Puy-en-Velay
4%
VilleLe Puy-en-Velay
4%
VilleLimoges
4%
VilleLimoges
4%
VilleLons-le-Saunier
4%
VilleLons-le-Saunier
4%
VilleMâcon
4%
VilleMâcon
4%
VilleMâcon
4%
VilleMelun
4%
VilleMende
4%
VilleMende
4%
VilleMende
4%
VilleMetz
4%
VilleMetz
4%
VilleMetz
4%
VilleMontauban
4%
VilleMontauban
4%
VilleMontauban
4%
VilleMont-de-Marsan
4%
VilleMont-de-Marsan
4%
VilleMont-de-Marsan
4%
VilleMont-de-Marsan
4%
VilleMont-de-Marsan
4%
VilleMontpellier
4%
VilleMoulins
4%
VilleMoulins
4%
VilleMoulins
4%
VilleNancy
4%
VilleNancy
4%
VilleNancy
4%
VilleNanterre
4%
VilleNanterre
4%
VilleNevers
4%
VilleNevers
4%
VilleNevers
4%
VilleNevers
4%
VilleNîmes
4%
VilleNiort
4%
VilleNiort
4%
VilleNiort
4%
VillePau
4%
VillePau
4%
VillePau
4%
VillePau
4%
VillePau
4%
VillePérigueux
4%
VillePérigueux
4%
VillePérigueux
4%
VillePérigueux
4%
VillePerpignan
4%
VillePerpignan
4%
VillePoitiers
4%
VillePoitiers
4%
VillePoitiers
4%
VillePoitiers
4%
VillePoitiers
4%
VillePrivas
4%
VillePrivas
4%
VillePrivas
4%
VillePrivas
4%
VillePrivas
4%
VilleQuimper
4%
VilleRodez
4%
VilleRodez
4%
VilleRodez
4%
VilleRouen
4%
VilleSaint-Brieuc
4%
VilleSaint-Brieuc
4%
VilleSaint-Brieuc
4%
VilleSaint-Étienne
4%
VilleSaint-Étienne
4%
VilleSaint-Lô
4%
VilleSaint-Lô
4%
VilleTarbes
4%
VilleTarbes
4%
VilleTarbes
4%
VilleTarbes
4%
VilleToulon
4%
VilleToulon
4%
VilleTroyes
4%
VilleTulle
4%
VilleTulle
4%
VilleTulle
4%
VilleTulle
4%
VilleValence
4%
VilleValence
4%
VilleValence
4%
VilleVannes
4%
VilleVannes
4%
VilleVannes
4%
VilleVannes
4%
VilleVersailles
4%
VilleVesoul
4%
VilleVesoul
4%
VilleVesoul
4%
VilleVesoul
4%
VilleVesoul
4%
VilleVille mystère (Cahors)
4%
VilleVille mystère (Gap)
4%
VilleVille mystère (Melun)
4%
VilleVille mystère (Saint-Lô)
4%
VilleAgen
3%
VilleAgen
3%
VilleAgen
3%
VilleAgen
3%
VilleAgen
3%
VilleAgen
3%
Ville Ajaccio
3%
Ville Ajaccio
3%
Ville Ajaccio
3%
VilleAjaccio
3%
VilleAlbi
3%
VilleAlbi
3%
VilleAlbi
3%
VilleAlbi
3%
VilleAlbi
3%
VilleAlençon
3%
VilleAlençon
3%
VilleAlençon
3%
VilleAlençon
3%
VilleAlençon
3%
VilleAmiens
3%
VilleAmiens
3%
VilleAmiens
3%
VilleAmiens
3%
VilleAngers
3%
VilleAngers
3%
VilleAngoulême
3%
VilleAngoulême
3%
VilleAngoulême
3%
VilleAngoulême
3%
VilleAngoulême
3%
VilleAnnecy
3%
VilleAnnecy
3%
VilleAnnecy
3%
VilleAnnecy
3%
VilleArras
3%
VilleArras
3%
VilleArras
3%
VilleArras
3%
VilleArras
3%
VilleArras
3%
VilleAuch
3%
VilleAuch
3%
VilleAuch
3%
VilleAuch
3%
VilleAuch
3%
VilleAurillac
3%
VilleAurillac
3%
VilleAurillac
3%
VilleAurillac
3%
VilleAurillac
3%
VilleAurillac
3%
VilleAuxerre
3%
VilleAuxerre
3%
VilleAuxerre
3%
VilleAuxerre
3%
VilleAuxerre
3%
VilleAuxerre
3%
VilleAuxerre
3%
VilleAvignon
3%
VilleAvignon
3%
VilleAvignon
3%
VilleAvignon
3%
VilleAvignon
3%
VilleAvignon
3%
VilleBar-le-Duc
3%
VilleBar-le-Duc
3%
VilleBar-le-Duc
3%
VilleBar-le-Duc
3%
VilleBar-le-Duc
3%
VilleBar-le-Duc
3%
VilleBar-le-Duc
3%
VilleBar-le-Duc
3%
VilleBastia
3%
VilleBastia
3%
VilleBastia
3%
VilleBastia
3%
Ville Bastia
3%
VilleBastia
3%
VilleBastia
3%
VilleBeauvais
3%
VilleBeauvais
3%
VilleBeauvais
3%
VilleBeauvais
3%
VilleBeauvais
3%
VilleBelfort
3%
VilleBelfort
3%
VilleBelfort
3%
VilleBelfort
3%
VilleBelfort
3%
VilleBelfort
3%
VilleBelfort
3%
VilleBesançon
3%
VilleBesançon
3%
VilleBesançon
3%
VilleBlois
3%
VilleBlois
3%
VilleBlois
3%
VilleBlois
3%
VilleBlois
3%
VilleBobigny
3%
VilleBobigny
3%
VilleBobigny
3%
VilleBobigny
3%
VilleBobigny
3%
VilleBobigny
3%
VilleBobigny
3%
VilleBourg-en-Bresse
3%
VilleBourg-en-Bresse
3%
VilleBourg-en-Bresse
3%
VilleBourg-en-Bresse
3%
VilleBourges
3%
VilleBourges
3%
VilleBourges
3%
VilleBourges
3%
VilleBourges
3%
VilleBourges
3%
VilleCaen
3%
VilleCaen
3%
VilleCaen
3%
VilleCaen
3%
VilleCahors
3%
VilleCahors
3%
VilleCahors
3%
VilleCahors
3%
VilleCahors
3%
VilleCahors
3%
VilleCahors
3%
VilleCahors
3%
VilleCarcassonne
3%
VilleCarcassonne
3%
VilleCarcassonne
3%
VilleCarcassonne
3%
VilleCarcassonne
3%
VilleCarcassonne
3%
VilleCarcassonne
3%
VilleCergy
3%
VilleCergy
3%
VilleCergy
3%
VilleCergy
3%
VilleCergy
3%
VilleCergy
3%
VilleChâlons-en-Champagne
3%
VilleChâlons-en-Champagne
3%
VilleChâlons-en-Champagne
3%
VilleChâlons-en-Champagne
3%
VilleChambéry
3%
VilleChambéry
3%
VilleChambéry
3%
VilleCharleville-Mézières
3%
VilleCharleville-Mézières
3%
VilleCharleville-Mézières
3%
VilleCharleville-Mézières
3%
VilleCharleville-Mézières
3%
VilleCharleville-Mézières
3%
VilleCharleville-Mézières
3%
VilleCharleville-Mézières
3%
VilleCharleville-Mézières
3%
VilleChartres
3%
VilleChartres
3%
VilleChartres
3%
VilleChartres
3%
VilleChartres
3%
VilleChartres
3%
VilleChâteauroux
3%
VilleChâteauroux
3%
VilleChâteauroux
3%
VilleChâteauroux
3%
VilleChaumont
3%
VilleChaumont
3%
VilleChaumont
3%
VilleChaumont
3%
VilleChaumont
3%
VilleChaumont
3%
VilleClermont-Ferrand
3%
VilleClermont-Ferrand
3%
VilleClermont-Ferrand
3%
VilleColmar
3%
VilleColmar
3%
VilleColmar
3%
VilleColmar
3%
VilleColmar
3%
VilleColmar
3%
VilleColmar
3%
VilleColmar
3%
VilleCréteil
3%
VilleCréteil
3%
VilleCréteil
3%
VilleDigne-les-Bains
3%
VilleDigne-les-Bains
3%
VilleDigne-les-Bains
3%
VilleDigne-les-Bains
3%
VilleDigne-les-Bains
3%
VilleDigne-les-Bains
3%
VilleDigne-les-Bains
3%
VilleDijon
3%
VilleÉpinal
3%
VilleÉpinal
3%
VilleÉpinal
3%
VilleÉpinal
3%
VilleÉpinal
3%
VilleÉpinal
3%
VilleÉpinal
3%
VilleÉpinal
3%
VilleÉvreux
3%
VilleÉvreux
3%
VilleÉvreux
3%
VilleÉvreux
3%
VilleÉvreux
3%
VilleÉvreux
3%
VilleÉvreux
3%
VilleÉvreux
3%
VilleÉvry-Courcouronnes
3%
VilleÉvry-Courcouronnes
3%
VilleÉvry-Courcouronnes
3%
VilleÉvry-Courcouronnes
3%
VilleÉvry-Courcouronnes
3%
VilleÉvry-Courcouronnes
3%
VilleÉvry-Courcouronnes
3%
VilleÉvry-Courcouronnes
3%
VilleÉvry-Courcouronnes
3%
VilleFoix
3%
VilleFoix
3%
VilleFoix
3%
VilleFoix
3%
VilleFoix
3%
VilleFoix
3%
VilleFoix
3%
VilleGap
3%
VilleGap
3%
VilleGap
3%
VilleGap
3%
VilleGap
3%
VilleGrenoble
3%
VilleGrenoble
3%
VilleGrenoble
3%
VilleGrenoble
3%
VilleGuéret
3%
VilleGuéret
3%
VilleGuéret
3%
VilleGuéret
3%
VilleGuéret
3%
VilleGuéret
3%
VilleLaon
3%
VilleLaon
3%
VilleLaon
3%
VilleLaon
3%
VilleLaon
3%
VilleLaon
3%
VilleLaon
3%
VilleLa Rochelle
3%
VilleLa Rochelle
3%
VilleLa Rochelle
3%
VilleLa Rochelle
3%
VilleLa Rochelle
3%
VilleLa Rochelle
3%
VilleLa Rochelle
3%
VilleLa Roche-sur-Yon
3%
VilleLa Roche-sur-Yon
3%
VilleLa Roche-sur-Yon
3%
VilleLa Roche-sur-Yon
3%
VilleLa Roche-sur-Yon
3%
VilleLa Roche-sur-Yon
3%
VilleLa Roche-sur-Yon
3%
VilleLa Roche-sur-Yon
3%
VilleLa Roche-sur-Yon
3%
VilleLaval
3%
VilleLaval
3%
VilleLaval
3%
VilleLaval
3%
VilleLaval
3%
VilleLaval
3%
VilleLe Mans
3%
VilleLe Mans
3%
VilleLe Mans
3%
VilleLe Mans
3%
VilleLe Mans
3%
VilleLe Puy-en-Velay
3%
VilleLe Puy-en-Velay
3%
VilleLe Puy-en-Velay
3%
VilleLe Puy-en-Velay
3%
VilleLe Puy-en-Velay
3%
VilleLe Puy-en-Velay
3%
VilleLe Puy-en-Velay
3%
VilleLimoges
3%
VilleLimoges
3%
VilleLons-le-Saunier
3%
VilleLons-le-Saunier
3%
VilleLons-le-Saunier
3%
VilleLons-le-Saunier
3%
VilleLons-le-Saunier
3%
VilleLons-le-Saunier
3%
VilleMâcon
3%
VilleMâcon
3%
VilleMâcon
3%
VilleMâcon
3%
VilleMâcon
3%
VilleMelun
3%
VilleMelun
3%
VilleMelun
3%
VilleMelun
3%
VilleMelun
3%
VilleMelun
3%
VilleMelun
3%
VilleMende
3%
VilleMende
3%
VilleMende
3%
VilleMende
3%
VilleMende
3%
VilleMende
3%
VilleMende
3%
VilleMende
3%
VilleMetz
3%
VilleMetz
3%
VilleMetz
3%
VilleMontauban
3%
VilleMontauban
3%
VilleMontauban
3%
VilleMontauban
3%
VilleMontauban
3%
VilleMontauban
3%
VilleMontauban
3%
VilleMont-de-Marsan
3%
VilleMont-de-Marsan
3%
VilleMont-de-Marsan
3%
VilleMont-de-Marsan
3%
VilleMont-de-Marsan
3%
VilleMont-de-Marsan
3%
VilleMontpellier
3%
VilleMontpellier
3%
VilleMontpellier
3%
VilleMoulins
3%
VilleMoulins
3%
VilleMoulins
3%
VilleMoulins
3%
VilleMoulins
3%
VilleMoulins
3%
VilleMoulins
3%
VilleMoulins
3%
VilleMoulins
3%
VilleNancy
3%
VilleNancy
3%
VilleNancy
3%
VilleNanterre
3%
VilleNanterre
3%
VilleNanterre
3%
VilleNantes
3%
VilleNevers
3%
VilleNevers
3%
VilleNevers
3%
VilleNevers
3%
VilleNevers
3%
VilleNevers
3%
VilleNice
3%
VilleNîmes
3%
VilleNîmes
3%
VilleNîmes
3%
VilleNiort
3%
VilleNiort
3%
VilleNiort
3%
VilleNiort
3%
VilleNiort
3%
VilleNiort
3%
VilleNiort
3%
VilleNiort
3%
VilleOrléans
3%
VillePau
3%
VillePau
3%
VillePau
3%
VillePau
3%
VillePau
3%
VillePérigueux
3%
VillePérigueux
3%
VillePérigueux
3%
VillePérigueux
3%
VillePérigueux
3%
VillePérigueux
3%
VillePérigueux
3%
VillePerpignan
3%
VillePerpignan
3%
VillePerpignan
3%
VillePerpignan
3%
VillePerpignan
3%
VillePerpignan
3%
VillePoitiers
3%
VillePoitiers
3%
VillePoitiers
3%
VillePoitiers
3%
VillePoitiers
3%
VillePrivas
3%
VillePrivas
3%
VillePrivas
3%
VillePrivas
3%
VillePrivas
3%
VillePrivas
3%
VillePrivas
3%
Ville Quimper
3%
VilleQuimper
3%
VilleQuimper
3%
VilleQuimper
3%
VilleRennes
3%
VilleRodez
3%
VilleRodez
3%
VilleRodez
3%
VilleRodez
3%
VilleRodez
3%
VilleRodez
3%
VilleRodez
3%
VilleRouen
3%
VilleRouen
3%
VilleSaint-Brieuc
3%
VilleSaint-Brieuc
3%
VilleSaint-Brieuc
3%
VilleSaint-Brieuc
3%
VilleSaint-Brieuc
3%
VilleSaint-Brieuc
3%
VilleSaint-Brieuc
3%
VilleSaint-Brieuc
3%
VilleSaint-Brieuc
3%
VilleSaint-Étienne
3%
VilleSaint-Lô
3%
VilleSaint-Lô
3%
VilleSaint-Lô
3%
VilleSaint-Lô
3%
VilleSaint-Lô
3%
VilleSaint-Lô
3%
VilleSaint-Lô
3%
VilleSaint-Lô
3%
VilleTarbes
3%
VilleTarbes
3%
VilleTarbes
3%
VilleTarbes
3%
VilleTarbes
3%
VilleTarbes
3%
VilleTarbes
3%
VilleTarbes
3%
VilleToulon
3%
VilleToulon
3%
VilleToulon
3%
VilleToulon
3%
VilleToulon
3%
VilleToulon
3%
VilleTroyes
3%
VilleTroyes
3%
VilleTroyes
3%
VilleTroyes
3%
VilleTulle
3%
VilleTulle
3%
VilleTulle
3%
VilleTulle
3%
VilleTulle
3%
VilleTulle
3%
VilleValence
3%
VilleValence
3%
VilleValence
3%
VilleValence
3%
VilleValence
3%
VilleValence
3%
VilleValence
3%
VilleValence
3%
VilleVannes
3%
VilleVannes
3%
VilleVannes
3%
VilleVannes
3%
VilleVannes
3%
VilleVannes
3%
VilleVannes
3%
VilleVannes
3%
VilleVersailles
3%
VilleVersailles
3%
VilleVersailles
3%
VilleVersailles
3%
VilleVersailles
3%
VilleVersailles
3%
VilleVesoul
3%
VilleVesoul
3%
VilleVesoul
3%
VilleVesoul
3%
VilleVesoul
3%
VilleVesoul
3%
VilleVesoul
3%
VilleVesoul
3%
VilleVesoul
3%
VilleVille mystère (Albi)
3%
VilleVille mystère (Bar-le-Duc)
3%
VilleVille mystère (Blois)
3%
VilleVille mystère (Guéret)
3%
VilleVille mystère (Laon)
3%
VilleVille mystère (Mende)
3%
VilleVille mystère (Nevers)
3%
VilleVille mystère (Tulle)
3%
VilleAgen
0%
VilleAgen
0%
VilleAgen
0%
VilleAgen
0%
VilleAgen
0%
VilleAgen
0%
VilleAgen
0%
VilleAgen
0%
VilleAgen
0%
VilleAgen
0%
Ville Ajaccio
0%
Ville Ajaccio
0%
VilleAjaccio
0%
Ville Ajaccio
0%
VilleAjaccio
0%
VilleAjaccio
0%
VilleAlbi
0%
VilleAlbi
0%
VilleAlbi
0%
VilleAlbi
0%
VilleAlbi
0%
VilleAlbi
0%
VilleAlbi
0%
VilleAlbi
0%
VilleAlbi
0%
VilleAlbi
0%
VilleAlbi
0%
VilleAlençon
0%
VilleAlençon
0%
VilleAlençon
0%
VilleAlençon
0%
VilleAlençon
0%
VilleAlençon
0%
VilleAlençon
0%
VilleAlençon
0%
VilleAlençon
0%
VilleAlençon
0%
VilleAlençon
0%
VilleAmiens
0%
VilleAmiens
0%
VilleAmiens
0%
VilleAmiens
0%
VilleAngers
0%
VilleAngoulême
0%
VilleAngoulême
0%
VilleAngoulême
0%
VilleAngoulême
0%
VilleAngoulême
0%
VilleAngoulême
0%
VilleAngoulême
0%
VilleAngoulême
0%
VilleAngoulême
0%
VilleAngoulême
0%
VilleAnnecy
0%
VilleAnnecy
0%
VilleAnnecy
0%
VilleAnnecy
0%
VilleArras
0%
VilleArras
0%
VilleArras
0%
VilleArras
0%
VilleArras
0%
VilleArras
0%
VilleAuch
0%
VilleAuch
0%
VilleAuch
0%
VilleAuch
0%
VilleAuch
0%
VilleAuch
0%
VilleAuch
0%
VilleAuch
0%
VilleAuch
0%
VilleAuch
0%
VilleAuch
0%
VilleAurillac
0%
VilleAurillac
0%
VilleAurillac
0%
VilleAurillac
0%
VilleAurillac
0%
VilleAurillac
0%
VilleAurillac
0%
VilleAurillac
0%
VilleAurillac
0%
VilleAurillac
0%
VilleAurillac
0%
VilleAuxerre
0%
VilleAuxerre
0%
VilleAuxerre
0%
VilleAuxerre
0%
VilleAuxerre
0%
VilleAuxerre
0%
VilleAvignon
0%
VilleAvignon
0%
VilleAvignon
0%
VilleAvignon
0%
VilleAvignon
0%
VilleAvignon
0%
VilleAvignon
0%
VilleAvignon
0%
VilleBar-le-Duc
0%
VilleBar-le-Duc
0%
VilleBar-le-Duc
0%
VilleBar-le-Duc
0%
VilleBar-le-Duc
0%
VilleBar-le-Duc
0%
VilleBar-le-Duc
0%
VilleBar-le-Duc
0%
VilleBar-le-Duc
0%
VilleBar-le-Duc
0%
VilleBastia
0%
Ville Bastia
0%
VilleBastia
0%
VilleBastia
0%
VilleBastia
0%
VilleBastia
0%
VilleBastia
0%
VilleBeauvais
0%
VilleBeauvais
0%
VilleBeauvais
0%
VilleBeauvais
0%
VilleBeauvais
0%
VilleBeauvais
0%
VilleBeauvais
0%
VilleBeauvais
0%
VilleBeauvais
0%
VilleBelfort
0%
VilleBelfort
0%
VilleBelfort
0%
VilleBelfort
0%
VilleBelfort
0%
VilleBelfort
0%
VilleBelfort
0%
VilleBelfort
0%
VilleBesançon
0%
VilleBesançon
0%
VilleBesançon
0%
VilleBesançon
0%
VilleBesançon
0%
VilleBesançon
0%
VilleBlois
0%
VilleBlois
0%
VilleBlois
0%
VilleBlois
0%
VilleBlois
0%
VilleBlois
0%
VilleBobigny
0%
VilleBobigny
0%
VilleBobigny
0%
VilleBobigny
0%
VilleBobigny
0%
VilleBobigny
0%
VilleBobigny
0%
VilleBobigny
0%
VilleBourg-en-Bresse
0%
VilleBourg-en-Bresse
0%
VilleBourges
0%
VilleBourges
0%
VilleBourges
0%
VilleBourges
0%
VilleBourges
0%
VilleCaen
0%
VilleCahors
0%
VilleCahors
0%
VilleCahors
0%
VilleCahors
0%
VilleCahors
0%
VilleCahors
0%
VilleCahors
0%
VilleCahors
0%
VilleCahors
0%
VilleCahors
0%
VilleCahors
0%
VilleCahors
0%
VilleCarcassonne
0%
VilleCarcassonne
0%
VilleCarcassonne
0%
VilleCarcassonne
0%
VilleCarcassonne
0%
VilleCarcassonne
0%
VilleCarcassonne
0%
VilleCarcassonne
0%
VilleCarcassonne
0%
VilleCarcassonne
0%
VilleCarcassonne
0%
VilleCergy
0%
VilleCergy
0%
VilleCergy
0%
VilleCergy
0%
VilleCergy
0%
VilleCergy
0%
VilleCergy
0%
VilleCergy
0%
VilleChâlons-en-Champagne
0%
VilleChâlons-en-Champagne
0%
VilleChâlons-en-Champagne
0%
VilleChâlons-en-Champagne
0%
VilleChâlons-en-Champagne
0%
VilleChâlons-en-Champagne
0%
VilleChâlons-en-Champagne
0%
VilleChâlons-en-Champagne
0%
VilleChambéry
0%
VilleChambéry
0%
VilleChambéry
0%
VilleChambéry
0%
VilleChambéry
0%
VilleCharleville-Mézières
0%
VilleCharleville-Mézières
0%
VilleCharleville-Mézières
0%
VilleCharleville-Mézières
0%
VilleCharleville-Mézières
0%
VilleCharleville-Mézières
0%
VilleCharleville-Mézières
0%
VilleCharleville-Mézières
0%
VilleChartres
0%
VilleChartres
0%
VilleChartres
0%
VilleChartres
0%
VilleChartres
0%
VilleChâteauroux
0%
VilleChâteauroux
0%
VilleChâteauroux
0%
VilleChâteauroux
0%
VilleChâteauroux
0%
VilleChâteauroux
0%
VilleChâteauroux
0%
VilleChâteauroux
0%
VilleChâteauroux
0%
VilleChâteauroux
0%
VilleChâteauroux
0%
VilleChaumont
0%
VilleChaumont
0%
VilleChaumont
0%
VilleChaumont
0%
VilleChaumont
0%
VilleChaumont
0%
VilleChaumont
0%
VilleChaumont
0%
VilleChaumont
0%
VilleChaumont
0%
VilleChaumont
0%
VilleClermont-Ferrand
0%
VilleColmar
0%
VilleColmar
0%
VilleColmar
0%
VilleColmar
0%
VilleColmar
0%
VilleCréteil
0%
VilleCréteil
0%
VilleCréteil
0%
VilleCréteil
0%
VilleCréteil
0%
VilleCréteil
0%
VilleDigne-les-Bains
0%
VilleDigne-les-Bains
0%
VilleDigne-les-Bains
0%
VilleDigne-les-Bains
0%
VilleDigne-les-Bains
0%
VilleDigne-les-Bains
0%
VilleDigne-les-Bains
0%
VilleDigne-les-Bains
0%
VilleDigne-les-Bains
0%
VilleDigne-les-Bains
0%
VilleDigne-les-Bains
0%
VilleDigne-les-Bains
0%
VilleÉpinal
0%
VilleÉpinal
0%
VilleÉpinal
0%
VilleÉpinal
0%
VilleÉpinal
0%
VilleÉpinal
0%
VilleÉpinal
0%
VilleÉpinal
0%
VilleÉpinal
0%
VilleÉpinal
0%
VilleÉvreux
0%
VilleÉvreux
0%
VilleÉvreux
0%
VilleÉvreux
0%
VilleÉvreux
0%
VilleÉvreux
0%
VilleÉvreux
0%
VilleÉvreux
0%
VilleÉvry-Courcouronnes
0%
VilleÉvry-Courcouronnes
0%
VilleÉvry-Courcouronnes
0%
VilleÉvry-Courcouronnes
0%
VilleFoix
0%
VilleFoix
0%
VilleFoix
0%
VilleFoix
0%
VilleFoix
0%
VilleFoix
0%
VilleFoix
0%
VilleFoix
0%
VilleFoix
0%
VilleFoix
0%
VilleFoix
0%
VilleGap
0%
VilleGap
0%
VilleGap
0%
VilleGap
0%
VilleGap
0%
VilleGap
0%
VilleGap
0%
VilleGap
0%
VilleGap
0%
VilleGap
0%
VilleGuéret
0%
VilleGuéret
0%
VilleGuéret
0%
VilleGuéret
0%
VilleGuéret
0%
VilleGuéret
0%
VilleGuéret
0%
VilleGuéret
0%
VilleGuéret
0%
VilleGuéret
0%
VilleGuéret
0%
VilleLaon
0%
VilleLaon
0%
VilleLaon
0%
VilleLaon
0%
VilleLaon
0%
VilleLaon
0%
VilleLaon
0%
VilleLaon
0%
VilleLa Rochelle
0%
VilleLa Rochelle
0%
VilleLa Rochelle
0%
VilleLa Rochelle
0%
VilleLa Rochelle
0%
VilleLa Rochelle
0%
VilleLa Rochelle
0%
VilleLa Rochelle
0%
VilleLa Roche-sur-Yon
0%
VilleLa Roche-sur-Yon
0%
VilleLaval
0%
VilleLaval
0%
VilleLaval
0%
VilleLaval
0%
VilleLaval
0%
VilleLaval
0%
VilleLaval
0%
VilleLaval
0%
VilleLaval
0%
VilleLaval
0%
VilleLaval
0%
VilleLaval
0%
VilleLe Mans
0%
VilleLe Mans
0%
VilleLe Mans
0%
VilleLe Mans
0%
VilleLe Mans
0%
VilleLe Puy-en-Velay
0%
VilleLe Puy-en-Velay
0%
VilleLe Puy-en-Velay
0%
VilleLe Puy-en-Velay
0%
VilleLe Puy-en-Velay
0%
VilleLe Puy-en-Velay
0%
VilleLe Puy-en-Velay
0%
VilleLe Puy-en-Velay
0%
VilleLe Puy-en-Velay
0%
VilleLimoges
0%
VilleLimoges
0%
VilleLimoges
0%
VilleLons-le-Saunier
0%
VilleLons-le-Saunier
0%
VilleLons-le-Saunier
0%
VilleLons-le-Saunier
0%
VilleLons-le-Saunier
0%
VilleLons-le-Saunier
0%
VilleLons-le-Saunier
0%
VilleLons-le-Saunier
0%
VilleLons-le-Saunier
0%
VilleLons-le-Saunier
0%
VilleLons-le-Saunier
0%
VilleMâcon
0%
VilleMâcon
0%
VilleMâcon
0%
VilleMâcon
0%
VilleMâcon
0%
VilleMâcon
0%
VilleMâcon
0%
VilleMâcon
0%
VilleMâcon
0%
VilleMelun
0%
VilleMelun
0%
VilleMelun
0%
VilleMelun
0%
VilleMelun
0%
VilleMelun
0%
VilleMende
0%
VilleMende
0%
VilleMende
0%
VilleMende
0%
VilleMende
0%
VilleMende
0%
VilleMende
0%
VilleMende
0%
VilleMende
0%
VilleMende
0%
VilleMetz
0%
VilleMetz
0%
VilleMontauban
0%
VilleMontauban
0%
VilleMontauban
0%
VilleMontauban
0%
VilleMontauban
0%
VilleMontauban
0%
VilleMontauban
0%
VilleMontauban
0%
VilleMontauban
0%
VilleMontauban
0%
VilleMontauban
0%
VilleMont-de-Marsan
0%
VilleMont-de-Marsan
0%
VilleMont-de-Marsan
0%
VilleMont-de-Marsan
0%
VilleMont-de-Marsan
0%
VilleMont-de-Marsan
0%
VilleMont-de-Marsan
0%
VilleMont-de-Marsan
0%
VilleMont-de-Marsan
0%
VilleMontpellier
0%
VilleMoulins
0%
VilleMoulins
0%
VilleMoulins
0%
VilleMoulins
0%
VilleMoulins
0%
VilleMoulins
0%
VilleMoulins
0%
VilleMoulins
0%
VilleNancy
0%
VilleNancy
0%
VilleNanterre
0%
VilleNanterre
0%
VilleNanterre
0%
VilleNanterre
0%
VilleNanterre
0%
VilleNanterre
0%
VilleNevers
0%
VilleNevers
0%
VilleNevers
0%
VilleNevers
0%
VilleNevers
0%
VilleNevers
0%
VilleNîmes
0%
VilleNîmes
0%
VilleNîmes
0%
VilleNîmes
0%
VilleNîmes
0%
VilleNiort
0%
VilleNiort
0%
VilleNiort
0%
VilleNiort
0%
VilleNiort
0%
VilleOrléans
0%
VillePau
0%
VillePau
0%
VillePau
0%
VillePau
0%
VillePérigueux
0%
VillePérigueux
0%
VillePérigueux
0%
VillePérigueux
0%
VillePérigueux
0%
VillePérigueux
0%
VillePérigueux
0%
VillePérigueux
0%
VillePérigueux
0%
VillePérigueux
0%
VillePerpignan
0%
VillePerpignan
0%
VillePerpignan
0%
VillePerpignan
0%
VillePoitiers
0%
VillePoitiers
0%
VillePrivas
0%
VillePrivas
0%
VillePrivas
0%
VillePrivas
0%
VillePrivas
0%
VillePrivas
0%
VillePrivas
0%
VillePrivas
0%
VillePrivas
0%
VillePrivas
0%
VilleQuimper
0%
Ville Quimper
0%
VilleRodez
0%
VilleRodez
0%
VilleRodez
0%
VilleRodez
0%
VilleRodez
0%
VilleRodez
0%
VilleRodez
0%
VilleRodez
0%
VilleRodez
0%
VilleRodez
0%
VilleRouen
0%
VilleSaint-Brieuc
0%
VilleSaint-Brieuc
0%
VilleSaint-Brieuc
0%
VilleSaint-Brieuc
0%
VilleSaint-Brieuc
0%
VilleSaint-Brieuc
0%
VilleSaint-Brieuc
0%
VilleSaint-Brieuc
0%
VilleSaint-Brieuc
0%
VilleSaint-Brieuc
0%
VilleSaint-Étienne
0%
VilleSaint-Étienne
0%
VilleSaint-Étienne
0%
VilleSaint-Étienne
0%
VilleSaint-Étienne
0%
VilleSaint-Lô
0%
VilleSaint-Lô
0%
VilleSaint-Lô
0%
VilleSaint-Lô
0%
VilleSaint-Lô
0%
VilleSaint-Lô
0%
VilleSaint-Lô
0%
VilleSaint-Lô
0%
VilleSaint-Lô
0%
VilleSaint-Lô
0%
VilleSaint-Lô
0%
VilleTarbes
0%
VilleTarbes
0%
VilleTarbes
0%
VilleTarbes
0%
VilleTarbes
0%
VilleTarbes
0%
VilleTarbes
0%
VilleTarbes
0%
VilleTarbes
0%
VilleToulon
0%
VilleToulon
0%
VilleTours
0%
VilleTours
0%
VilleTroyes
0%
VilleTroyes
0%
VilleTroyes
0%
VilleTroyes
0%
VilleTroyes
0%
VilleTulle
0%
VilleTulle
0%
VilleTulle
0%
VilleTulle
0%
VilleTulle
0%
VilleTulle
0%
VilleTulle
0%
VilleTulle
0%
VilleTulle
0%
VilleTulle
0%
VilleValence
0%
VilleValence
0%
VilleValence
0%
VilleValence
0%
VilleValence
0%
VilleValence
0%
VilleVannes
0%
VilleVannes
0%
VilleVannes
0%
VilleVannes
0%
VilleVannes
0%
VilleVannes
0%
VilleVannes
0%
VilleVannes
0%
VilleVersailles
0%
VilleVesoul
0%
VilleVesoul
0%
VilleVesoul
0%
VilleVesoul
0%
VilleVesoul
0%
VilleVesoul
0%
VilleVesoul
0%
VilleVesoul
0%
VilleVesoul
0%
VilleVille mystère (Auxerre)
0%
VilleVille mystère (Bourges)
0%
VilleVille mystère (Chambéry)
0%
VilleVille mystère (Chartres)
0%
VilleVille mystère (Châteauroux)
0%
VilleVille mystère (Chaumont)
0%
VilleVille mystère (Le Puy-en-Velay)
0%
VilleVille mystère (Lons-le-Saunier)
0%
VilleVille mystère (Moulins)
0%
VilleVille mystère (Privas)
0%
VilleVille mystère (Troyes)
0%
VilleVille mystère (Vesoul)
0%

Distribution des résultats

Percentile par nombre de réponses

% des personnes avec chaque résultat

Votre développement - résultats

Vous n’avez pas pris ce quiz